Statistics for ALL Cities/Settlements of Slovenia on a Map

Click here to take the quiz!

General Stats

  • This quiz has been taken 617 times
  • The average score is 89 of 6035

Answers on the Map

Answers color-coded by a green-red scale on the quiz's map according to % correct below.
 

Answer Stats

MunicipalitySettlement% Correct
LjubljanaLjubljana
88%
MariborMaribor
61%
KoperKoper
47%
CeljeCelje
40%
Ilirska BistricaČelje
40%
BledBled
37%
KranjKranj
37%
Novo MestoNovo mesto
36%
PiranPiran
34%
PtujPtuj
32%
IzolaIzola
30%
Gornji Grad | Kočevje | Krško | MedvodeDol
28%
Murska SobotaMurska Sobota
28%
DomžaleDob
27%
KobaridKrn
26%
Nova GoricaNova Gorica
26%
Kranjska Gora | Lukovica | Mokronog-Trebelno | +3 othersLog
25%
PiranPortorož
25%
VelenjeVelenje
25%
AnkaranAnkaran
24%
Cerklje na Gorenjskem | GradGrad
24%
Kanal ob SočiJesen
24%
PostojnaPostojna
24%
Brežice | JeseniceJesenice
22%
KamnikKamnik
22%
IgIg
21%
Kranjska GoraKranjska Gora
21%
Loška Dolina | Velike Lašče | Zagorje ob Savi | +2 othersVrh
21%
LendavaLendava
20%
DomžaleDomžale
19%
KrškoKrško
18%
Ajdovščina | Cerklje na Gorenjskem | Cerknica | +4 othersRavne
18%
Škofja LokaŠkofja Loka
18%
AjdovščinaAjdovščina
17%
Hrastnik | IdrijaGore
17%
Krško | Moravče | Puconci | +2 othersGorica
17%
Kočevje | PostojnaKoče
17%
Slovenj GradecSlovenj Gradec
17%
Slovenska BistricaSlovenska Bistrica
17%
TolminTolmin
17%
VrhnikaVrhnika
17%
BovecBovec
16%
IdrijaIdrija
16%
Ilirska BistricaIlirska Bistrica
16%
KočevjeKočevje
16%
LogatecLogatec
16%
Brežice | Pivka | RibnicaRibnica
16%
Idrija | Metlika | ŠentjurDole
15%
DravogradDravograd
15%
KobaridKobarid
15%
KamnikKostanj
15%
LaškoLaško
15%
OrmožOrmož
15%
SežanaSežana
15%
TrbovljeTrbovlje
15%
Trnovska VasBiš
14%
ČrnomeljČrnomelj
14%
LitijaLitija
14%
Mokronog-TrebelnoMost
14%
Bloke | Ivančna Gorica | Miren-Kostanjevica | +2 othersNova vas
14%
Rogaška SlatinaRogaška Slatina
14%
Ajdovščina | Koper | ŠentjernejŠmarje
14%
ŠentjurTrno
14%
BrežiceBrežice
13%
ŠentrupertKostanjevica
13%
LjutomerLjutomer
13%
PiranLucija
13%
Kozje | Pivka | Sveti TomažZagorje
13%
Kozje | Litija | Naklo | +2 othersBistrica
12%
BohinjBohinjska Bistrica
12%
Hrpelje-Kozina | Radovljica | Velika Polana | Šmarješke TopliceBrezovica
12%
CerknicaCerknica
12%
GrosupljeGrosuplje
12%
Kanal ob SočiKanal
12%
Hrpelje-KozinaKozina
12%
MedvodeMedvode
12%
MetlikaMetlika
12%
Miren-KostanjevicaMiren
12%
KočevjeSeč
12%
BlokeSveta Trojica
12%
Črna na KoroškemČrna na Koroškem
11%
Gornja RadgonaGornja Radgona
11%
Hrastnik | Moravče | VojnikHrastnik
11%
Ig | LendavaKot
11%
Komenda | Sevnica | Sežana | TrebnjeKriž
11%
Mokronog-TrebelnoMokronog
11%
PivkaPivka
11%
Rače-FramRače
11%
Slovenske KonjiceSlovenske Konjice
11%
Ivančna Gorica | Slovenj GradecStari trg
11%
RogašovciSveti Jurij
11%
TrebnjeTrebnje
11%
Kostel | Radlje ob DraviVas
11%
KočevjeVrt
11%
BorovnicaBorovnica
10%
Rače-FramFram
10%
KomenKomen
10%
Koper | Starše | Tržič | ŠentjernejLoka
10%
Moravske TopliceMoravske Toplice
10%
PodčetrtekPodčetrtek
10%
RadenciRadenci
10%
Ruše | ŽalecRuše
10%
PiranSečovlje
10%
ŠentjurŠentjur
10%
Brda | Cerklje na GorenjskemŠmartno
10%
ŠoštanjŠoštanj
10%
PiranStrunjan
10%
Dobrepolje | TržičTržič
10%
VipavaVipava
10%
ŽalecŽalec
10%
ŽiriŽiri
10%
Apače | KidričevoApače
9%
BeltinciBeltinci
9%
DivačaDivača
9%
Celje | Dobrova–Polhov Gradec | KrškoDobrova
9%
Puconci | TržičDolina
9%
Log-DragomerDragomer
9%
Cerknica | KrškoGora
9%
Hrpelje-KozinaHrpelje
9%
Hrastnik | Ivančna Gorica | Pivka | +3 othersKal
9%
MengešMengeš
9%
Miklavž na Dravskem PoljuMiklavž na Dravskem polju
9%
Dobrova–Polhov GradecPolhov Gradec
9%
Cerkno | Rečica ob SavinjiPoljane
9%
RadovljicaRadovljica
9%
SevnicaSevnica
9%
MirnaŠevnica
9%
BovecSoča
9%
VojnikSocka
9%
Šempeter-VrtojbaVrtojba
9%
Metlika | ŽeleznikiŽelezniki
9%
Majšperk | Mežica | Sevnica | ŽirovnicaBreg
8%
IgBrest
8%
TrebnjeČatež
8%
CerknoCerkno
8%
Izola | Križevci | Ormož | +3 othersDobrava
8%
DobrovnikDobrovnik
8%
Gorenja Vas–Poljane | Ivančna Gorica | Kanal ob Soči | +2 othersGorenja vas
8%
Ajdovščina | Kamnik | TržičGozd
8%
HodošHodoš
8%
Preddvor | Črnomelj | Šmarješke TopliceHrib
8%
Ivančna GoricaIvančna Gorica
8%
LjutomerJeruzalem
8%
KidričevoKidričevo
8%
Brežice | Novo Mesto | TržičKriže
8%
KuzmaKuzma
8%
Loška DolinaLož
8%
MirnaMirna
8%
TolminMost na Soči
8%
MozirjeMozirje
8%
MutaMuta
8%
KungotaPesnica
8%
Ajdovščina | Ivančna Gorica | Kostel | +3 othersPlanina
8%
Idrija | Kamnik | Kostel | +4 othersPotok
8%
RadečeRadeče
8%
Radlje ob DraviRadlje ob Dravi
8%
Kranjska GoraRateče
8%
Ravne na KoroškemRavne na Koroškem
8%
Renče–VogrskoRenče
8%
ZrečeRogla
8%
Ajdovščina | Krško | Moravske Toplice | +2 othersSelo
8%
Moravske TopliceSredišče
8%
MirnaStan
8%
Mokronog-TrebelnoTrebelno
8%
Ajdovščina | Dobrepolje | VodiceVodice
8%
ŽužemberkŽužemberk
8%
Loška DolinaBabno Polje
7%
Ajdovščina | KamnikBela
7%
Cerknica | Mozirje | Novo Mesto | +4 othersBrezje
7%
ApačeČrnci
7%
KoperČrni Kal
7%
Ajdovščina | Domžale | SežanaDolenje
7%
Kočevje | Lukovica | Postojna | Šmartno ob PakiGorenje
7%
Krško | PivkaGradec
7%
Moravske TopliceKrnci
7%
Brežice | Gorenja Vas–Poljane | Logatec | +3 othersLaze
7%
DivačaLaže
7%
MislinjaMislinja
7%
GrosupljePeč
7%
CirkulanePohorje
7%
Bohinj | TolminPolje
7%
Lukovica | PrevaljePrevalje
7%
KostelPuc
7%
KostelRake
7%
LitijaSava
7%
BlokeTopol
7%
Trnovska VasTrnovska vas
7%
TrzinTrzin
7%
DravogradVič
7%
Dobrepolje | Dol pri Ljubljani | KrškoVidem
7%
Ivančna GoricaVišnja Gora
7%
Dobrna | Lukovica | ŽirovnicaVrba
7%
Laško | TrebnjeZidani Most
7%
VeržejBanovci
6%
BenediktBenedikt
6%
Domžale | Nazarje | Nova Gorica | +3 othersBrdo
6%
CerkvenjakCerkvenjak
6%
DestrnikDestrnik
6%
Cerknica | Divača | Novo Mesto | +4 othersDolenja vas
6%
Dolenjske TopliceDolenjske Toplice
6%
PiranDragonja
6%
IzolaJagodje
6%
Brezovica | TrebnjeJezero
6%
Gornji PetrovciKriževci
6%
Ivančna GoricaKrka
6%
RadovljicaLesce
6%
Sežana | Škofja LokaLipica
6%
RadovljicaLjubno
6%
Markovci | ŠalovciMarkovci
6%
Divača | Naklo | ČrnomeljNaklo
6%
Cerknica | MetlikaOtok
6%
Kranj | Rače-FramPlanica
6%
Gornja Radgona | Ilirska Bistrica | Ljubljana | +2 othersPodgrad
6%
CerknicaRakek
6%
RogatecRogatec
6%
Središče ob Dravi | ŠalovciŠalovci
6%
PiranSeča
6%
SemičSemič
6%
ŠenčurŠenčur
6%
ŠentjernejŠentjernej
6%
Braslovče | Laško | ŠentrupertŠentrupert
6%
Nova GoricaSolkan
6%
DuplekSpodnji Duplek
6%
BlokeSveti Duh
6%
Sveti TomažSveti Tomaž
6%
Nova Gorica | Sežana | TaborTabor
6%
TišinaTišina
6%
CerknicaUnec
6%
Renče–VogrskoVogrsko
6%
VuzenicaVuzenica
6%
Zagorje ob SaviZagorje ob Savi
6%
DuplekZgornji Duplek
6%
ZrečeZreče
6%
BledBohinjska Bela
5%
Radovljica | Slovenj GradecBrda
5%
BohinjBrod
5%
CankovaCankova
5%
CirkulaneCirkulane
5%
ČrenšovciČrenšovci
5%
Loška Dolina | RibnicaDane
5%
DornavaDornava
5%
Ljubljana | Šmarje pri Jelšah | Šmartno pri Litiji | ŽužemberkDvor
5%
Bloke | KostelFara
5%
Brežice | Slovenska Bistrica | Šmarje pri JelšahGaj
5%
GorišnicaGorišnica
5%
Grosuplje | Kozje | Slovenj Gradec | +5 othersGradišče
5%
HorjulHorjul
5%
KoperHrvatini
5%
IgIška
5%
Dol pri Ljubljani | MariborKamnica
5%
KamnikKamniška Bistrica
5%
DobrnaKlanc
5%
KobiljeKobilje
5%
KomendaKomenda
5%
IzolaKorte
5%
Loška DolinaKozarišče
5%
Celje | Ivančna Gorica | Novo Mesto | Slovenska BistricaLeskovec
5%
MariborLimbuš
5%
SolčavaLogarska Dolina
5%
Lovrenc na PohorjuLovrenc na Pohorju
5%
Grosuplje | LučeLuče
5%
Dobrepolje | GorišnicaMala vas
5%
Loška DolinaMarkovec
5%
MežicaMežica
5%
Mirna PečMirna Peč
5%
Kranjska GoraMojstrana
5%
MoravčeMoravče
5%
Komenda | ŽirovnicaMoste
5%
Krško | RibnicaNemška vas
5%
Središče ob DraviObrež
5%
OdranciOdranci
5%
OsilnicaOsilnica
5%
Dobrepolje | Gorenja Vas–Poljane | Ravne na Koroškem | +2 othersPodgora
5%
Apače | Kamnik | Koper | +2 othersPodgorje
5%
PoljčanePoljčane
5%
VojnikPolže
5%
Slovenska BistricaPragersko
5%
PostojnaPredjama
5%
Braslovče | Brezovica | Nova GoricaPreserje
5%
PuconciPuconci
5%
KrškoRavni
5%
Cerkno | LaškoReka
5%
ČrnomeljRim
5%
Velike LaščeRob
5%
Osilnica | Podčetrtek | Sežana | +2 othersSela
5%
Šempeter-VrtojbaŠempeter pri Gorici
5%
Rečica ob Savinji | SevnicaŠentjanž
5%
Divača | Domžale | Grosuplje | +2 othersŠkocjan
5%
ŠkofljicaŠkofljica
5%
Sevnica | Tržič | VipavaSlap
5%
Ilirska BistricaSnežnik
5%
Hoče-SlivnicaSpodnje Hoče
5%
Središče ob DraviSredišče ob Dravi
5%
PostojnaStara vas
5%
Loška DolinaStari trg pri Ložu
5%
Cerkno | Lukovica | Straža | ŠentrupertStraža
5%
Postojna | Sevnica | TrebnjeStudenec
5%
BovecTrenta
5%
LukovicaTrojane
5%
TurniščeTurnišče
5%
BohinjUkanc
5%
Bloke | Cirkulane | Šmartno ob PakiVeliki Vrh
5%
VeržejVeržej
5%
OrmožVitan
5%
VranskoVransko
5%
Bovec | Kamnik | Velike LaščeŽaga
5%
ZavrčZavrč
5%
Bloke | Lenart | Litija | TrebnjeZavrh
5%
KungotaZgornja Kungota
5%
JezerskoZgornje Jezersko
5%
Idrija | Sevnica | ŽirovnicaŽirovnica
5%
Loška DolinaBabna Polica
4%
KoperBertoki
4%
CerknicaBloška Polica
4%
KamnikBuč
4%
KoperDekani
4%
Kostanjevica na KrkiDobe
4%
BrežiceDobova
4%
Dol pri LjubljaniDol pri Ljubljani
4%
KamnikGodič
4%
Kranj | PostojnaGoriče
4%
CerknoGorje
4%
Gornji GradGornji Grad
4%
Kranjska GoraGozd Martuljek
4%
CerknicaGrahovo
4%
Kranj | Maribor | Šentjernej | ŠentjurHrastje
4%
Velenje | ZavrčHrastovec
4%
BlokeHudi Vrh
4%
LjubljanaJavor
4%
Lukovica | Šmartno pri LitijiJelša
4%
Ilirska BistricaJelšane
4%
Sveti Jurij v Slovenskih GoricahJurovski Dol
4%
JuršinciJuršinci
4%
KostelKostel
4%
KozjeKozje
4%
Beltinci | Dobrepolje | Lukovica | +2 othersLipa
4%
MajšperkMajšperk
4%
MakoleMakole
4%
LjutomerMala Nedelja
4%
MariborMalečnik
4%
BlokeMetulje
4%
Loška DolinaNadlesk
4%
VipavaNanos
4%
OplotnicaOplotnica
4%
RadovljicaOtoče
4%
Novo MestoOtočec
4%
Dobrepolje | VitanjePaka
4%
PiranParecag
4%
PesnicaPernica
4%
LendavaPince
4%
KungotaPlač
4%
OplotnicaPobrež
4%
Videm | ČrnomeljPobrežje
4%
Kranjska GoraPodkoren
4%
PodlehnikPodlehnik
4%
Brezovica | Dobrepolje | KoperPodpeč
4%
PodvelkaPodvelka
4%
PolzelaPolzela
4%
Brežice | Cerknica | Dobrepolje | +2 othersPonikve
4%
PreddvorPreddvor
4%
Ilirska BistricaPrem
4%
Borovnica | Cirkulane | Ljutomer | +5 othersPristava
4%
MajšperkPtujska Gora
4%
BlokeRadlek
4%
Murska SobotaRakičan
4%
BrezovicaRakitna
4%
CerknicaRakov Škocjan
4%
Ljubljana | Velike LaščeRašica
4%
Bloke | ŠentrupertRavnik
4%
Slovenska BistricaRep
4%
LitijaRibče
4%
LaškoRimske Toplice
4%
DivačaSenožeče
4%
ŠentiljSladki Vrh
4%
BlokeSleme
4%
Šmarje pri JelšahŠmarje pri Jelšah
4%
Šmartno pri LitijiŠmartno pri Litiji
4%
SodražicaSodražica
4%
SolčavaSolčava
4%
JezerskoSpodnje Jezersko
4%
Radovljica | SemičSrednja vas
4%
KomenŠtanjel
4%
StaršeStarše
4%
Bloke | Laško | PostojnaStrmca
4%
Idrija | Litija | Luče | Velike LaščeStrmec
4%
Postojna | ŽeleznikiStudeno
4%
Sveti Jurij ob ŠčavniciSveti Jurij ob Ščavnici
4%
CerknicaSveti Vid
4%
Laško | Nova GoricaTrnovo
4%
Velike LaščeTurjak
4%
Bloke | Velike LaščeUlaka
4%
Velika PolanaVelika Polana
4%
BlokeVelike Bloke
4%
Velike LaščeVelike Lašče
4%
DomžaleVir
4%
VitanjeVitanje
4%
Bloke | BrežiceVolčje
4%
ŽetaleŽetale
4%
Hoče-SlivnicaZgornje Hoče
4%
BlokeAndrejčje
3%
ŽalecArja vas
3%
Murska SobotaBakovci
3%
CerknicaBeč
3%
RadovljicaBegunje na Gorenjskem
3%
CerknicaBegunje pri Cerknici
3%
BlokeBenete
3%
Vrhnika | Črna na KoroškemBistra
3%
RušeBistrica ob Dravi
3%
CerknicaBločice
3%
BlokeBočkovo
3%
SežanaBogo
3%
Nova GoricaBranik
3%
BraslovčeBraslovče
3%
MariborBresternica
3%
Prevalje | ŽirovnicaBreznica
3%
BrezovicaBrezovica pri Ljubljani
3%
BrežiceČatež ob Savi
3%
Cerklje na GorenjskemCerklje na Gorenjskem
3%
BovecČezsoča
3%
AjdovščinaCol
3%
LjubljanaČrna vas
3%
Dobrova–Polhov Gradec | Idrija | TaborČrni Vrh
3%
LjutomerCven
3%
Kanal ob SočiDeskle
3%
Gorenja Vas–Poljane | Grosuplje | LitijaDobje
3%
DobrnaDobrna
3%
BeltinciDokležovje
3%
CerknicaDolenje Jezero
3%
Loška DolinaDolenje Poljane
3%
Kočevje | LendavaDolga vas
3%
Destrnik | KuzmaDolič
3%
Ig | Loški Potok | Nova Gorica | +3 othersDraga
3%
KostelDren
3%
Gorenja Vas–PoljaneFužine
3%
BlokeGlina
3%
BlokeGodičevo
3%
IgGolo
3%
CerknicaGorenje Jezero
3%
Gornji PetrovciGornji Petrovci
3%
Apače | Središče ob DraviGrabe
3%
KoperGradin
3%
BlokeGradiško
3%
BlokeHiteno
3%
ŠentrupertHom
3%
BlokeHribarjevo
3%
Ilirska Bistrica | Jesenice | Novo MestoHrušica
3%
Loška DolinaIga vas
3%
DomžaleIhan
3%
IgIška vas
3%
CerknicaIvanje selo
3%
Mirna PečJablan
3%
BlokeJeršanovo
3%
Loška DolinaKlance
3%
Loška DolinaKnežja Njiva
3%
OrmožKog
3%
LitijaKonj
3%
JeseniceKoroška Bela
3%
Kostanjevica na KrkiKostanjevica na Krki
3%
SodražicaKotel
3%
BlokeKramplje
3%
Murska SobotaKrog
3%
BlokeLahovo
3%
BlokeLepi Vrh
3%
BeltinciLipovci
3%
Brežice | Celje | Slovenske KonjiceLoče
3%
BovecLog pod Mangartom
3%
Krško | Nova Gorica | Straža | TaborLoke
3%
BlokeLovranovo
3%
PuconciMačkovci
3%
IzolaMalija
3%
BlokeMalni
3%
KoperMarezige
3%
CerknicaMartinjak
3%
BlokeMramorovo pri Lužarjih
3%
BlokeMramorovo pri Pajkovem
3%
NazarjeNazarje
3%
BlokeNemška vas na Blokah
3%
SevnicaNovi Grad
3%
BlokeOgrada
3%
PodčetrtekOlimje
3%
KoperOsp
3%
Cerknica | Velike Lašče | Zagorje ob Savi | ŠentjurOsredek
3%
PesnicaPesnica pri Mariboru
3%
LendavaPetišovci
3%
KoperPlavje
3%
Bistrica ob Sotli | MoravčePles
3%
ŽužemberkPleš
3%
Loška DolinaPodgora pri Ložu
3%
TržičPodljubelj
3%
Loška DolinaPodlož
3%
CerknicaPodskrajnik
3%
KozjePodsreda
3%
ŽalecPodvin
3%
PtujPodvinci
3%
Hoče-Slivnica | Laško | Murska SobotaPolana
3%
BlokePolšeče
3%
ŠentjurPonikva
3%
SevnicaPrimož
3%
Loška DolinaPudob
3%
Murska SobotaPušča
3%
DomžaleRadomlje
3%
Koper | ŠentjurRakitovec
3%
BlokeRavne na Blokah
3%
Postojna | ŠentjernejRazdrto
3%
RazkrižjeRazkrižje
3%
MariborRazvanje
3%
Ilirska BistricaRečica
3%
BohinjRibčev Laz
3%
Ribnica na PohorjuRibnica na Pohorju
3%
BledRibno
3%
RogašovciRogašovci
3%
Dobrova–Polhov GradecRovt
3%
Logatec | RadovljicaRovte
3%
BlokeRožanče
3%
BlokeRunarsko
3%
Ivančna GoricaSad
3%
IzolaŠared
3%
Lenart | Litija | Lukovica | +3 othersSelce
3%
Slovenj Gradec | ŠentjurSele
3%
Selnica ob DraviSelnica ob Dravi
3%
ŠentjernejŠentjakob
3%
KomenŠkofi
3%
BlokeŠkrabče
3%
BlokeŠkufče
3%
Cirkulane | Kungota | Šmartno ob PakiSlatina
3%
CerknicaSlivice
3%
HajdinaSlovenja vas
3%
Brežice | Kočevje | Pivka | ŠentrupertSlovenska vas
3%
Loška DolinaŠmarata
3%
GrosupljeŠmarje-Sap
3%
Šmarješke TopliceŠmarješke Toplice
3%
HajdinaSpodnja Hajdina
3%
IdrijaSpodnja Idrija
3%
Cerklje na GorenjskemSpodnji Brnik
3%
Ilirska BistricaStarod
3%
Ivančna GoricaStična
3%
ŠtoreŠtore
3%
BlokeŠtorovo
3%
BlokeStudenec na Blokah
3%
BlokeStudeno na Blokah
3%
Škofja LokaSuha
3%
Loška DolinaSveta Ana pri Ložu
3%
LitijaVače
3%
OrmožVelika Nedelja
3%
MoravčeVelika vas
3%
ČrnomeljVinica
3%
Loška DolinaViševek
3%
Ig | ŠenčurVisoko
3%
VojnikVojnik
3%
Dravograd | Šmartno pri LitijiVrata
3%
Celje | Novo Mesto | Slovenj GradecVrhe
3%
Loška DolinaVrhnika pri Ložu
3%
Hrpelje-Kozina | VipavaVrhpolje
3%
Bloke | TolminZakraj
3%
Cerknica | ŽeleznikiZala
3%
BlokeZales
3%
CerknicaZelše
3%
Črna na KoroškemŽerjav
3%
CerknicaŽerovnica
3%
Cerklje na GorenjskemZgornji Brnik
3%
StaršeZlatoličje
3%
KoperAbitanti
2%
Cerklje na GorenjskemAdergas
2%
ČrnomeljAdlešiči
2%
Ivančna GoricaAmbrus
2%
Kanal ob SočiAnhovo
2%
BrežiceArtiče
2%
LjutomerBabinci
2%
Ilirska BistricaBač
2%
IzolaBaredi
2%
AjdovščinaBatuje
2%
BovecBavšica
2%
CerknicaBečaje
2%
Kranjska GoraBelca
2%
Brda | Medvode | Šmarje pri JelšahBelo
2%
RušeBezena
2%
CerknicaBezuljak
2%
TrebnjeBič
2%
Miren-KostanjevicaBilje
2%
Bistrica ob SotliBistrica ob Sotli
2%
BrežiceBizeljsko
2%
LukovicaBlagovica
2%
SevnicaBlanca
2%
Slovenske Konjice | TrebnjeBlato
2%
Šmartno pri LitijiBogenšperk
2%
Moravske TopliceBogojina
2%
MarkovciBorovci
2%
Brežice | Koper | MetlikaBoršt
2%
DornavaBratislavci
2%
Sveti TomažBratonečice
2%
Ravne na KoroškemBrdinje
2%
OrmožBresnica
2%
KrškoBrestanica
2%
RibnicaBreže
2%
Laško | PodvelkaBrezno
2%
Dornava | PuconciBrezovci
2%
CirkulaneBrezovec
2%
MetlikaBrezovica pri Metliki
2%
Litija | SevnicaBrezovo
2%
Dol pri Ljubljani | ŠentrupertBrinje
2%
KranjBritof
2%
AjdovščinaBrje
2%
KozjeBuče
2%
LjutomerBučkovci
2%
MarkovciBukovci
2%
Brežice | Dravograd | PostojnaBukovje
2%
KranjČadovlje
2%
CerknicaCajnarje
2%
ŠalovciČepinci
2%
KoperCepki
2%
KoperCerej
2%
BrežiceCerklje ob Krki
2%
Dolenjske Toplice | Sevnica | ŠentjurCerovec
2%
ŠentiljCeršak
2%
Ajdovščina | Dobrepolje | Krško | TrebnjeCesta
2%
IzolaCetore
2%
LjutomerCezanjevci
2%
KidričevoCirkovce
2%
CerknicaČohovo
2%
Slovenska Bistrica | VojnikČrešnjevec
2%
RibnicaČrnec
2%
AjdovščinaČrniče
2%
KoperČrnotiče
2%
GorišnicaCunkovci
2%
OrmožCvetkovci
2%
ŽeleznikiDavča
2%
LjutomerDesnjak
2%
CerknicaDobec
2%
RadovljicaDobro Polje
2%
Ilirska BistricaDobropolje
2%
BrdaDobrovo
2%
MariborDogoše
2%
CirkulaneDolane
2%
ŠalovciDolenci
2%
CerknicaDolenje Otave
2%
LendavaDolgovaške Gorice
2%
ČrenšovciDolnja Bistrica
2%
Dol pri LjubljaniDolsko
2%
Kranjska GoraDovje
2%
ČrnomeljDragatuš
2%
DomžaleDragomelj
2%
OrmožDrakšl
2%
ŠentjurDramlje
2%
HajdinaDraženci
2%
ŽeleznikiDražgoše
2%
VrhnikaDrenov Grič
2%
KobaridDrežnica
2%
SežanaDutovlje
2%
Ruše | Selnica ob DraviFala
2%
Moravske TopliceFokovci
2%
GorišnicaFormin
2%
OrmožFrankovci
2%
Ivančna GoricaFužina
2%
Ajdovščina | LendavaGaberje
2%
Dobrova–Polhov Gradec | Novo Mesto | Sevnica | TolminGabrje
2%
GorišnicaGajevci
2%
KriževciGajševci
2%
BeltinciGančani
2%
KoperGažon
2%
HajdinaGerečja vas
2%
Razkrižje | Sveti Andraž v Slovenskih GoricahGibina
2%
KoperGlem
2%
Brežice | Laško | RadovljicaGloboko
2%
IdrijaGodovič
2%
KranjGolnik
2%
Destrnik | MirnaGomila
2%
CerknicaGorenje Otave
2%
CerknicaGoričice
2%
ČrenšovciGornja Bistrica
2%
MislinjaGornji Dolič
2%
MetlikaGradac
2%
KungotaGradiška
2%
PtujGrajena
2%
PtujGrajenščak
2%
Kostanjevica na Krki | RibnicaGrič
2%
Ivančna Gorica | KoperGrintovec
2%
CirkulaneGruškovec
2%
HajdinaHajdoše
2%
OrmožHajndl
2%
OrmožHardek
2%
Hoče-SlivnicaHočko Pohorje
2%
LendavaHotiza
2%
Sveti TomažHranjigovci
2%
KoperHrastovlje
2%
CerknicaHruškarje
2%
Domžale | Novo Mesto | TržičHudo
2%
BrdaHum
2%
OrmožIvanjkovci
2%
BeltinciIžakovci
2%
Zagorje ob SaviIzlake
2%
Ilirska Bistrica | SevnicaJablanica
2%
Kranj | Novo MestoJama
2%
PesnicaJareninski Dol
2%
Domžale | Ilirska BistricaJasen
2%
Gorenja Vas–Poljane | Hrpelje-Kozina | Velike Lašče | +3 othersJavorje
2%
Idrija | Kranj | ŠtoreJavornik
2%
Ribnica | Tržič | ŠkocjanJelendol
2%
CerknicaJeršiče
2%
CerknoJesenica
2%
LitijaJevnica
2%
Krško | LogatecKalce
2%
Ajdovščina | Bohinj | ŠentrupertKamnje
2%
ŠentiljKaniža
2%
TaborKapla
2%
KoperKastelec
2%
PtujKicar
2%
KomendaKlanec
2%
KočevjeKleč
2%
TolminKneža
2%
Ilirska BistricaKnežak
2%
KočevjeKočevska Reka
2%
BrdaKojsko
2%
PreddvorKokra
2%
KoperKolomban
2%
Kostanjevica na Krki | Kočevje | ŽiriKoprivnik
2%
Sveti TomažKoračice
2%
Bled | Brežice | Majšperk | OplotnicaKoritno
2%
CerknicaKorošče
2%
CerknicaKoščake
2%
Ilirska Bistrica | VodiceKoseze
2%
KoperKoštabona
2%
Miren-KostanjevicaKostanjevica na Krasu
2%
Ravne na KoroškemKotlje
2%
MislinjaKozjak
2%
CerknicaKožljek
2%
TišinaKrajna
2%
CerknicaKranjče
2%
LjutomerKrapje
2%
OrmožKrčevina
2%
KrškoKremen
2%
CerknicaKremenca
2%
LitijaKresnice
2%
KriževciKriževci pri Ljutomeru
2%
Gorje | Koper | LučeKrnica
2%
HrastnikKrnice
2%
Nova GoricaKromberk
2%
RadovljicaKropa
2%
Domžale | TrebnjeKrtina
2%
KoperKubed
2%
KidričevoKungota pri Ptuju
2%
OrmožLahonci
2%
VidemLancova vas
2%
Borovnica | ŽužemberkLašče
2%
ŠkofljicaLavrica
2%
CerknicaLaze pri Gorenjem Jezeru
2%
Cerkno | MariborLaznica
2%
IdrijaLedine
2%
LenartLenart v Slov. goricah
2%
LendavaLendavske Gorice
2%
BovecLepena
2%
Litija | Prevalje | TržičLeše
2%
Novo Mesto | OrmožLešnica
2%
DravogradLibeliče
2%
LjubljanaLipe
2%
Ribnica | Semič | Šmarje pri JelšahLipovec
2%
CerknicaLipsenj
2%
KobaridLivek
2%
LjubnoLjubno ob Savinji
2%
Trnovska VasLočič
2%
Ajdovščina | Laško | Sveta AnaLokavec
2%
Krško | Nova Gorica | ČrnomeljLokve
2%
MežicaLom
2%
OrmožLoperšice
2%
LenartLormanje
2%
KidričevoLovrenc na Dravskem polju
2%
Laško | VipavaLože
2%
KriževciLukavci
2%
CerknicaMahneti
2%
Domžale | TrebnjeMala Loka
2%
Velika PolanaMala Polana
2%
Sveti TomažMala vas pri Ormožu
2%
Velike LaščeMale Lašče
2%
Loški PotokMali Log
2%
CirkulaneMali Okič
2%
Brežice | Mirna Peč | Šmartno ob PakiMali Vrh
2%
Sveti Jurij v Slovenskih GoricahMalna
2%
StaršeMarjeta na Dravskem polju
2%
Murska SobotaMarkišavci
2%
Hrpelje-KozinaMaterija
2%
KranjMavčiče
2%
LjubljanaMedno
2%
KamnikMekinje
2%
BeltinciMelinci
2%
PtujMestni Vrh
2%
OrmožMiklavž pri Ormožu
2%
LenartMočna
2%
Rače-FramMorje
2%
GorišnicaMoškanjci
2%
Juršinci | LendavaMostje
2%
LjutomerMota
2%
Ivančna GoricaMuljava
2%
GorišnicaMuretinci
2%
Gornja RadgonaNegova
2%
Murska SobotaNemčavci
2%
Nova GoricaNemci
2%
Moravske TopliceNoršinci
2%
LjutomerNoršinci pri Ljutomeru
2%
BrezovicaNotranje Gorice
2%
MarkovciNova vas pri Markovcih
2%
Loški PotokNovi Kot
2%
IzolaNožed
2%
Brežice | RadečeObrežje
2%
Cerkno | PostojnaOrehek
2%
Hoče-SlivnicaOrehova vas
2%
OrmožOsluševci
2%
CerknicaOtonica
2%
PodvelkaOžbalt
2%
PtujPacinje
2%
PiranPadna
2%
VelenjePaka pri Velenju
2%
Slovenj GradecPameče
2%
CirkulaneParadiž
2%
OrmožPavlovci
2%
OrmožPavlovski Vrh
2%
MakolePečke
2%
Velike LaščePečki
2%
Nova GoricaPedrovo
2%
Maribor | TrebnjePekel
2%
MariborPekre
2%
RogašovciPertoča
2%
CerknicaPikovnik
2%
LendavaPince-Marof
2%
AjdovščinaPlače
2%
GorišnicaPlacerovci
2%
Kidričevo | KrškoPleterje
2%
BovecPlužna
2%
CerknoPoče
2%
PoljčanePodboč
2%
NakloPodbrezje
2%
Loška DolinaPodcerkev
2%
OrmožPodgorci
2%
Dobrepolje | SevnicaPodgorica
2%
GorjePodhom
2%
Sodražica | Črnomelj | ŽiriPodklanec
2%
Ajdovščina | Hrastnik | Ig | +3 othersPodkraj
2%
VipavaPodnanos
2%
SolčavaPodolševa
2%
CerknicaPodslivnica
2%
Dobrova–Polhov GradecPodsmreka
2%
DornavaPolenšak
2%
Kamnik | PrevaljePoljana
2%
KoperPopetre
2%
Ajdovščina | Divača | PreddvorPotoče
2%
Jesenice | Kobarid | SemičPotoki
2%
KoperPrade
2%
Dobrova–Polhov Gradec | Koper | Ribnica | SemičPraproče
2%
SemičPraprot
2%
PreboldPrebold
2%
KočevjePredgrad
2%
AjdovščinaPredmeja
2%
DomžalePrelog
2%
PostojnaPrestranek
2%
Sveti TomažPršetinci
2%
MarkovciPrvenci
2%
PuconciPuževci
2%
LenartRadehova
2%
Hoče-SlivnicaRadizel
2%
LjutomerRadoslavci
2%
LučeRaduha
2%
Sveti TomažRakovci
2%
Sevnica | ŠentjurRazbor
2%
CerknicaReparje
2%
Loški PotokRetje
2%
Slovenska BistricaRitoznoj
2%
KoperRižana
2%
SolčavaRobanov Kot
2%
Hoče-SlivnicaRogoza
2%
MetlikaRosalnice
2%
StaršeRošnja
2%
DomžaleRova
2%
Sveti TomažRucmanci
2%
CerknicaRudolfovo
2%
OrmožRuneč
2%
Celje | Velike LaščeRupe
2%
TolminRut
2%
Lovrenc na PohorjuRuta
2%
KoperŠalara
2%
OrmožŠardinje
2%
Sveti TomažSavci
2%
BohinjSavica
2%
Sveti TomažSejanci
2%
ŠentiljSelnica ob Muri
2%
CerknicaSelšček
2%
OrmožSenešci
2%
Brda | Sveti TomažSenik
2%
KrškoSenovo
2%
Dol pri Ljubljani | Zagorje ob SaviSenožeti
2%
ŠentiljŠentilj v Slov. goricah
2%
DravogradŠentjanž pri Dravogradu
2%
Ivančna GoricaŠentvid pri Stični
2%
KočevjeŠkrilj
2%
TolminSlap ob Idrijci
2%
CerknicaSlugovo
2%
Šmarješke TopliceŠmarjeta
2%
Šmartno ob PakiŠmartno ob Paki
2%
Slovenj GradecŠmartno pri Slovenj Gradcu
2%
Laško | Nova Gorica | PivkaŠmihel
2%
MedvodeSmlednik
2%
Ilirska BistricaSmrje
2%
KamnikSnovik
2%
KoperSočerga
2%
OrmožSodinci
2%
MedvodeSora
2%
Dolenjske Toplice | KamnikSoteska
2%
DuplekSpodnja Korena
2%
Slovenska BistricaSpodnja Polskava
2%
ŠentiljSpodnja Velka
2%
LenartSpodnja Voličina
2%
LjubljanaSpodnje Gameljne
2%
GorjeSpodnje Gorje
2%
PodlehnikSpodnje Gruškovje
2%
LenartSpodnje Partinje
2%
KoperSpodnje Škofije
2%
VitanjeSpodnji Dolič
2%
Sveti Jurij v Slovenskih GoricahSpodnji Gasteraj
2%
OrmožSpodnji Ključarovci
2%
LenartSpodnji Žerjavci
2%
PtujSpuhlja
2%
ČrenšovciSrednja Bistrica
2%
MariborSrednje
2%
LjubljanaSrednje Gameljne
2%
MislinjaSrednji Dolič
2%
Sveti Jurij v Slovenskih GoricahSrednji Gasteraj
2%
Dobrova–Polhov Gradec | Kranjska GoraSrednji Vrh
2%
LjubljanaStanežiče
2%
KočevjeStara Cerkev
2%
LjutomerStara Cesta
2%
BohinjStara Fužina
2%
Benedikt | Mirna | Nova Gorica | Sveti Jurij ob ŠčavniciStara Gora
2%
KriževciStara Nova vas
2%
Krško | MakoleStari Grad
2%
Kočevje | Slovenska BistricaStari Log
2%
MarkovciStojnci
2%
IgStrahomer
2%
Krško | Šmarje pri JelšahStranje
2%
Cerknica | Prevalje | Ravne na KoroškemStražišče
2%
OrmožStrezetina
2%
LjutomerStročja vas
2%
DobjeSuho
2%
Cerklje na GorenjskemSveti Lenart
2%
KomenSveto
2%
PiranSv. Peter
2%
CerknicaTavžlje
2%
Slovenske KonjiceTepanje
2%
LjubnoTer
2%
GorišnicaTibolci
2%
SežanaTomaj
2%
Črna na KoroškemTopla
2%
CerknicaTopol pri Begunjah
2%
Škofja LokaTrata
2%
Loški PotokTrava
2%
Cerkno | Loški PotokTravnik
2%
OrmožTrgovišče
2%
Pivka | Trebnje | Črenšovci | Škofja LokaTrnje
2%
Sveti TomažTrnovci
2%
Kočevje | Medvode | Metlika | +3 othersTrnovec
2%
Benedikt | Kranj | Ormož | ŠentrupertTrstenik
2%
Slovenj GradecTuriška vas
2%
ZavrčTurški Vrh
2%
KoperVanganel
2%
Sveti Jurij v Slovenskih GoricahVarda
2%
Grosuplje | TrebnjeVelika Loka
2%
KamnikVelika Planina
2%
OrmožVičanci
2%
VidemVidem pri Ptuju
2%
SodražicaVinice
2%
GrosupljeVino
2%
AjdovščinaVipavski Križ
2%
Ajdovščina | Ivančna GoricaVišnje
2%
Sveti Andraž v Slovenskih GoricahVitomarci
2%
BrezovicaVnanje Gorice
2%
OrmožVodranci
2%
ŠenčurVoklo
2%
KamnikVolčji Potok
2%
Ilirska BistricaVrbovo
2%
RadečeVrhovo
2%
KriževciVučja vas
2%
Radlje ob DraviVuhred
2%
DuplekVurberk
2%
MarkovciZabovci
2%
Dobrepolje | Litija | MirnaZagorica
2%
Prevalje | Radeče | ŠkocjanZagrad
2%
Kranj | StražaZalog
2%
DornavaŽamenci
2%
GorišnicaZamušani
2%
AjdovščinaŽapuže
2%
Radovljica | ŠentjernejZapuže
2%
BledZasip
2%
KoperZazid
2%
MedvodeZbilje
2%
Domžale | Naklo | PostojnaŽeje
2%
LjutomerŽelezne Dveri
2%
Gornji PetrovciŽenavlje
2%
OrmožŽerovinci
2%
Slovenska BistricaZgornja Bistrica
2%
HajdinaZgornja Hajdina
2%
DuplekZgornja Korena
2%
Slovenska BistricaZgornja Polskava
2%
ŠentiljZgornja Velka
2%
LenartZgornja Voličina
2%
LjubljanaZgornje Gameljne
2%
GorjeZgornje Gorje
2%
PodlehnikZgornje Gruškovje
2%
Sveti Jurij v Slovenskih GoricahZgornje Partinje
2%
Sveti Jurij v Slovenskih GoricahZgornji Gasteraj
2%
LenartZgornji Žerjavci
2%
CerknicaZibovnik
2%
Sveta AnaŽice
2%
Domžale | Slovenske KonjiceŽiče
2%
SodražicaŽimarice
2%
Sveti Jurij v Slovenskih GoricahŽitence
2%
MariborZrkovci
2%
TrbovljeŽupa
2%
ŽužemberkŽvirče
2%
TržičZvirče
2%
Kanal ob SočiAjba
1%
Nova GoricaAjševica
1%
Cerklje na GorenjskemAmbrož pod Krvavcem
1%
RibnicaAndol
1%
CerkvenjakAndrenci
1%
Cerklje na GorenjskemApno
1%
Hrpelje-KozinaArtviže
1%
Kanal ob SočiAvče
1%
KoperBabiči
1%
Velike LaščeBane
1%
KostelBanja loka
1%
Nova GoricaBanjšice
1%
BrdaBarbana
1%
KoperBarizoni
1%
DivačaBarka
1%
Nova GoricaBate
1%
KamnikBela Peč
1%
ŠoštanjBele Vode
1%
Dobrova–Polhov Gradec | OsilnicaBelica
1%
PostojnaBelsko
1%
KoperBelvedur
1%
LendavaBenica
1%
Dol pri LjubljaniBeričevo
1%
Križevci | Moravske TopliceBerkovci
1%
DivačaBetanja
1%
VelenjeBevče
1%
VrhnikaBevke
1%
OsilnicaBezgarji
1%
Koper | VojnikBezovica
1%
BrdaBiljana
1%
DomžaleBišče
1%
TržičBistrica pri Tržiču
1%
BohinjBitnje
1%
Sveti Jurij ob ŠčavniciBlaguš
1%
RibnicaBlate
1%
JeseniceBlejska Dobrava
1%
Gornji GradBočna
1%
BledBodešče
1%
LjutomerBodislavci
1%
JuršinciBodkovci
1%
PuconciBodonci
1%
Škofja LokaBodovlje
1%
BohinjBohinjska Češnjica
1%
Hoče-SlivnicaBohova
1%
ČrnomeljBojanci
1%
BrežiceBojsno
1%
MetlikaBoldraž
1%
Sveti Jurij ob ŠčavniciBolehnečici
1%
KoperBonini
1%
RadenciBoračeva
1%
KriževciBoreci
1%
KobaridBorjana
1%
Zagorje ob SaviBorje
1%
KoperBošamarin
1%
OsilnicaBosljiva Loka
1%
SevnicaBoštanj
1%
MetlikaBožakovo
1%
LjutomerBranoslavci
1%
BeltinciBratonci
1%
Ilirska BistricaBrce
1%
BrdaBrdice pri Kožbani
1%
BrdaBrdice pri Neblem
1%
KobaridBreginj
1%
TržičBreg ob Bistrici
1%
KranjBreg ob Savi
1%
BrdaBreg pri Golem Brdu
1%
CerkvenjakBrengova
1%
BrdaBrestje
1%
KomenBrestovica pri Komnu
1%
TrebnjeBreza
1%
TržičBrezje pri Tržiču
1%
Zagorje ob Savi | ČrnomeljBreznik
1%
CeljeBrezova
1%
DomžaleBrezovica pri Dobu
1%
KoperBrezovica pri Gradinu
1%
BrdaBrezovk
1%
KoperBrič
1%
Kamnik | Zagorje ob SaviBriše
1%
KomenBrje pri Komnu
1%
KrškoBrlog
1%
Sodražica | Velike LaščeBrlog - del
1%
Vransko | Škofja LokaBrode
1%
DobrepoljeBruhanja vas
1%
RadečeBrunk
1%
StaršeBrunšvik
1%
KriževciBučečovci
1%
ŠkocjanBučka
1%
AjdovščinaBudanje
1%
ŠalovciBudinci
1%
SevnicaBudna vas
1%
PivkaBuje
1%
Slovenska Bistrica | Velike LaščeBukovec
1%
Ivančna Gorica | Renče–Vogrsko | Ribnica | Škofja LokaBukovica
1%
DravogradBukovska vas
1%
Gorenja Vas–PoljaneBukov Vrh
1%
VeržejBunčani
1%
Dobrova–Polhov GradecButajnova
1%
KoperButari
1%
TržičČadovlje pri Tržiču
1%
CerkvenjakČagona
1%
NakloCegelnica
1%
BrdaCeglo
1%
KomenČehovini
1%
CerkvenjakCenkova
1%
Velike LaščeCenta
1%
LendavaČentiba
1%
KoperČentur
1%
Kočevje | Litija | Lukovica | VranskoČeplje
1%
Nova GoricaČepovan
1%
Murska SobotaČernelavci
1%
OrmožCerovec Stanka Vraza
1%
Lukovica | SevnicaČešnjice
1%
TolminČiginj
1%
DuplekCiglence
1%
Slovenska BistricaCigonca
1%
Grosuplje | Mokronog-TrebelnoCikava
1%
KomenČipnje
1%
CerkvenjakCogetinci
1%
KomenColjava
1%
Gornja RadgonaČrešnjevci
1%
LenartČrmljenšak
1%
SemičČrmošnjice
1%
Kostanjevica na KrkiČrneča vas
1%
DravogradČrneče
1%
Šmartno pri LitijiČrni Potok
1%
Loški PotokČrni Potok pri Dragi
1%
RadovljicaČrnivec
1%
VelenjeČrnova
1%
ČrnomeljČudno selo
1%
MetlikaČurile
1%
PuconciDankovci
1%
BrežiceDečno selo
1%
Ivančna GoricaDedni Dol
1%
DomžaleDepala vas
1%
MoravčeDešen
1%
ČrnomeljDesinec
1%
ČrnomeljDeskova vas
1%
Slovenska BistricaDevina
1%
KoperDilici
1%
KomenDivči
1%
Brežice | MengešDobeno
1%
Kanal ob SočiDoblar
1%
Ajdovščina | SežanaDobravlje
1%
Miklavž na Dravskem PoljuDobrovce
1%
Braslovče | ZrečeDobrovlje
1%
OrmožDobrovščak
1%
ŠkocjanDobruška vas
1%
KomenDolanci
1%
VidemDolena
1%
TolminDolenja Trebuša
1%
Ilirska BistricaDolenje pri Jelšanah
1%
RibnicaDolenji Lazi
1%
CerknoDolenji Novaki
1%
AjdovščinaDolga Poljana
1%
Gorenja Vas–Poljane | LenartDolge Njive
1%
LendavaDolina pri Lendavi
1%
TolminDolje
1%
BrdaDolnje Cerovo
1%
MetlikaDolnje Dobravice
1%
Velike LaščeDolnje Retje
1%
LendavaDolnji Lakoš
1%
MetlikaDolnji Suhor pri Metliki
1%
Ilirska BistricaDolnji Zemon
1%
HrastnikDol pri Hrastniku
1%
KoperDol pri Hrastovljah
1%
Rečica ob SavinjiDol-Suha
1%
Novo MestoDolž
1%
CankovaDomajinci
1%
RogatecDonačka Gora
1%
Nova GoricaDornberk
1%
ŽirovnicaDoslovče
1%
MislinjaDovže
1%
MetlikaDrage
1%
MedvodeDragočajna
1%
KidričevoDragonja vas
1%
Sveti Jurij ob ŠčavniciDragotinci
1%
JuršinciDragovič
1%
Nova GoricaDragovica
1%
PesnicaDragučova
1%
LjutomerDrakovci
1%
MetlikaDrašiči
1%
VuzenicaDravče
1%
VidemDravci
1%
Miklavž na Dravskem PoljuDravski Dvor
1%
Zavrč | ČrnomeljDrenovec
1%
BrdaDrnovk
1%
KrškoDrnovo
1%
Šmarješke TopliceDružinska vas
1%
VipavaDuplje
1%
DuplekDvorjane
1%
Cerklje na Gorenjskem | MoravčeDvorje
1%
Radovljica | Velike LaščeDvorska vas
1%
KoperElerji
1%
Ilirska BistricaFabci
1%
DivačaFamlje
1%
KoperFijeroga
1%
Moravske TopliceFilovci
1%
RibnicaFinkovo
1%
ŠoštanjFlorjan
1%
BrdaFojana
1%
Slovenska BistricaFrajhajm
1%
ČrnomeljFučkovci
1%
ŠoštanjGaberke
1%
Sveti Jurij ob ŠčavniciGabrc
1%
DivačaGabrče
1%
Rogaška SlatinaGabrce
1%
Ilirska Bistrica | Škofja LokaGabrk
1%
Juršinci | ŠkocjanGabrnik
1%
KoperGabrovica pri Črnem Kalu
1%
KomenGabrovica pri Komnu
1%
LitijaGabrovka
1%
PesnicaGačnik
1%
MariborGaj nad Mariborom
1%
ŽalecGalicija
1%
TišinaGederovci
1%
CankovaGerlinci
1%
MetlikaGeršiči
1%
Loški PotokGlažuta
1%
Braslovče | Cerklje na GorenjskemGlinje
1%
SodražicaGlobel
1%
BrežiceGlobočice
1%
LjutomerGloboka
1%
Krško | Slovenj GradecGmajna
1%
VipavaGoče
1%
Sveta Trojica v Slovenskih GoricahGočova
1%
LjutomerGodemarci
1%
Središče ob DraviGodeninci
1%
Škofja LokaGodešič
1%
AjdovščinaGojače
1%
Hrpelje-KozinaGolac
1%
Slovenj GradecGolavabuka
1%
ŽeleznikiGolica
1%
KamnikGolice
1%
Brda | MedvodeGolo Brdo
1%
OrmožGomila pri Kogu
1%
BraslovčeGomilsko
1%
BrdaGonjače
1%
BohinjGoreljek
1%
TolminGorenja Trebuša
1%
Dolenjske Toplice | Kanal ob SočiGorenje Polje
1%
RibnicaGorenji Lazi
1%
CerknoGorenji Novaki
1%
ČrnomeljGorenji Radenci
1%
ZavrčGoričak
1%
ŠentjurGoričica
1%
KomenGorjansko
1%
BohinjGorjuše
1%
MetlikaGornja Lokvica
1%
Zreče | Šmarje pri JelšahGornja vas
1%
SevnicaGornje Brezovo
1%
BrdaGornje Cerovo
1%
MetlikaGornje Dobravice
1%
DivačaGornje Ležeče
1%
Velike LaščeGornje Retje
1%
CankovaGornji Črnci
1%
Sveti TomažGornji Ključarovci
1%
LendavaGornji Lakoš
1%
KuzmaGornji Slaveči
1%
Ilirska BistricaGornji Zemon
1%
MutaGortina
1%
GorjeGrabče
1%
Sveti Jurij ob ŠčavniciGrabonoš
1%
CerkvenjakGrabonoški Vrh
1%
MetlikaGrabrovec
1%
KoperGračišče
1%
Velike LaščeGradež
1%
CirkulaneGradišča
1%
VipavaGradišče pri Vipavi
1%
BrdaGradno
1%
TolminGrahovo ob Bači
1%
TržičGrahovše
1%
BraslovčeGrajska vas
1%
Slovenj GradecGraška Gora
1%
RibnicaGrčarice
1%
Nova GoricaGrgar
1%
Nova GoricaGrgarske Ravne
1%
ČrnomeljGriblje
1%
KoperGrinjan
1%
OsilnicaGrintovec pri Osilnici
1%
AjdovščinaGrivče
1%
Ivančna Gorica | Sežana | ŽalecGriže
1%
LjutomerGrlava
1%
Ivančna Gorica | Trebnje | Velike LaščeGrm
1%
Ilirska BistricaHarije
1%
LaškoHarje
1%
OrmožHermanci
1%
Sevnica | ŽužemberkHinje
1%
JuršinciHlaponci
1%
Velike LaščeHlebče
1%
RadovljicaHlebce
1%
BrdaHlevnik
1%
DobrepoljeHočevje
1%
Domžale | Kobarid | Rečica ob Savinji | VojnikHomec
1%
Škofja LokaHosta
1%
Gorenja Vas–PoljaneHotavlje
1%
ŠenčurHotemaže
1%
RadečeHotemež
1%
Hoče-SlivnicaHotinja vas
1%
Postojna | VipavaHrašče
1%
Medvode | RadovljicaHraše
1%
RadenciHrastje-Mota
1%
LenartHrastovec v Slov. goricah
1%
ČrnomeljHrast pri Vinici
1%
MariborHrenca
1%
CerknicaHribljane
1%
Loški PotokHrib-Loški Potok
1%
KomenHruševica
1%
PostojnaHruševje
1%
BrdaHruševlje
1%
TržičHudi Graben
1%
Ribnica na PohorjuHudi Kot
1%
Miren-KostanjevicaHudi Log
1%
Ilirska BistricaHuje
1%
OrmožHum pri Ormožu
1%
TržičHušica
1%
KobaridIdrsko
1%
BenediktIhova
1%
KriževciIljaševci
1%
LjutomerIlovci
1%
Brda | Moravče | ŠentjernejImenje
1%
PodčetrtekImeno
1%
KomenIvanji Grad
1%
Cerkvenjak | Gornja RadgonaIvanjski Vrh
1%
BrežiceIzvir
1%
Duplek | Kostanjevica na KrkiJablance
1%
PrevaljeJamnica
1%
Kranj | VrhnikaJamnik
1%
LjubljanaJanče
1%
SodražicaJaneži
1%
DestrnikJanežovci
1%
ČrnomeljJankoviči
1%
Zagorje ob SaviJarše
1%
OrmožJastrebci
1%
JeseniceJavorniški Rovt
1%
Črna na Koroškem | Šmarje pri JelšahJazbina
1%
KočevjeJelenja vas
1%
RibnicaJelenov Žleb
1%
Maribor | Sevnica | SodražicaJelovec
1%
RadečeJelovo
1%
Krško | Mirna PečJelše
1%
BohinjJereka
1%
Rače-FramJešenca
1%
KobaridJezerca
1%
DestrnikJiršovci
1%
Novo MestoJugorje
1%
MetlikaJugorje pri Metliki
1%
RibnicaJurjevica
1%
LaškoJurklošter
1%
CerkvenjakKadrenci
1%
BovecKal-Koritnica
1%
Kanal ob SočiKambreško
1%
Metlika | SevnicaKamenica
1%
RadovljicaKamna Gorica
1%
BrezovicaKamnik pod Krimom
1%
TolminKamno
1%
KoperKampel
1%
ČrnomeljKanižarica
1%
LendavaKapca
1%
BrežiceKapele
1%
RadenciKapelski Vrh
1%
KoperKarli
1%
Velike LaščeKarlovica
1%
VelenjeKavče
1%
Slovenska BistricaKebelj
1%
Zagorje ob SaviKisovec
1%
KomenKlanec pri Komnu
1%
KriževciKljučarovci pri Ljutomeru
1%
Dol pri Ljubljani | Slovenska Bistrica | ŽužemberkKlopce
1%
KočevjeKnežja Lipa
1%
KomenKobdilj
1%
KomenKobjeglava
1%
KomenKoboli
1%
Dolenjske TopliceKočevske Poljane
1%
JeseniceKočna
1%
KomenKodreti
1%
KranjKokrica
1%
DomžaleKoličevo
1%
SemičKomarna vas
1%
CerkvenjakKomarnica
1%
Dobrepolje | Lukovica | SevnicaKompolje
1%
Novo MestoKonec
1%
Razkrižje | SežanaKopriva
1%
Črna na KoroškemKoprivna
1%
KrškoKoprivnica
1%
ZavrčKorenjak
1%
Idrija | TrebnjeKorita
1%
Miren-KostanjevicaKorita na Krasu
1%
Krško | TolminKoritnica
1%
Ilirska BistricaKoritnice
1%
Ravne na KoroškemKoroški Selovec
1%
CankovaKorovci
1%
KoperKortine
1%
ŠentjurKošnica
1%
SežanaKosovelje
1%
Slovenska BistricaKostanjevec
1%
Slovenska BistricaKot na Pohorju
1%
ČrnomeljKot ob Kolpi
1%
Slovenska Bistrica | ČrnomeljKovača vas
1%
GradKovačevci
1%
Ajdovščina | HrastnikKovk
1%
TržičKovor
1%
BrdaKozana
1%
BrdaKozarno
1%
BrdaKožbana
1%
ŠentiljKozjak pri Ceršaku
1%
PodvelkaKozji Vrh
1%
DravogradKozji Vrh nad Dravogradom
1%
KoperKozloviči
1%
AjdovščinaKožmani
1%
SežanaKrajna vas
1%
KočevjeKralji
1%
RogašovciKramarovci
1%
MoravčeKrašce
1%
CankovaKrašči
1%
MetlikaKrasinec
1%
LukovicaKrašnja
1%
MetlikaKrašnji Vrh
1%
BrdaKrasno
1%
PtujKrčevina pri Vurbergu
1%
KobaridKred
1%
SežanaKregolišče
1%
ŠentiljKresnica
1%
Ivančna GoricaKriška vas
1%
MetlikaKrivoglavice
1%
Dol pri Ljubljani | MetlikaKriževska vas
1%
Ajdovščina | Škofja LokaKrižna Gora
1%
KoperKrkavče
1%
MetlikaKrmačina
1%
SevnicaKrmelj
1%
HodošKrplivnik
1%
Brežice | Ivančna GoricaKrška vas
1%
CerknicaKrušče
1%
Velike LaščeKrvava Peč
1%
Hrpelje-KozinaKrvavi Potok
1%
SodražicaKržeti
1%
Cerknica | KrškoKržišče
1%
TolminKuk
1%
JuršinciKukava
1%
BledKupljenik
1%
Murska SobotaKupšinci
1%
LjutomerKuršinci
1%
Ilirska BistricaKuteževo
1%
ČrnomeljKvasica
1%
KoperLabor
1%
OrmožLačaves
1%
KobaridLadra
1%
Cerklje na GorenjskemLahovče
1%
ŠkofljicaLanišče
1%
Slovenska Bistrica | Velike LaščeLaporje
1%
Šmarje pri JelšahLaše
1%
DornavaLasigovci
1%
LaškoLaška vas
1%
Cerkno | Loški PotokLazec
1%
Dol pri LjubljaniLaze pri Dolskem
1%
KamnikLaze v Tuhinju
1%
Nova GoricaLazna
1%
SevnicaLedina
1%
Sveta AnaLedinek
1%
Slovenj GradecLegen
1%
PuconciLemerje
1%
ApačeLešane
1%
Majšperk | VojnikLešje
1%
KrškoLeskovec pri Krškem
1%
OrmožLešniški Vrh
1%
CerknicaLešnjake
1%
BraslovčeLetuš
1%
DestrnikLevanjci
1%
ŽalecLevec
1%
Slovenska BistricaLevič
1%
OrmožLibanja
1%
DravogradLibeliška Gora
1%
ŽalecLiboje
1%
Kanal ob SočiLig
1%
JeseniceLipce
1%
VelenjeLipje
1%
KomenLisjaki
1%
OrmožLitmerk
1%
KočevjeLivold
1%
KobaridLivške Ravne
1%
RušeLobnica
1%
Benedikt | DestrnikLočki Vrh
1%
KriževciLogarovci
1%
BovecLog Čezsoški
1%
KobaridLogje
1%
Log-DragomerLog pri Brezovici
1%
PostojnaLohača
1%
MengešLoka pri Mengšu
1%
SežanaLokev
1%
Nova GoricaLokovec
1%
Prevalje | ŠoštanjLokovica
1%
Miren-KostanjevicaLokvica
1%
Gornja RadgonaLomanoše
1%
TržičLom pod Storžičem
1%
KoperLopar
1%
Celje | ŽužemberkLopata
1%
VelenjeLopatnik
1%
Dolenjske TopliceLoška vas
1%
OsilnicaLožec
1%
Kanal ob SočiLožice
1%
VipavaLozice
1%
Makole | VelenjeLožnica
1%
Gornji PetrovciLucova
1%
Slovenska BistricaLukanja
1%
KoperLukini
1%
Komen | Litija | SevnicaLukovec
1%
LukovicaLukovica pri Domžalah
1%
OrmožLunovec
1%
TrebnjeLuža
1%
Velike LaščeLužarji
1%
PreddvorMače
1%
Velike LaščeMački
1%
Kočevje | Laško | TrebnjeMačkovec
1%
KočevjeMahovnik
1%
Ilirska BistricaMala Bukovica
1%
BrežiceMala Dolina
1%
KočevjeMala Gora
1%
ZrečeMala gora
1%
ŽalecMala Pirešica
1%
Ilirska BistricaMale Loče
1%
Kostanjevica na KrkiMalence
1%
AjdovščinaMale Žablje
1%
OrmožMali Brebrovnik
1%
Komen | PesnicaMali Dol
1%
KamnikMali Hrib
1%
Mokronog-TrebelnoMaline
1%
PostojnaMali Otok
1%
AjdovščinaMalo Polje
1%
Slovenska BistricaMalo Tinje
1%
LjubljanaMalo Trebeljevo
1%
AjdovščinaMalovše
1%
VipavaManče
1%
KoperManžan
1%
ČrnomeljMarindol
1%
KamnikMarkovo
1%
Koper | RibnicaMaršiči
1%
Gornji PetrovciMartinje
1%
Moravske TopliceMartjanci
1%
DivačaMatavun
1%
PostojnaMatenja vas
1%
BrdaMedana
1%
CirkulaneMedribnik
1%
LogatecMedvedje Brdo
1%
Trebnje | Velike LaščeMedvedjek
1%
CirkulaneMeje
1%
LjutomerMekotnjak
1%
Gornja RadgonaMele
1%
MariborMeljski Hrib
1%
Ilirska BistricaMereče
1%
Šmarje pri JelšahMestinje
1%
MariborMetava
1%
Sveti TomažMezgovci
1%
DornavaMezgovci ob Pesnici
1%
OrmožMihalovci
1%
KidričevoMihovce
1%
OrmožMihovci pri Vel. Nedelji
1%
ŠentjernejMihovo
1%
CerknicaMilava
1%
ČrnomeljMiliči
1%
ŠenčurMilje
1%
OsilnicaMirtoviči
1%
Slovenj GradecMislinjska Dobrava
1%
Komenda | RadovljicaMlaka
1%
Metlika | MutaMlake
1%
Zagorje ob SaviMlinše
1%
KobaridMlinsko
1%
ČrnomeljMočile
1%
RadečeMočilno
1%
KoperMočunigi
1%
Laško | Slovenska BistricaModrič
1%
Velike LaščeMohorje
1%
KoperMontinjan
1%
KočevjeMorava
1%
LjutomerMoravci v Slov. goricah
1%
Kanal ob SočiMorsko
1%
BrežiceMostec
1%
KamnikMotnik
1%
GradMotovilci
1%
KoperMovraž
1%
Hrpelje-KozinaMrše
1%
KočevjeMuha vas
1%
TišinaMurski Črnci
1%
TišinaMurski Petrovci
1%
KomenNadrožica
1%
PivkaNarin
1%
ApačeNasova
1%
BrdaNeblo
1%
PivkaNeverke
1%
KamnikNevlje
1%
KidričevoNjiverce
1%
VojnikNova Cerkev
1%
Dolenjske Toplice | Krško | LitijaNova Gora
1%
Poljčane | Tržič | VojnikNovake
1%
Gornji Grad | SodražicaNova Štifta
1%
PiranNova vas nad Dragonjo
1%
Ilirska BistricaNova vas pri Jelšanah
1%
Miren-KostanjevicaNovelo
1%
SodražicaNovi Pot
1%
LogatecNovi Svet
1%
Ilirska BistricaNovokračine
1%
BrdaNozno
1%
LjutomerNunska Graba
1%
Dolenjske TopliceObčice
1%
Dolenjske TopliceObrh
1%
BledObrne
1%
Hrpelje-KozinaObrov
1%
Hrpelje-KozinaOcizla
1%
Hrpelje-KozinaOdolina
1%
DravogradOjstrica
1%
LjubnoOkonina
1%
Litija | Šentjur | ŠentrupertOkrog
1%
SevnicaOkroglice
1%
Kamnik | NakloOkroglo
1%
KočevjeOnek
1%
Miren-KostanjevicaOpatje selo
1%
Kostanjevica na Krki | Šmarje pri JelšahOrehovec
1%
Vipava | Zagorje ob Savi | ŠentjernejOrehovica
1%
Kranj | Miren-KostanjevicaOrehovlje
1%
SevnicaOrehovo
1%
Šmarješke TopliceOrešje
1%
ŠkofljicaOrle
1%
RibnicaOrtnek
1%
Nova Gorica | Sveta Trojica v Slovenskih GoricahOsek
1%
Slovenska BistricaOšelj
1%
KamnikOševek
1%
Hrpelje-KozinaOstrovica
1%
DravogradOtiški Vrh
1%
AjdovščinaOtlica
1%
ČrnomeljOtovec
1%
Nova GoricaOzeljan
1%
BorovnicaPako
1%
TržičPaloviče
1%
LjubljanaPance
1%
OsilnicaPapeži
1%
BraslovčeParižlje
1%
PivkaParje
1%
DobrnaParož
1%
Ilirska BistricaPavlica
1%
PuconciPečarovci
1%
CeljePečovnik
1%
MutaPernice
1%
GorjePerniki
1%
CerkvenjakPeščeni Vrh
1%
KrškoPesje
1%
Gornji PetrovciPeskovci
1%
Dol pri Ljubljani | PivkaPetelinje
1%
SodražicaPetrinci
1%
Hrpelje-KozinaPetrinje
1%
ŽalecPetrovče
1%
TolminPetrovo Brdo
1%
VelenjePirešica
1%
CerknicaPirmane
1%
BrežicePišece
1%
Hoče-SlivnicaPivola
1%
DestrnikPlacar
1%
Slovenska BistricaPlanina pod Šumikom
1%
ŠentjurPlanina pri Sevnici
1%
Brezovica | ŠentjurPlaninca
1%
Mežica | Rogaška SlatinaPlat
1%
Kanal ob SočiPlave
1%
VelenjePlešivec
1%
Brezovica | Ljutomer | Sežana | ŽužemberkPlešivica
1%
BrdaPlešivo
1%
SežanaPliskovica
1%
ŠentiljPlodršnica
1%
KoperPobegi
1%
MariborPočehova
1%
Ilirska BistricaPodbeže
1%
KrškoPodbočje
1%
TolminPodbrdo
1%
KostelPoden
1%
Ig | Nova Gorica | ŽužemberkPodgozd
1%
Ilirska BistricaPodgraje
1%
KamnikPodhruška
1%
DravogradPodklanc
1%
Zagorje ob SaviPodkum
1%
ŠentjurPodlešje
1%
KočevjePodlesje
1%
Velike Lašče | ČrnomeljPodlog
1%
ŽeleznikiPodlonk
1%
RadovljicaPodnart
1%
Črna na KoroškemPodpeca
1%
Loški PotokPodplanina
1%
Rogaška SlatinaPodplat
1%
Loški PotokPodpreska
1%
Škofja LokaPodpulfrca
1%
Dobrova–Polhov Gradec | SemičPodreber
1%
DomžalePodrečje
1%
BrdaPodsabotin
1%
Dolenjske ToplicePodstenice
1%
Dobrepolje | Ilirska BistricaPodtabor
1%
LučePodvolovljek
1%
Braslovče | Gorenja Vas–Poljane | Osilnica | SevnicaPodvrh
1%
Velike LaščePodžaga
1%
MetlikaPodzemelj
1%
Apače | MoravčePogled
1%
DornavaPolenci
1%
Grosuplje | NakloPolica
1%
Gorenja Vas–PoljanePoljane nad Škofjo Loko
1%
Braslovče | RadovljicaPoljče
1%
KočevjePolom
1%
KoperPomjan
1%
TržičPopovo
1%
VipavaPoreče
1%
TolminPostaja
1%
TržičPotarje
1%
SežanaPovir
1%
Rače-FramPožeg
1%
Radeče | ŠentjurPrapretno
1%
Škofja LokaPraprotno
1%
Velike LaščePrazniki
1%
LjutomerPrecetinci
1%
OrmožPreclava
1%
Novo MestoPrečna
1%
Šmarje pri JelšahPredel
1%
KranjPredoslje
1%
DobrepoljePredstruge
1%
KoperPregara
1%
Ilirska BistricaPregarje
1%
Gorenja Vas–Poljane | Litija | Črnomelj | ŠentrupertPrelesje
1%
Ilirska BistricaPrelože
1%
KoperPremančan
1%
StaršePrepolje
1%
Slovenska BistricaPrepuž
1%
KomenPreserje pri Komnu
1%
DomžalePreserje pri Radomljah
1%
Sevnica | SodražicaPreska
1%
Hrpelje-KozinaPrešnica
1%
BrezovicaPrevalje pod Krimom
1%
RibnicaPrigorica
1%
JesenicePrihodi
1%
Nazarje | OplotnicaPrihova
1%
BrdaPristavo
1%
Moravske TopliceProsenjakovci
1%
ŽeleznikiPrtovč
1%
Nova GoricaPrvačina
1%
Cerklje na Gorenjskem | DomžalePšata
1%
KoperPuče
1%
Ivančna Gorica | Loški Potok | Škofja LokaPungert
1%
Velike LaščePurkače
1%
Lovrenc na Pohorju | Mokronog-TrebelnoPuščava
1%
OrmožPušenci
1%
Škofja LokaPuštal
1%
DomžaleRača
1%
Sevnica | Šmartno pri LitijiRačica
1%
Ilirska BistricaRačice
1%
MozirjeRadegunda
1%
LjubnoRadmirje
1%
LendavaRadmožanci
1%
Ivančna GoricaRadohova vas
1%
LjutomerRadomerje
1%
MetlikaRadovica
1%
MetlikaRadoviči
1%
GorjeRadovna
1%
Slovenj GradecRaduše
1%
KočevjeRajhenav
1%
KrškoRaka
1%
RibnicaRakitnica
1%
PostojnaRakitnik
1%
Brežice | Metlika | Šmarje pri JelšahRakovec
1%
PesnicaRanca
1%
DobrepoljeRapljevo
1%
Kanal ob SočiRavna
1%
Nova Gorica | RadovljicaRavnica
1%
MislinjaRazborca
1%
Idrija | Zagorje ob SaviRazpotje
1%
Lovrenc na Pohorju | PodvelkaRdeči Breg - del
1%
Šmartno ob PakiRečica ob Paki
1%
Rečica ob SavinjiRečica ob Savinji
1%
Radlje ob DraviRemšnik
1%
TurniščeRenkovci
1%
Škofja LokaReteče
1%
TržičRetnje
1%
Mokronog-Trebelno | OsilnicaRibjek
1%
MariborRibniško selo
1%
BrežiceRigonce
1%
LjutomerRinčetova Graba
1%
OrmožRitmerk
1%
Ilirska BistricaRjavče
1%
KobaridRobidišče
1%
TolminRoče
1%
TržičRočevnica
1%
PesnicaRočica
1%
Kanal ob SočiRočinj
1%
DomžaleRodica
1%
Hrpelje-KozinaRodik
1%
Črnomelj | ŽirovnicaRodine
1%
RogašovciRopoča
1%
Kungota | MariborRošpoh - del
1%
JuršinciRotman
1%
ČrnomeljRožanec
1%
KoperRožar
1%
Sveta AnaRožengrunt
1%
Nova GoricaRožna Dolina
1%
KomenRubije
1%
ŽeleznikiRudno
1%
MariborRuperče
1%
Ilirska BistricaSabonje
1%
RazkrižjeŠafarsko
1%
LjutomerŠalinci
1%
Murska SobotaSatahovci
1%
LjubnoSavina
1%
Velike LaščeŠčurki
1%
CerknicaŠčurkovo
1%
Moravske TopliceSebeborci
1%
TržičSebenje
1%
CerknoŠebrelje
1%
KobaridSedlo
1%
Loški PotokŠegova vas
1%
KoperŠeki
1%
Miren-KostanjevicaSela na Krasu
1%
BrežiceSela pri Dobovi
1%
ČrnomeljSela pri Otovcu
1%
ŽeleznikiSelca
1%
BledSelo pri Bledu
1%
DomžaleSelo pri Ihanu
1%
ŽirovnicaSelo pri Žirovnici
1%
DravogradSelovec
1%
Ilirska BistricaŠembije
1%
Nova GoricaŠempas
1%
Sveti TomažSenčak
1%
JuršinciSenčak pri Juršincih
1%
TržičSenično
1%
PrevaljeŠentanel
1%
Novo MestoŠentjošt
1%
Dobrova–Polhov GradecŠentjošt nad Horjulom
1%
TrebnjeŠentlovrenc
1%
LukovicaŠentožbolt
1%
Cerklje na GorenjskemŠenturška Gora
1%
SežanaŠepulje
1%
Novo Mesto | Šmartno pri LitijiSevno
1%
KomenŠibelji
1%
KamnikSidol
1%
Cerklje na GorenjskemSidraž
1%
KidričevoŠikole
1%
VrhnikaSinja Gorica
1%
KoperSirči
1%
CankovaSkakovci
1%
VelenjeŠkale
1%
VodiceSkaručna
1%
Šmarje pri JelšahŠkofija
1%
CeljeŠkofja vas
1%
Divača | Ivančna GoricaŠkoflje
1%
Miklavž na Dravskem PoljuSkoke
1%
SežanaSkopo
1%
HajdinaSkorba
1%
KomenŠkrbina
1%
Ig | MetlikaŠkrilje
1%
AjdovščinaSkrilje
1%
MetlikaSlamna vas
1%
BledSlamniki
1%
MajšperkSlape
1%
BrdaSlapnik
1%
RadovljicaSlatna
1%
RibnicaSlatnik
1%
BrdaSlavče
1%
Litija | PostojnaSlavina
1%
PostojnaSlavinje
1%
Hrpelje-Kozina | KrškoSlivje
1%
LitijaSlivna
1%
Hoče-SlivnicaSlivnica pri Mariboru
1%
Hoče-SlivnicaSlivniško Pohorje
1%
DornavaSlomi
1%
Hrpelje-KozinaSlope
1%
JeseniceSlovenski Javornik
1%
BrdaŠlovrenc
1%
KamnikŠmarca
1%
SežanaŠmarje pri Sežani
1%
Slovenska BistricaŠmartno na Pohorju
1%
KamnikŠmartno v Tuhinju
1%
Nova Gorica | TrebnjeŠmaver
1%
Slovenj GradecŠmiklavž
1%
ŽirovnicaSmokuč
1%
KoperSmokvica
1%
CerkvenjakSmolinci
1%
Dobrova–Polhov Gradec | RušeSmolnik
1%
VrhnikaSmrečje
1%
Slovenska BistricaSmrečno
1%
KočevjeSmuka
1%
BrdaSnežatno
1%
BrdaSnežeče
1%
MariborŠober
1%
MarkovciSobetinci
1%
KoperSocerb
1%
ČrnomeljSodevci
1%
ŠentiljŠomat
1%
Škofja LokaSopotnica
1%
RogašovciSotina
1%
KamnikSovinja Peč
1%
Ilirska BistricaSoze
1%
KungotaŠpičnik
1%
Zagorje ob SaviŠpital
1%
KamnikŠpitalič
1%
KranjSpodnja Besnica
1%
Nova GoricaSpodnja Branica
1%
Moravče | RadovljicaSpodnja Dobrava
1%
Ivančna GoricaSpodnja Draga
1%
Rače-FramSpodnja Gorica
1%
Slovenska BistricaSpodnja Ložnica
1%
Škofja LokaSpodnja Luša
1%
BenediktSpodnja Ročica
1%
Gornja RadgonaSpodnja Ščavnica
1%
Selnica ob DraviSpodnja Selnica
1%
Sveta Trojica v Slovenskih GoricahSpodnja Senarska
1%
GrosupljeSpodnja Slivnica
1%
ŽeleznikiSpodnja Sorica
1%
KranjSpodnje Bitnje
1%
GrosupljeSpodnje Blato
1%
Ivančna GoricaSpodnje Brezovo
1%
PesnicaSpodnje Dobrenje
1%
NakloSpodnje Duplje
1%
KidričevoSpodnje Jablane
1%
ApačeSpodnje Konjišče
1%
MedvodeSpodnje Pirniče
1%
KamnikSpodnje Stranje
1%
TržičSpodnje Vetrno
1%
Selnica ob DraviSpodnji Boč
1%
OsilnicaSpodnji Čačič
1%
LitijaSpodnji Hotič
1%
Gornja RadgonaSpodnji Ivanjci
1%
PesnicaSpodnji Jakobski Dol
1%
LjutomerSpodnji Kamenščak
1%
Kočevje | LitijaSpodnji Log
1%
LenartSpodnji Porčič
1%
Slovenj GradecSpodnji Razbor
1%
Selnica ob DraviSpodnji Slemen
1%
PtujSpodnji Velovlek
1%
KranjSrakovlje
1%
Loški PotokSrednja vas-Loški Potok
1%
Loški PotokSrednja vas pri Dragi
1%
KamnikSrednja vas pri Kamniku
1%
BohinjSrednja vas v Bohinju
1%
ČrnomeljSrednji Radenci
1%
KoperSrgaši
1%
Velike LaščeSrnjak
1%
BrežiceSromlje
1%
BovecSrpenica
1%
KamnikStahovica
1%
IgStaje
1%
KostelŠtajer
1%
BenediktŠtajngrova
1%
Cerkvenjak | Sveti Jurij ob ŠčavniciStanetinci
1%
Gornji PetrovciStanjevci
1%
OrmožStanovno
1%
KamnikStara sela
1%
VrhnikaStara Vrhnika
1%
Loški PotokStari Kot
1%
ČrnomeljStari trg ob Kolpi
1%
KobaridStaro selo
1%
MakoleŠtatenberg
1%
Ajdovščina | SežanaStomaž
1%
SežanaŠtorje
1%
NakloStrahinj
1%
DobrovnikStrehovci
1%
MarkovciStrelci
1%
OrmožStrjanci
1%
BovecStrmec na Predelu
1%
OrmožStrmec pri Ormožu
1%
DornavaStrmec pri Polenšaku
1%
Vrhnika | Škofja LokaStrmica
1%
KidričevoStrnišče
1%
OsilnicaStrojiči
1%
Ravne na KoroškemStrojna
1%
CerknicaŠtrukljeva vas
1%
KamnikStudenca
1%
VidemŠturmovci
1%
Laško | Slovenske KonjiceSuhadol
1%
Kostel | Novo MestoSuhor
1%
Dobrova–Polhov GradecŠujica
1%
Gornji PetrovciŠulinci
1%
Gorenja Vas–Poljane | Ig | LukovicaSuša
1%
Ilirska BistricaSušak
1%
RibnicaSušje
1%
KobaridSužid
1%
Sveta AnaSv. Ana v Slov. goricah
1%
KoperSv. Anton
1%
DravogradSv. Danijel
1%
Dravograd | Škofja LokaSv. Duh
1%
Selnica ob DraviSv. Duh na Ostrem vrhu
1%
KungotaSvečina
1%
Nova GoricaSveta Gora
1%
MoravčeSveti Andrej
1%
Slovenske KonjiceSveti Jernej
1%
ŠtoreSvetina
1%
OrmožSvetinje
1%
Šmarje pri JelšahSveti Štefan
1%
RadečeSvibno
1%
KobaridSvino
1%
MetlikaSvržaki
1%
Radlje ob DraviSv. Trije Kralji
1%
DomžaleSv. Trojica
1%
VuzenicaSv. Vid
1%
Hrpelje-KozinaTatre
1%
CeljeTeharje
1%
Miren-KostanjevicaTemnica
1%
Kranj | LitijaTenetiše
1%
LitijaTepe
1%
Moravske TopliceTešanovci
1%
Ajdovščina | LaškoTevče
1%
KoperTinjan
1%
Litija | Slovenske Konjice | ŠentjernejTolsti Vrh
1%
KomenTomačevica
1%
Slovenj GradecTomaška vas
1%
Ilirska BistricaTominje
1%
Ilirska BistricaTopolc
1%
Koper | Šmarje pri JelšahTopolovec
1%
ŠoštanjTopolšica
1%
ŽeleznikiTorka
1%
LjubljanaToško Čelo
1%
ŠentiljTrate
1%
ŠenčurTrboje
1%
DravogradTrbonje
1%
MariborTrčova
1%
KuzmaTrdkova
1%
KoperTrebeše
1%
KomenTrebižani
1%
KoperTriban
1%
ČrnomeljTribuče
1%
LendavaTrimlini
1%
BraslovčeTrnava
1%
Trnovska VasTrnovski Vrh
1%
Slovenj GradecTroblje
1%
Ilirska BistricaTrpčane
1%
KoperTrsek
1%
Krško | Novo MestoTrška Gora
1%
TolminTrtnik
1%
KoperTruške
1%
VidemTržec
1%
Rogaška Slatina | SevnicaTržišče
1%
SežanaTublje pri Komnu
1%
KamnikTunjice
1%
KomenTupelče
1%
Ravne na KoroškemUršlja Gora
1%
Novo MestoUršna sela
1%
AjdovščinaUstje
1%
PuconciVadarci
1%
TržičVadiče
1%
MedvodeValburga
1%
KomenVale
1%
CerkvenjakVanetina
1%
DivačaVareje
1%
MedvodeVaše
1%
KamnikVaseno
1%
KomenVečkoti
1%
BrdaVedrijan
1%
Cerklje na GorenjskemVelesovo
1%
OrmožVeličane
1%
Ilirska BistricaVelika Bukovica
1%
BrežiceVelika Dolina
1%
ŽalecVelika Pirešica
1%
Velike LaščeVelika Slevica
1%
Ribnica | ŠkocjanVelike Poljane
1%
AjdovščinaVelike Žablje
1%
OrmožVeliki Brebrovnik
1%
Krško | SežanaVeliki Dol
1%
TrebnjeVeliki Gaber
1%
KamnikVeliki Hrib
1%
VidemVeliki Okič
1%
PostojnaVeliki Otok
1%
Ilirska BistricaVeliko Brdo
1%
Slovenska BistricaVeliko Tinje
1%
LjubljanaVeliko Trebeljevo
1%
DravogradVelka
1%
VrhnikaVerd
1%
Novo MestoVerdun
1%
Murska Sobota | RazkrižjeVeščica
1%
KozjeVetrnik
1%
MetlikaVidošiči
1%
MedvodeVikrče
1%
LenartVinička vas
1%
Dol pri LjubljaniVinje
1%
Brežice | Šmarješke Toplice | Šmartno pri LitijiVinji Vrh
1%
VelenjeVinska Gora
1%
OrmožVinski Vrh
1%
BrdaVipolže
1%
BrdaVišnjevik
1%
Tržič | ŠentjurVisoče
1%
Slovenska BistricaVisole
1%
Nova GoricaVitovlje
1%
MariborVodole
1%
Slovenj GradecVodriž
1%
Nova GoricaVoglarji
1%
Sežana | ŠenčurVoglje
1%
Miren-KostanjevicaVojščica
1%
Idrija | Kozje | VodiceVojsko
1%
Pivka | TolminVolče
1%
Renče–VogrskoVolčja Draga
1%
KomenVolčji Grad
1%
PesnicaVosek
1%
SežanaVrabče
1%
ŠentiljVranji Vrh
1%
ČrnomeljVranoviči
1%
ApačeVratja vas
1%
ApačeVratji Vrh
1%
Ilirska BistricaVrbica
1%
Kostanjevica na Krki | ŽalecVrbje
1%
Kočevje | TrebnjeVrbovec
1%
BrežiceVrhje
1%
ČrnomeljVrhovci
1%
Cerklje na GorenjskemVrhovje
1%
Lukovica | SežanaVrhovlje
1%
BrdaVrhovlje pri Kojskem
1%
BrdaVrhovlje pri Kožbani
1%
KobaridVrsno
1%
Kostanjevica na KrkiVrtača
1%
Miren-KostanjevicaVrtoče
1%
AjdovščinaVrtovče
1%
AjdovščinaVrtovin
1%
HorjulVrzdenec
1%
Moravske TopliceVučja Gomila
1%
PesnicaVukovje
1%
PesnicaVukovski Dol
1%
OrmožVuzmetinci
1%
KoperZabavlje
1%
TolminŽabče
1%
Ilirska BistricaZabiče
1%
TrebnjeŽabjek
1%
KranjŽablje
1%
Slovenska BistricaŽabljek
1%
Brezovica | KranjŽabnica
1%
BorovnicaZabočevo
1%
Domžale | Kostanjevica na Krki | ŠkocjanZaboršt
1%
LaškoZabrež
1%
ŽirovnicaZabreznica
1%
RadovljicaZadnja vas
1%
CeljeZadobrova
1%
NakloZadraga
1%
GorišnicaZagojiči
1%
AjdovščinaŽagolič
1%
Kanal ob SočiZagomila
1%
PostojnaZagon
1%
Kanal ob SočiZagora
1%
LitijaZagozd
1%
ČrnomeljZagozdac
1%
Ivančna GoricaZagradec
1%
KomenZagrajec
1%
CerknicaZahrib
1%
KamnikZakal
1%
MariborZa Kalvarijo
1%
CerknoZakriž
1%
BrdaZali Breg
1%
ŽeleznikiZali Log
1%
GrosupljeŽalna
1%
KrškoZaloke
1%
PolzelaZalože
1%
LenartZamarkova
1%
SodražicaZamostec
1%
KoperZanigrad
1%
VrhnikaZaplana
1%
Ig | Kanal ob Soči | SodražicaZapotok
1%
KostelZapuže pri Kostelu
1%
Ilirska BistricaZarečica
1%
Destrnik | KriževciZasadi
1%
TolminZatolmin
1%
Zagorje ob SaviZavine
1%
ŠkocjanZavinek
1%
AjdovščinaZavino
1%
MislinjaZavrše
1%
HorjulŽažar
1%
Šmarješke TopliceZbure
1%
DobrepoljeZdenska vas
1%
Kozje | KrškoZdole
1%
Slovenske KonjiceZeče
1%
KomendaŽeje pri Komendi
1%
MetlikaŽelebej
1%
ŠkofljicaŽelimlje
1%
MetlikaZemelj
1%
VipavaZemono
1%
Kranj | LjubljanaZgornja Besnica
1%
Moravče | RadovljicaZgornja Dobrava
1%
Ivančna GoricaZgornja Draga
1%
Rače-FramZgornja Gorica
1%
Slovenska BistricaZgornja Ložnica
1%
Škofja LokaZgornja Luša
1%
Kranjska GoraZgornja Radovna
1%
Sveta AnaZgornja Ščavnica
1%
Selnica ob DraviZgornja Selnica
1%
Sveta Trojica v Slovenskih GoricahZgornja Senarska
1%
GrosupljeZgornja Slivnica
1%
ŽeleznikiZgornja Sorica
1%
Radlje ob DraviZgornja Vižinga
1%
KranjZgornje Bitnje
1%
ŠentiljZgornje Dobrenje
1%
NakloZgornje Duplje
1%
KidričevoZgornje Jablane
1%
ApačeZgornje Konjišče
1%
MedvodeZgornje Pirniče
1%
KoperZgornje Škofije
1%
KamnikZgornje Stranje
1%
TržičZgornje Vetrno
1%
Selnica ob DraviZgornji Boč
1%
OsilnicaZgornji Čačič
1%
LitijaZgornji Hotič
1%
PesnicaZgornji Jakobski Dol
1%
LjutomerZgornji Kamenščak
1%
Sveta Trojica v Slovenskih GoricahZgornji Porčič
1%
Slovenj GradecZgornji Razbor
1%
KamnikZgornji Tuhinj
1%
DestrnikZgornji Velovlek
1%
RadovljicaZgoša
1%
TržičŽiganja vas
1%
Sveti Jurij ob ŠčavniciŽihlava
1%
DuplekZimica
1%
SežanaŽirje
1%
DobrovnikŽitkovci
1%
ČrenšovciŽižki
1%
BohinjŽlan
1%
RibnicaŽlebič
1%
Škofja LokaZminec
1%
Kamnik | Tolmin | Zagorje ob SaviZnojile
1%
ČrnomeljŽuniči
1%
KoperŽupančiči
1%
KidričevoŽupečja vas
1%
CerknicaŽupeno
1%
CerkvenjakŽupetinci
1%
OsilnicaŽurge
1%
OrmožŽvab
1%
Velike LaščeAdamovo
0%
Gornji PetrovciAdrijanci
0%
KostelAjbelj
0%
PolzelaAndraž nad Polzelo
0%
Moravske TopliceAndrejci
0%
KrškoAnovec
0%
KrškoAnže
0%
ŠentjernejApnenik
0%
SevnicaApnenik pri Boštanju
0%
KrškoApnenik pri Velikem Trnu
0%
TrebnjeArčelca
0%
VojnikArclin
0%
KrškoArdro pod Velikim Trnom
0%
KrškoArdro pri Raki
0%
KrškoArmeško
0%
VelenjeArnače
0%
BrežiceArnovo selo
0%
Ivančna GoricaArtiža vas
0%
TrebnjeArtmanja vas
0%
SevnicaArto
0%
SežanaAvber
0%
Kostanjevica na KrkiAvguštine
0%
KobaridAvsa
0%
Gornja RadgonaAženski Vrh
0%
Šmarje pri JelšahBabna Brda
0%
Dobrova–Polhov Gradec | Trebnje | Šmarje pri JelšahBabna Gora
0%
Šmarje pri JelšahBabna Reka
0%
KranjBabni Vrt
0%
TolminBača pri Modreju
0%
TolminBača pri Podbrdu
0%
Gorenja Vas–PoljaneBačne
0%
Hrpelje-KozinaBač pri Materiji
0%
Ivančna GoricaBakrc
0%
ČrnomeljBalkovci
0%
LendavaBanuta
0%
VidemBarislovci
0%
PreddvorBašelj
0%
Velike LaščeBavdek
0%
ČrnomeljBedenj
0%
Hrpelje-KozinaBeka
0%
Šmarješke TopliceBela Cerkev
0%
VidemBelavšek
0%
ČrnomeljBelčji Vrh
0%
Mokronog-TrebelnoBeli Grič
0%
VojnikBeli Potok pri Frankolovem
0%
Šmarje pri JelšahBeli Potok pri Lembergu
0%
LaškoBelovo
0%
PrevaljeBelšak
0%
TrebnjeBelšinja vas
0%
ZavrčBelski Vrh
0%
TrebnjeBenečija
0%
MetlikaBereča vas
0%
VidemBerinjak
0%
LitijaBerinjek
0%
KriževciBerkovski Prelogi
0%
LjubljanaBesnica
0%
SodražicaBetonovo
0%
VojnikBezenškovo Bukovje
0%
Osilnica | Šmarje pri JelšahBezgovica
0%
Slovenske KonjiceBezina
0%
PuconciBeznovci
0%
ZrečeBezovje nad Zrečami
0%
ŠentjurBezovje pri Šentjurju
0%
GrosupljeBičje
0%
Škofja LokaBinkelj
0%
Novo MestoBirčna vas
0%
SevnicaBirna vas
0%
Trnovska VasBišečki Vrh
0%
Sveti Jurij ob ŠčavniciBiserjane
0%
Mirna PečBiška vas
0%
KamnikBistričica
0%
LitijaBitiče
0%
Mokronog-TrebelnoBitnja vas
0%
BrežiceBizeljska vas
0%
VrhnikaBlatna Brezovica
0%
SemičBlatnik pri Črmošnjicah
0%
ČrnomeljBlatnik pri Črnomlju
0%
LaškoBlatni Vrh
0%
BrežiceBlatno
0%
GrosupljeBlečji Vrh
0%
Zagorje ob SaviBlodnik
0%
HrastnikBoben
0%
KranjBobovek
0%
ŠentjurBobovo pri Ponikvi
0%
Šmarje pri JelšahBobovo pri Šmarju
0%
KoperBočaji
0%
Kanal ob Soči | Šmarje pri JelšahBodrež
0%
Šmarje pri JelšahBodrišna vas
0%
Ivančna GoricaBoga vas
0%
MetlikaBoginja vas
0%
Mokronog-TrebelnoBogneča vas
0%
ZrečeBoharina
0%
MetlikaBojanja vas
0%
Ivančna GoricaBojanji Vrh
0%
Slovenska BistricaBojtina
0%
PuconciBokrači
0%
MajšperkBolečka vas
0%
ŠentjurBoletina
0%
LitijaBoltija
0%
Gornji PetrovciBoreča
0%
TišinaBorejci
0%
Novo MestoBoričevo
0%
Zagorje ob SaviBorje pri Mlinšah
0%
Zagorje ob SaviBorovak pri Podkumu
0%
LitijaBorovak pri Polšniku
0%
Velike LaščeBorovec pri Karlovici
0%
KočevjeBorovec pri Kočevski Reki
0%
ŽužemberkBoršt pri Dvoru
0%
Velike LaščeBoštetje
0%
ŠentjurBotričnica
0%
VojnikBovše
0%
MetlikaBožič Vrh
0%
OplotnicaBožje
0%
BrežiceBračna vas
0%
Velike LaščeBrankovo
0%
Ivančna GoricaBratnice
0%
ČrnomeljBrdarci
0%
Hrastnik | VojnikBrdce
0%
DobrnaBrdce nad Dobrno
0%
LukovicaBrdo pri Lukovici
0%
Gorenja Vas–PoljaneBrebovnica
0%
Šmarje pri JelšahBrecljevo
0%
KrškoBrege
0%
PreddvorBreg ob Kokri
0%
BorovnicaBreg pri Borovnici
0%
Ivančna GoricaBreg pri Dobu
0%
KočevjeBreg pri Kočevju
0%
KomendaBreg pri Komendi
0%
Slovenske KonjiceBreg pri Konjicah
0%
LitijaBreg pri Litiji
0%
PolzelaBreg pri Polzeli
0%
RibnicaBreg pri Ribnici na Dol.
0%
ČrnomeljBreg pri Sinjem Vrhu
0%
Ivančna GoricaBreg pri Temenici
0%
Ivančna GoricaBreg pri Zagradcu
0%
ŽiriBrekovice
0%
ŠentjernejBreška vas
0%
Rogaška SlatinaBrestovec
0%
SežanaBrestovica pri Povirju
0%
DivačaBrežec pri Divači
0%
KoperBrežec pri Podgorju
0%
VitanjeBrezen
0%
KamnikBrezje nad Kamnikom
0%
ŠentjurBrezje ob Slomu
0%
PostojnaBrezje pod Nanosom
0%
BrežiceBrezje pri Bojsnem
0%
DobjeBrezje pri Dobjem
0%
Dobrova–Polhov GradecBrezje pri Dobrovi
0%
DomžaleBrezje pri Dobu
0%
KrškoBrezje pri Dovškem
0%
GrosupljeBrezje pri Grosupljem
0%
LitijaBrezje pri Kumpolju
0%
Šmarje pri JelšahBrezje pri Lekmarju
0%
LjubljanaBrezje pri Lipoglavu
0%
Slovenske KonjiceBrezje pri Ločah
0%
OplotnicaBrezje pri Oplotnici
0%
Rogaška SlatinaBrezje pri Podplatu
0%
PoljčaneBrezje pri Poljčanah
0%
KrškoBrezje pri Raki
0%
SemičBrezje pri Rožnem Dolu
0%
ŠentjernejBrezje pri Šentjerneju
0%
KrškoBrezje pri Senušah
0%
Slovenska BistricaBrezje pri Slov. Bistrici
0%
Mokronog-TrebelnoBrezje pri Trebelnem
0%
BrežiceBrezje pri Veliki Dolini
0%
SemičBrezje pri Vinjem Vrhu
0%
KrškoBrezje v Podbočju
0%
Škofja LokaBreznica pod Lubnikom
0%
ŽiriBreznica pri Žireh
0%
Radlje ob DraviBrezni Vrh
0%
SemičBrezova Reber
0%
ŽužemberkBrezova Reber pri Dvoru
0%
LendavaBrezovec - del
0%
PodčetrtekBrezovec pri Polju
0%
RogatecBrezovec pri Rogatcu
0%
BrežiceBrezovica na Bizeljskem
0%
BorovnicaBrezovica pri Borovnici
0%
SemičBrezovica pri Črmošnjicah
0%
MedvodeBrezovica pri Medvodah
0%
MirnaBrezovica pri Mirni
0%
KočevjeBrezovica pri Predgradu
0%
Novo MestoBrezovica pri Stopičah
0%
Mokronog-TrebelnoBrezovica pri Trebelnem
0%
LukovicaBrezovica pri Zlatem Polju
0%
KrškoBrezovica v Podbočju
0%
Ivančna GoricaBrezovi Dol
0%
Hrpelje-KozinaBrezovo Brdo
0%
KrškoBrezovska Gora
0%
Rače-FramBrezula
0%
LitijaBrglez
0%
KostelBriga
0%
RibnicaBrinovščica
0%
Dobrova–Polhov GradecBriše pri Polhovem Gradcu
0%
SežanaBrje pri Koprivi
0%
Hrastnik | ŽalecBrnica
0%
LaškoBrodnice
0%
KrškoBrod v Podbočju
0%
LukovicaBršlenovica
0%
KostelBrsnik
0%
LaškoBrstnik
0%
SemičBrstovec
0%
LaškoBrstovnica
0%
Mokronog-TrebelnoBruna vas
0%
RadečeBrunška Gora
0%
GrosupljeBrvace
0%
BrežiceBrvi
0%
KrškoBučerca
0%
ŽužemberkBudganja vas
0%
Nova GoricaBudihni
0%
BrežiceBukošek
0%
KočevjeBukova Gora
0%
LaškoBukovca
0%
RibnicaBukovec pri Poljanah
0%
Šmartno pri LitijiBukovica pri Litiji
0%
VodiceBukovica pri Vodicah
0%
ŠentjurBukovje pri Slivnici
0%
Šmarje pri JelšahBukovje v Babni Gori
0%
ZrečeBukovlje
0%
Moravske TopliceBukovnica
0%
CerknoBukovo
0%
Škofja LokaBukovščica
0%
TolminBukovski Vrh
0%
Škofja LokaBukov Vrh nad Visokim
0%
CeljeBukovžlak
0%
BrežiceBušeča vas
0%
Dolenjske TopliceBušinec
0%
MetlikaBušinja vas
0%
ČrnomeljButoraj
0%
Gorenja Vas–PoljaneČabrače
0%
Rogaška SlatinaČača vas
0%
OplotnicaČadram
0%
PoljčaneČadramska vas
0%
ŠentjernejČadraže
0%
TolminČadrg
0%
Ivančna GoricaČagošče
0%
Sveti Jurij ob ŠčavniciČakova
0%
SevnicaČanje
0%
LitijaČateška Gora
0%
TrbovljeČebine
0%
Hrastnik | TrbovljeČeče - del
0%
BrežiceČedem
0%
IdrijaČekovnik
0%
MariborCelestrina
0%
Šmarješke TopliceČelevec
0%
KrškoCeline
0%
SevnicaČelovnik
0%
Mirna PečČemše
0%
Zagorje ob SaviČemšenik
0%
CerknoČeplez
0%
PivkaČepno
0%
KranjČepulje
0%
BrežiceCerina
0%
Cerklje na GorenjskemCerkljanska Dobrava
0%
CerknoCerkljanski Vrh
0%
ČrnomeljCerkvišče
0%
ŽetaleČermožiše
0%
Rogaška SlatinaCerovec pod Bočem
0%
SemičCerovec pri Črešnjevcu
0%
Šmarje pri JelšahCerovec pri Šmarju
0%
Mokronog-TrebelnoCerovec pri Trebelnem
0%
Šmartno pri LitijiCerovica
0%
ŠentjernejCerov Log
0%
GrosupljeCerovo
0%
Novo MestoČešča vas
0%
DomžaleČešenik
0%
Cerklje na Gorenjskem | TrebnjeČešnjevek
0%
LjubljanaČešnjica
0%
RadovljicaČešnjica pri Kropi
0%
MoravčeČešnjice pri Moravčah
0%
Mokronog-TrebelnoČešnjice pri Trebelnem
0%
Ivančna GoricaČešnjice pri Zagradcu
0%
KamnikČešnjice v Tuhinju
0%
Rogaška SlatinaCeste
0%
Gorenja Vas–PoljaneČetena Ravan
0%
DobrepoljeČetež pri Strugah
0%
Velike LaščeČetež pri Turjaku
0%
KoperČežarji
0%
Slovenska BistricaCezlak
0%
Moravske TopliceČikečka vas
0%
Mokronog-TrebelnoČilpah
0%
RadečeČimerno
0%
Lovrenc na PohorjuČinžat
0%
KungotaCiringa
0%
KrškoCirje
0%
ŠentiljCirknica
0%
LitijaCirkuše
0%
KamnikCirkuše v Tuhinju
0%
Brežice | MirnaCirnik
0%
ŠentjernejČisti Breg
0%
PodčetrtekCmereška Gorca
0%
KostelColnarji
0%
Kanal ob SočiČolnica
0%
Zagorje ob SaviČolnišče
0%
VojnikČreškova
0%
Bistrica ob SotliČrešnjevec ob Bistrici
0%
Selnica ob DraviČrešnjevec ob Dravi
0%
ČrnomeljČrešnjevec pri Dragatušu
0%
Kostanjevica na KrkiČrešnjevec pri Oštrcu
0%
SemičČrešnjevec pri Semiču
0%
Novo Mesto | VojnikČrešnjice
0%
KrškoČrešnjice nad Pijavškim
0%
BrežiceČrešnjice pri Cerkljah
0%
ZrečeČrešnova
0%
Hoče-Slivnica | VranskoČreta
0%
NazarjeČreta pri Kokarjah
0%
KrškoČretež pri Krškem
0%
ZrečeČretvež
0%
Trnovska VasČrmlja
0%
Novo MestoČrmošnjice pri Stopičah
0%
KamnikČrna pri Kamniku
0%
DravogradČrneška Gora
0%
Škofja LokaCrngrob
0%
KočevjeČrni Potok pri Kočevju
0%
RibnicaČrni Potok pri Vel. Laščah
0%
KamnikČrni Vrh v Tuhinju
0%
ŠentjurČrnolica
0%
LjutomerCuber
0%
ŠkocjanČučja Mlaka
0%
BrežiceCundrovec
0%
Brežice | LaškoCurnovec
0%
GrosupljeČušperk
0%
Mokronog-TrebelnoČužnja vas
0%
KočevjeCvišlerji
0%
TolminDaber
0%
KrškoDalce
0%
Novo MestoDaljni Vrh
0%
ČrnomeljDalnje Njive
0%
ČrnomeljDamelj
0%
DivačaDane pri Divači
0%
SežanaDane pri Sežani
0%
Ivančna GoricaDebeče
0%
MirnaDebenec
0%
Gorenja Vas–PoljaneDebeni
0%
LaškoDebro
0%
ČrnomeljDečina
0%
TrebnjeDečja vas
0%
Ivančna GoricaDečja vas pri Zagradcu
0%
SevnicaDedna Gora
0%
Velike LaščeDednik
0%
KrškoDedni Vrh
0%
VojnikDedni Vrh pri Vojniku
0%
BrežiceDednja vas
0%
Bistrica ob SotliDekmanca
0%
KostelDelač
0%
Gorenja Vas–PoljaneDelnice
0%
ŽužemberkDešeča vas
0%
DestrnikDesenci
0%
MakoleDežno pri Makolah
0%
PodlehnikDežno pri Podlehniku
0%
PostojnaDilce
0%
Dolenjske TopliceDobindol
0%
ŠentjurDobje pri Lesičnem
0%
DobjeDobje pri Planini
0%
LaškoDoblatina
0%
NazarjeDobletina
0%
KozjeDobležiče
0%
ČrnomeljDobliče
0%
ČrnomeljDoblička Gora
0%
TrbovljeDobovec
0%
ŠentjurDobovec pri Ponikvi
0%
RogatecDobovec pri Rogatcu
0%
LitijaDobovica
0%
DomžaleDobovlje
0%
Novo MestoDobovo
0%
Ivančna GoricaDob pri Šentvidu
0%
KrškoDobrava ob Krki
0%
KrškoDobrava pod Rako
0%
Slovenske KonjiceDobrava pri Konjicah
0%
Kostanjevica na KrkiDobrava pri Kostanjevici
0%
ŠkocjanDobrava pri Škocjanu
0%
Ivančna GoricaDobrava pri Stični
0%
Ig | Radovljica | ŠentjernejDobravica
0%
TrebnjeDobravica pri Vel. Gabru
0%
Gorenja Vas–PoljaneDobravšce
0%
PolzelaDobrič
0%
Ravne na KoroškemDobrije
0%
Šentjur | ŽetaleDobrina
0%
ŽalecDobriša vas
0%
OplotnicaDobriška vas
0%
Zagorje ob SaviDobrljevo
0%
Slovenske KonjiceDobrnež
0%
TrebnjeDobrnič
0%
DravogradDobrova pri Dravogradu
0%
OplotnicaDobrova pri Prihovi
0%
MozirjeDobrovlje pri Mozirju
0%
VodiceDobruša
0%
MajšperkDoklece
0%
Gorenja Vas–PoljaneDolenčice
0%
Brezovica | ŠentjernejDolenja Brezovica
0%
Gorenja Vas–Poljane | TrebnjeDolenja Dobrava
0%
KrškoDolenja Lepa vas
0%
TrebnjeDolenja Nemška vas
0%
BrežiceDolenja Pirošica
0%
ČrnomeljDolenja Podgora
0%
Gorenja Vas–PoljaneDolenja Ravan
0%
ŠentjernejDolenja Stara vas
0%
BrežiceDolenja vas pri Artičah
0%
TrebnjeDolenja vas pri Čatežu
0%
ČrnomeljDolenja vas pri Črnomlju
0%
KrškoDolenja vas pri Krškem
0%
Mirna PečDolenja vas pri Mirni Peči
0%
Dobrova–Polhov GradecDolenja vas pri Polhovem Gradcu
0%
GrosupljeDolenja vas pri Polici
0%
KrškoDolenja vas pri Raki
0%
Ivančna GoricaDolenja vas pri Temenici
0%
KostelDolenja Žaga
0%
Gorenja Vas–PoljaneDolenja Žetina
0%
ČrnomeljDolenjci
0%
Gorenja Vas–PoljaneDolenje Brdo
0%
ŠkocjanDolenje Dole
0%
Dolenjske TopliceDolenje Gradišče
0%
ŠentjernejDolenje Gradišče pri Šentj.
0%
Novo MestoDolenje Grčevje
0%
ŠentrupertDolenje Jesenice
0%
Velike LaščeDolenje Kališče
0%
Novo MestoDolenje Kamenje
0%
TrebnjeDolenje Kamenje pri Dobrniču
0%
Novo MestoDolenje Karteljevo
0%
Šmarješke TopliceDolenje Kronovo
0%
Mokronog-TrebelnoDolenje Laknice
0%
Novo MestoDolenje Lakovnice
0%
TrebnjeDolenje Medvedje selo
0%
ŠentjernejDolenje Mokro Polje
0%
Kanal ob SočiDolenje Nekovo
0%
RibnicaDolenje Podpoljane
0%
Dolenjske TopliceDolenje Polje
0%
TrebnjeDolenje Ponikve
0%
ŠkocjanDolenje Radulje
0%
TrebnjeDolenje Selce
0%
BrežiceDolenje Skopice
0%
Dolenjske TopliceDolenje Sušice
0%
ŠentjernejDolenje Vrhpolje
0%
Mokronog-TrebelnoDolenje Zabukovje
0%
SevnicaDolenji Boštanj
0%
Mirna PečDolenji Globodol
0%
KrškoDolenji Leskovec
0%
ŠentjernejDolenji Maharovec
0%
Mirna PečDolenji Podboršt
0%
TrebnjeDolenji Podboršt pri Treb.
0%
TrebnjeDolenji Podšumberk
0%
KostelDolenji Potok
0%
ČrnomeljDolenji Radenci
0%
Novo MestoDolenji Suhadol
0%
ČrnomeljDolenji Suhor pri Vinici
0%
TrebnjeDolenji Vrh
0%
MoravčeDole pod Sv. Trojico
0%
MoravčeDole pri Krašcah
0%
LitijaDole pri Litiji
0%
GrosupljeDole pri Polici
0%
ŠkofljicaDole pri Škofljici
0%
PrevaljeDolga Brda
0%
ŠentjurDolga Gora
0%
TrebnjeDolga Njiva pri Šentlovren.
0%
KrškoDolga Raka
0%
TolminDolgi Laz
0%
Slovenska BistricaDolgi Vrh
0%
Litija | LjubljanaDolgo Brdo
0%
Zagorje ob SaviDolgo Brdo pri Mlinšah
0%
Ilirska BistricaDolnja Bitnja
0%
KočevjeDolnja Briga
0%
PivkaDolnja Košana
0%
MetlikaDolnja Lokvica
0%
ČrnomeljDolnja Paka
0%
PesnicaDolnja Počehova
0%
Kostanjevica na KrkiDolnja Prekopa
0%
ŠkocjanDolnja Stara vas
0%
Novo MestoDolnja Težka Voda
0%
SevnicaDolnje Brezovo
0%
SevnicaDolnje Impolje
0%
DivačaDolnje Ležeče
0%
KočevjeDolnje Ložine
0%
StražaDolnje Mraševo
0%
SevnicaDolnje Orle
0%
TrebnjeDolnje Prapreče
0%
DivačaDolnje Vreme
0%
ŽužemberkDolnji Ajdovec
0%
ŽužemberkDolnji Kot
0%
ŽužemberkDolnji Križ
0%
GradDolnji Slaveči
0%
Šmartno pri LitijiDolnji Vrh
0%
VojnikDol pod Gojko
0%
BorovnicaDol pri Borovnici
0%
LaškoDol pri Laškem
0%
Šmarje pri JelšahDol pri Pristavi
0%
Šmarješke TopliceDol pri Šmarjeti
0%
Šmarje pri JelšahDol pri Šmarju
0%
MajšperkDol pri Stopercah
0%
TrebnjeDol pri Trebnjem
0%
SežanaDol pri Vogljah
0%
Velike LaščeDolščaki
0%
Kostanjevica na KrkiDolšce
0%
ŠalovciDomanjševci
0%
Renče–VogrskoDombrava
0%
Škofja LokaDorfarje
0%
VodiceDornice
0%
ŠentjurDoropolje
0%
KrškoDovško
0%
ŠentrupertDraga pri Šentrupertu
0%
ČrnomeljDraga pri Sinjem Vrhu
0%
Šmarje pri JelšahDragomilo
0%
MetlikaDragomlja vas
0%
ČrnomeljDragoši
0%
ČrnomeljDragovanja vas
0%
Šmartno pri LitijiDragovšek
0%
ŠentjernejDrama
0%
BrežiceDramlja
0%
PesnicaDrankovec
0%
ŽužemberkDrašča vas
0%
VidemDravinjski Vrh
0%
Slovenske KonjiceDraža vas
0%
Sveta AnaDražen Vrh - del
0%
Dobrova–Polhov GradecDraževnik
0%
BorovnicaDražica
0%
Sveti Andraž v Slovenskih GoricahDrbetinci
0%
ŠentjernejDrča
0%
Mokronog-TrebelnoDrečji Vrh
0%
ŠkofljicaDrenik
0%
Dolenjske TopliceDrenje
0%
BrežiceDrenovec pri Bukovju
0%
KrškoDrenovec pri Leskovcu
0%
KozjeDrensko Rebro
0%
ŽalecDrešinja vas
0%
Rogaška SlatinaDrevenik
0%
Kostel | ČrnomeljDrežnik
0%
KobaridDrežniške Ravne
0%
StražaDrganja sela
0%
ŠentjurDrobinsko
0%
TolminDrobočnik
0%
ApačeDrobtinci
0%
SevnicaDrožanje
0%
PivkaDrskovče
0%
DestrnikDrstelja
0%
MoravčeDrtija
0%
Slovenska BistricaDrumlažno
0%
SevnicaDrušče
0%
Zagorje ob SaviDružina
0%
ŠoštanjDružmirje
0%
BenediktDrvanja
0%
Ribnica | ŠkocjanDule
0%
KrškoDunaj
0%
LukovicaDupeljne
0%
BrežiceDvorce
0%
KoperDvori
0%
Dobrova–Polhov GradecDvor pri Polhovem Gradcu
0%
VipavaErzelj
0%
Slovenska BistricaFarovec
0%
RogašovciFikšinci
0%
SežanaFilipčje Brdo
0%
PesnicaFlekušek
0%
Gornji GradFlorjan pri Gornjem Gradu
0%
Škofja LokaForme
0%
Slovenska BistricaFošt
0%
VojnikFrankolovo
0%
KrškoFrluga
0%
Sveta AnaFroleh
0%
Slovenska BistricaGabernik
0%
SemičGaber pri Črmošnjicah
0%
SevnicaGabrijele
0%
MoravčeGabrje pod Limbarsko Goro
0%
LukovicaGabrje pod Špilkom
0%
BrežiceGabrje pri Dobovi
0%
GrosupljeGabrje pri Ilovi Gori
0%
LjubljanaGabrje pri Jančah
0%
Dolenjske TopliceGabrje pri Soteski
0%
Ivančna GoricaGabrje pri Stični
0%
LaškoGabrno
0%
Ivančna GoricaGabrovčec
0%
VojnikGabrovec pri Dramljah
0%
Rogaška SlatinaGabrovec pri Kostrivnici
0%
Ivančna GoricaGabrovka pri Zagradcu
0%
Slovenske KonjiceGabrovlje
0%
KamnikGabrovnica
0%
Slovenske KonjiceGabrovnik
0%
Škofja LokaGabrovo
0%
LitijaGabrska Gora
0%
Škofja LokaGabrška Gora
0%
TrbovljeGabrsko
0%
GrosupljeGajniče
0%
KoperGalantiči
0%
Sveti Jurij ob ŠčavniciGalušak
0%
RibnicaGašpinovo
0%
GrosupljeGatina
0%
Šmartno ob PakiGavce
0%
BrežiceGazice
0%
LendavaGenterovci
0%
KostelGladloka
0%
Slovenska BistricaGladomes
0%
Mirna | ŠkofljicaGlinek
0%
CeljeGlinsko
0%
Mirna PečGlobočdol
0%
VojnikGloboče
0%
Kostanjevica na KrkiGlobočice pri Kostanjevici
0%
PoljčaneGloboko ob Dravinji
0%
Šmarje pri JelšahGloboko pri Šmarju
0%
BrežiceGlogov Brod
0%
Ivančna GoricaGlogovica
0%
KomendaGmajnica
0%
LitijaGobnik
0%
NakloGobovce
0%
SežanaGodnje
0%
LukovicaGolčaj
0%
Zagorje ob SaviGolče
0%
Krško | ČrnomeljGolek
0%
ČrnomeljGolek pri Vinici
0%
LitijaGolišče
0%
Gorenja Vas–Poljane | KrškoGoli Vrh
0%
TrebnjeGoljek
0%
Kanal ob SočiGoljevica
0%
Mirna PečGolobinjek
0%
PodčetrtekGolobinjek ob Sotli
0%
ŠentjurGolobinjek pri Planini
0%
Novo MestoGolušnik
0%
TrebnjeGombišče
0%
DestrnikGomilci
0%
TurniščeGomilica
0%
KomendaGora pri Komendi
0%
MoravčeGora pri Pečah
0%
PodlehnikGorca
0%
DravogradGorče
0%
RadečeGoreljce
0%
Brezovica | ŠentjernejGorenja Brezovica
0%
Gorenja Vas–Poljane | TrebnjeGorenja Dobrava
0%
ŠentjernejGorenja Gomila
0%
IdrijaGorenja Kanomlja
0%
KrškoGorenja Lepa vas
0%
TrebnjeGorenja Nemška vas
0%
BrežiceGorenja Pirošica
0%
ČrnomeljGorenja Podgora
0%
Gorenja Vas–PoljaneGorenja Ravan
0%
ŠentjernejGorenja Stara vas
0%
TrebnjeGorenja vas pri Čatežu
0%
KrškoGorenja vas pri Leskovcu
0%
MirnaGorenja vas pri Mirni
0%
Mokronog-TrebelnoGorenja vas pri Mokronogu
0%
GrosupljeGorenja vas pri Polici
0%
Šmarješke TopliceGorenja vas pri Šmarjeti
0%
Škofja LokaGorenja vas - Reteče
0%
KostelGorenja Žaga
0%
Gorenja Vas–PoljaneGorenja Žetina
0%
ČrnomeljGorenjci pri Adlešičih
0%
ŠkofljicaGorenje Blato
0%
Gorenja Vas–PoljaneGorenje Brdo
0%
Ivančna GoricaGorenje Brezovo
0%
Krško | ŠkocjanGorenje Dole
0%
Dolenjske TopliceGorenje Gradišče
0%
ŠentjernejGorenje Gradišče pri Šentj.
0%
Novo MestoGorenje Grčevje
0%
LitijaGorenje Jelenje
0%
ŠentrupertGorenje Jesenice
0%
Velike LaščeGorenje Kališče
0%
Novo MestoGorenje Kamence
0%
Novo MestoGorenje Kamenje
0%
TrebnjeGorenje Kamenje pri Dobrniču
0%
Novo MestoGorenje Karteljevo
0%
Novo MestoGorenje Kronovo
0%
Mokronog-TrebelnoGorenje Laknice
0%
Novo MestoGorenje Lakovnice
0%
TrebnjeGorenje Medvedje selo
0%
ŠentjernejGorenje Mokro Polje
0%
Novo MestoGorenje Mraševo
0%
Kanal ob SočiGorenje Nekovo
0%
RibnicaGorenje Podpoljane
0%
TrebnjeGorenje Ponikve
0%
SežanaGorenje pri Divači
0%
ZrečeGorenje pri Zrečah
0%
ŠkocjanGorenje Radulje
0%
TrebnjeGorenje Selce
0%
BrežiceGorenje Skopice
0%
Dolenjske TopliceGorenje Sušice
0%
ŠentjernejGorenje Vrhpolje
0%
Mokronog-TrebelnoGorenje Zabukovje
0%
Mirna PečGorenji Globodol
0%
KrškoGorenji Leskovec
0%
TolminGorenji Log
0%
ŠentjernejGorenji Maharovec
0%
Mokronog-TrebelnoGorenji Mokronog
0%
Mirna PečGorenji Podboršt
0%
TrebnjeGorenji Podboršt pri V. Loki
0%
TrebnjeGorenji Podšumberk
0%
KostelGorenji Potok
0%
Novo MestoGorenji Suhadol
0%
TrebnjeGorenji Vrh pri Dobrniču
0%
IdrijaGorenji Vrsnik
0%
ZavrčGorenjski Vrh
0%
TrebnjeGorica na Medvedjeku
0%
MedvodeGoričane
0%
DobjeGorica pri Dobjem
0%
OplotnicaGorica pri Oplotnici
0%
KrškoGorica pri Raztezu
0%
ŠentjurGorica pri Slivnici
0%
CeljeGorica pri Šmartnem
0%
RibnicaGoriča vas
0%
DivačaGoriče pri Famljah
0%
BrezovicaGoričica pod Krimom
0%
DomžaleGoričica pri Ihanu
0%
MoravčeGoričica pri Moravčah
0%
ŠkocjanGoriška Gora
0%
Mirna PečGoriška vas
0%
ŠkocjanGoriška vas pri Škocjanu
0%
DravogradGoriški Vrh
0%
KozjeGorjane
0%
DomžaleGorjuša
0%
Ilirska BistricaGornja Bitnja
0%
KočevjeGornja Briga
0%
PivkaGornja Košana
0%
ČrnomeljGornja Paka
0%
Kostanjevica na KrkiGornja Prekopa
0%
ŠkocjanGornja Stara vas
0%
Novo MestoGornja Težka Voda
0%
SevnicaGornje Impolje
0%
SemičGornje Laze
0%
KočevjeGornje Ložine
0%
SevnicaGornje Orle
0%
KrškoGornje Pijavško
0%
TrebnjeGornje Prapreče
0%
LitijaGornje Ravne
0%
DivačaGornje Vreme
0%
ŽužemberkGornji Ajdovec
0%
IgGornji Ig
0%
Gornja RadgonaGornji Ivanjci
0%
ŽužemberkGornji Kot
0%
ŽužemberkGornji Križ
0%
BrežiceGornji Lenart
0%
GrosupljeGornji Rogatec
0%
MetlikaGornji Suhor pri Metliki
0%
ČrnomeljGornji Suhor pri Vinici
0%
Šmartno pri LitijiGornji Vrh
0%
ŽiriGoropeke
0%
TolminGorski Vrh
0%
Škofja LokaGosteče
0%
PodčetrtekGostinca
0%
KostelGotenc
0%
KočevjeGotenica
0%
ŽalecGotovlje
0%
LaškoGovce
0%
SevnicaGoveji Dol
0%
IdrijaGovejk
0%
LaškoGozdec
0%
Šmartno pri LitijiGozd-Reka
0%
RibnicaGraben
0%
KriževciGrabe pri Ljutomeru
0%
Sveti Jurij ob ŠčavniciGrabšinci
0%
ZrečeGračič
0%
LaškoGračnica
0%
ŽužemberkGradenc
0%
Šmarješke TopliceGradenje
0%
LenartGradenšak
0%
Ivančna GoricaGradiček
0%
JuršinciGradiščak
0%
Šmartno pri LitijiGradišče-K. o. Grad. in Polj.
0%
LitijaGradišče-K. o. Št. Lovrenc
0%
Nova GoricaGradišče nad Prvačino
0%
Selnica ob DraviGradišče na Kozjaku
0%
DivačaGradišče pri Divači
0%
Šmartno pri LitijiGradišče pri Litiji
0%
LukovicaGradišče pri Lukovici
0%
Hrpelje-KozinaGradišče pri Materiji
0%
KrškoGradišče pri Raki
0%
SežanaGradišče pri Štjaku
0%
TrebnjeGradišče pri Trebnjem
0%
VojnikGradišče pri Vojniku
0%
KamnikGradišče v Tuhinju
0%
Hrpelje-KozinaGradišica
0%
Šmartno pri LitijiGradiške Laze
0%
Rogaška SlatinaGradiški Dol
0%
SemičGradnik
0%
Krško | SežanaGradnje
0%
SežanaGrahovo Brdo
0%
TolminGrant
0%
LogatecGrčarevec
0%
RibnicaGrčarske Ravne
0%
ŽalecGrče
0%
Mirna PečGrč Vrh
0%
MajšperkGrdina
0%
RibnicaGrebenje
0%
BrežiceGregovce
0%
Škofja LokaGrenc
0%
LjutomerGresovščak
0%
KostelGrgelj
0%
KočevjeGriček pri Željnah
0%
ČrnomeljGrič pri Dobličah
0%
Šmarješke TopliceGrič pri Klevevžu
0%
TrebnjeGrič pri Trebnjem
0%
KostelGrivac
0%
Šmarje pri JelšahGrliče
0%
JuršinciGrlinci
0%
TrebnjeGrmada
0%
ŠkocjanGrmovlje
0%
MetlikaGrm pri Podzemlju
0%
Šmarje pri JelšahGrobelce
0%
Šentjur | Šmarje pri JelšahGrobelno - del
0%
PostojnaGrobišče
0%
ŠentjernejGroblje pri Prekopi
0%
ŠentjernejGruča
0%
TolminGrudnica
0%
ŠentjurGrušce
0%
KungotaGrušena
0%
MariborGrušova
0%
Rečica ob SavinjiGrušovlje
0%
KrškoGržeča vas
0%
KozjeGubno
0%
Novo MestoGumberk
0%
ŠkofljicaGumnišče
0%
KrškoGunte
0%
Šmarje pri JelšahHajnsko
0%
Gornja RadgonaHercegovščak
0%
Novo MestoHerinja vas
0%
SevnicaHinjce
0%
Gorenja Vas–PoljaneHlavče Njive
0%
LogatecHleviše
0%
LogatecHlevni Vrh
0%
Mirna PečHmeljčič
0%
Gorenja Vas–PoljaneHobovše pri Stari Oselici
0%
LitijaHohovica
0%
RibnicaHojče
0%
Slovenska BistricaHošnica
0%
LogatecHotedršica
0%
Hrpelje-KozinaHotična
0%
Gorenja Vas–PoljaneHotovlja
0%
ŠentjurHotunje
0%
ŽalecHramše
0%
RadenciHrašenski Vrh
0%
PreddvorHraše pri Preddvoru
0%
KrškoHrastek
0%
Dobrova–Polhov GradecHrastenice
0%
Bistrica ob SotliHrastje ob Bistrici
0%
BrežiceHrastje pri Cerkljah
0%
GrosupljeHrastje pri Grosupljem
0%
Mirna PečHrastje pri Mirni Peči
0%
Zagorje ob SaviHrastnik pri Trojanah
0%
ŠentrupertHrastno
0%
Ivančna GoricaHrastov Dol
0%
PoljčaneHrastovec pod Bočem
0%
Mokronog-TrebelnoHrastovica
0%
MetlikaHrast pri Jugorju
0%
ŠkocjanHrastulje
0%
KočevjeHreljin
0%
VojnikHrenova
0%
PostojnaHrenovice
0%
Lukovica | SežanaHribi
0%
MoravčeHrib nad Ribčami
0%
SemičHrib pri Cerovcu
0%
KostelHrib pri Fari
0%
ŽužemberkHrib pri Hinjah
0%
KamnikHrib pri Kamniku
0%
KočevjeHrib pri Koprivniku
0%
Novo MestoHrib pri Orehku
0%
SemičHrib pri Rožnem Dolu
0%
RibnicaHrovača
0%
ŠentjurHruševec
0%
KamnikHruševka
0%
Dobrova–Polhov GradecHruševo
0%
ŠentjurHrušovje
0%
Velike LaščeHrustovo
0%
ŠentjernejHrvaški Brod
0%
LaškoHuda Jama
0%
TolminHudajužna
0%
GrosupljeHuda Polica
0%
TrebnjeHudeje
0%
ŠkocjanHudenje
0%
LitijaHude Ravne
0%
RibnicaHudi Konec
0%
VitanjeHudinja
0%
SevnicaHudo Brezje
0%
OrmožHujbar
0%
Sveti Andraž v Slovenskih GoricahHvaletinci
0%
TolminIdrija pri Bači
0%
IdrijaIdrijska Bela
0%
IdrijaIdrijske Krnice
0%
IdrijaIdrijski Log
0%
IdrijaIdršek
0%
Novo MestoIglenik
0%
TrebnjeIglenik pri Veliki Loki
0%
VojnikIlovca
0%
KranjIlovka
0%
PodčetrtekImenska Gorca
0%
LukovicaImovica
0%
Rogaška SlatinaIrje
0%
IgIška Loka
0%
Moravske TopliceIvanci
0%
KrškoIvandol
0%
Kostanjevica na KrkiIvanjše
0%
Moravske TopliceIvanjševci
0%
Gornja RadgonaIvanjševci ob Ščavnici
0%
Gornja RadgonaIvanjševski Vrh
0%
Moravske TopliceIvanovci
0%
VojnikIvenca
0%
ŽiriIzgorje
0%
Zagorje ob SaviJablana
0%
Šmartno pri LitijiJablaniške Laze
0%
Šmartno pri LitijiJablaniški Potok
0%
PodlehnikJablovec
0%
RadečeJagnjenica
0%
LaškoJagoče
0%
Mokronog-TrebelnoJagodnik
0%
CerknoJagršče
0%
Velike LaščeJakičevo
0%
ŠentjurJakob pri Šentjurju
0%
SežanaJakovce
0%
LogatecJakovica
0%
KostelJakšiči
0%
ŽužemberkJama pri Dvoru
0%
Sveti Jurij ob ŠčavniciJamna
0%
Ilirska BistricaJaneževo Brdo
0%
DestrnikJanežovski Vrh
0%
ApačeJanhova
0%
VojnikJankova
0%
MajšperkJanški Vrh
0%
VelenjeJanškovo selo
0%
Selnica ob DraviJanževa Gora
0%
PodvelkaJanževski Vrh
0%
RadenciJanžev Vrh
0%
ŽiriJarčja Dolina
0%
Gorenja Vas–PoljaneJarčje Brdo
0%
ŠkocjanJarčji Vrh
0%
PesnicaJareninski Vrh
0%
ŠentjurJarmovec
0%
Šmartno pri LitijiJastrebnik
0%
PodvelkaJavnik
0%
LukovicaJavorje pri Blagovici
0%
LitijaJavorje pri Gabrovki
0%
Gorenja Vas–PoljaneJavorjev Dol
0%
ŠentjernejJavorovica
0%
Gorenja Vas–Poljane | ŠentjurJazbine
0%
ŠentjurJazbin Vrh
0%
CerknoJazne
0%
KungotaJedlovnik
0%
ŠentjurJelce
0%
PesnicaJelenče
0%
KrškoJelenik
0%
Zagorje ob SaviJelenk
0%
LitijaJelenska Reber
0%
IdrijaJelični Vrh
0%
MakoleJelovec pri Makolah
0%
Gorenja Vas–PoljaneJelovica
0%
MajšperkJelovice
0%
Novo MestoJelše pri Otočcu
0%
Krško | Mokronog-TrebelnoJelševec
0%
Zagorje ob SaviJelševica
0%
ČrnomeljJelševnik
0%
SevnicaJeperjek
0%
KamnikJeranovo
0%
PodčetrtekJerčin
0%
BrežiceJereslavec
0%
VrhnikaJerinov Grič
0%
ŠkocjanJerman Vrh
0%
ČrnomeljJerneja vas
0%
VranskoJeronim
0%
Šmarje pri JelšahJerovska vas
0%
LitijaJesenje
0%
Zagorje ob SaviJesenovo
0%
KostelJesenov Vrt
0%
Slovenska BistricaJešovec
0%
KozjeJešovec pri Kozjem
0%
Šmarje pri JelšahJešovec pri Šmarju
0%
KobaridJevšček
0%
Šmartno pri LitijiJežce
0%
DobjeJezerce pri Dobjem
0%
CeljeJezerce pri Šmartnem
0%
LitijaJeževec
0%
Šmartno pri LitijiJežni Vrh
0%
Mirna PečJordankal
0%
Ribnica na PohorjuJosipdol
0%
RibnicaJunčje
0%
Slovenska BistricaJurišna vas
0%
ŠentiljJurjevski Dol
0%
StražaJurka vas
0%
Novo MestoJurna vas
0%
VidemJurovci
0%
PivkaJuršče
0%
KungotaJurski Vrh
0%
LjubnoJuvanje
0%
DivačaKačiče-Pared
0%
Rogaška SlatinaKačji Dol
0%
KočevjeKačji Potok
0%
OrmožKajžar
0%
KrškoKalce-Naklo
0%
ŽalecKale
0%
Kamnik | ŽeleznikiKališe
0%
KrškoKališovec
0%
Kanal ob SočiKal nad Kanalom
0%
ŠentjurKalobje
0%
LitijaKal pri Dolah
0%
SevnicaKal pri Krmelju
0%
Slovenska BistricaKalše
0%
Kanal ob SočiKamenca nad Ložicami
0%
BraslovčeKamenče
0%
Brežice | Rogaška SlatinaKamence
0%
Šmarje pri JelšahKamenik
0%
ŠentjurKameno
0%
SevnicaKamenško
0%
Slovenske KonjiceKamna Gora
0%
Rogaška SlatinaKamna Gorca
0%
TrebnjeKamni Potok
0%
LitijaKamni Vrh
0%
Ivančna GoricaKamni Vrh pri Ambrusu
0%
Šmartno pri LitijiKamni Vrh pri Primskovem
0%
Ivančna GoricaKamno Brdo
0%
LendavaKamovci
0%
TolminKanalski Lom
0%
Kanal ob SočiKanalski Vrh
0%
Moravske TopliceKančevci
0%
Litija | Zagorje ob SaviKandrše - del
0%
IdrijaKanji Dol
0%
ŠtoreKanjuce
0%
Velike LaščeKaplanovo
0%
Prebold | SevnicaKaplja vas
0%
MetlikaKapljišče
0%
KostelKaptol
0%
Kostanjevica na KrkiKarlče
0%
ŽalecKasaze
0%
MoravčeKatarija
0%
SežanaKazlje
0%
KrškoKerinov Grm
0%
Ilirska BistricaKilovče
0%
Ivančna GoricaKitni Vrh
0%
ŠkofljicaKlada
0%
Gorenja Vas–Poljane | LaškoKladje
0%
SevnicaKladje nad Blanco
0%
SevnicaKladje pri Krmelju
0%
VojnikKladnart
0%
KozjeKlake
0%
LitijaKlanec pri Gabrovki
0%
Hrpelje-KozinaKlanec pri Kozini
0%
TolminKlavže
0%
Dol pri LjubljaniKleče pri Dolu
0%
ŽužemberkKlečet
0%
TrbovljeKlek
0%
KamnikKlemenčevo
0%
Litija | PivkaKlenik
0%
ŠkocjanKlenovik
0%
LaškoKlenovo
0%
KočevjeKlinja vas
0%
TrbovljeKljučevica
0%
Slovenske KonjiceKlokočovnik
0%
MetlikaKlošter
0%
Škofja LokaKnape
0%
Velike LaščeKnej
0%
TolminKneške Ravne
0%
TrbovljeKnezdol
0%
ČrnomeljKnežina
0%
TrebnjeKnežja vas
0%
KrškoKobile
0%
RadenciKobilščak
0%
KočevjeKoblarji
0%
Slovenske KonjiceKoble
0%
VojnikKoblek
0%
Kostanjevica na KrkiKočarija
0%
KočevjeKočarji
0%
ŽetaleKočice
0%
RadenciKocjan
0%
Sveti Jurij ob ŠčavniciKočki Vrh
0%
KrškoKočno
0%
Slovenska BistricaKočno ob Ložnici
0%
Slovenska BistricaKočno pri Polskavi
0%
Šmarješke TopliceKoglo
0%
NazarjeKokarje
0%
Sveti Jurij ob ŠčavniciKokolajnščak
0%
KriževciKokoriči
0%
DomžaleKokošnje
0%
Slovenske KonjiceKolačno
0%
DobrepoljeKolenča vas
0%
Zagorje ob SaviKolk
0%
DomžaleKolovec
0%
Zagorje ob SaviKolovrat
0%
SevnicaKoludrje
0%
Dobrova–Polhov GradecKomanija
0%
KomendaKomendska Dobrava
0%
KočevjeKomolec
0%
ŠtoreKompole
0%
LaškoKonc
0%
KočevjeKonca vas
0%
Slovenske KonjiceKonjiška vas
0%
Litija | Zagorje ob SaviKonjšica - del
0%
LučeKonjski Vrh
0%
Sevnica | VojnikKonjsko
0%
Šmarje pri JelšahKonuško
0%
Gorenja Vas–PoljaneKopačnica
0%
Rače-FramKopivnik
0%
BohinjKoprivnik v Bohinju
0%
TrebnjeKorenitka
0%
LukovicaKoreno
0%
HorjulKoreno nad Horjulom
0%
Šmarje pri JelšahKoretno
0%
KoperKoromači-Boškini
0%
Novo MestoKoroška vas
0%
ZrečeKoroška vas na Pohorju
0%
LukovicaKorpe
0%
Slovenska BistricaKorplje
0%
Šmarje pri JelšahKorpule
0%
Gornji PetrovciKošarovci
0%
KobaridKoseč
0%
KamnikKošiše
0%
Šmartno pri LitijiKoške Poljane
0%
CeljeKošnica pri Celju
0%
KrškoKostanjek
0%
Zagorje ob SaviKostrevnica
0%
ŠentjurKostrivnica
0%
Novo MestoKoti
0%
ČrnomeljKot pri Damlju
0%
PrevaljeKot pri Prevaljah
0%
RibnicaKot pri Rakitnici
0%
RibnicaKot pri Ribnici
0%
Velike LaščeKot pri Veliki Slevici
0%
Zagorje ob SaviKotredež
0%
ČrnomeljKovačji Grad
0%
OplotnicaKovaški Vrh
0%
Hrpelje-KozinaKovčice
0%
Škofja LokaKovski Vrh
0%
TolminKozaršče
0%
KungotaKozjak nad Pesnico
0%
DivačaKozjane
0%
GrosupljeKožljevec
0%
TolminKozmerice
0%
PodlehnikKozminci
0%
Slovenske KonjiceKraberk
0%
SodražicaKračali
0%
SevnicaKrajna Brda
0%
ŠentjurKrajnčica
0%
LukovicaKrajno Brdo
0%
Sveti Jurij ob ŠčavniciKraljevci
0%
BrežiceKraška vas
0%
PoljčaneKrasna
0%
KamnikKregarjevo
0%
Sveta AnaKremberk
0%
IgKremenica
0%
Gorenja Vas–PoljaneKremenik
0%
SežanaKreplje
0%
LitijaKresniške Poljane
0%
LitijaKresniški Vrh
0%
TrebnjeKriška Reber
0%
LjutomerKrištanci
0%
HrastnikKrištandol
0%
Šmarje pri JelšahKristan Vrh
0%
KamnikKrivčevo
0%
ŠentjurKrivica
0%
Sveta AnaKrivi Vrh
0%
Gorenja Vas–PoljaneKrivo Brdo
0%
Bistrica ob SotliKrižan Vrh
0%
MoravčeKrižate
0%
PoljčaneKrižeča vas
0%
ZrečeKriževec
0%
SevnicaKrižišče
0%
OsilnicaKrižmani
0%
Mokronog-Trebelno | Slovenska BistricaKrižni Vrh
0%
KostelKrkovo nad Faro
0%
Velike LaščeKrkovo pri Karlovici
0%
RibnicaKrnče
0%
Gorenja Vas–PoljaneKrnice pri Novakih
0%
KamnikKršič
0%
SevnicaKrsinji Vrh
0%
Kanal ob SočiKrstenica
0%
Šmarje pri JelšahKrtince
0%
SežanaKrtinovica
0%
SemičKrupa
0%
GradKruplivnik
0%
TrebnjeKrušni Vrh
0%
SemičKrvavčji Vrh
0%
LitijaKržišče pri Čatežu
0%
KočevjeKuhlarji
0%
Gornji PetrovciKukeč
0%
TrebnjeKukenberk
0%
Velike LaščeKukmaka
0%
Lovrenc na PohorjuKumen
0%
LitijaKumpolje
0%
Gornja RadgonaKunova
0%
Bistrica ob SotliKunšperk
0%
MajšperkKupčinji Vrh
0%
Sveti Jurij ob ŠčavniciKupetinci
0%
LaškoKuretno
0%
PesnicaKušernik
0%
PuconciKuštanovci
0%
Sveti Jurij ob ŠčavniciKutinci
0%
Novo MestoKuzarjev Kal
0%
KostelKuželič
0%
KostelKuželj
0%
Ivančna GoricaKuželjevec
0%
CerknoLabinje
0%
NazarjeLačja vas
0%
OplotnicaLačna Gora
0%
MedvodeLadja
0%
LaškoLahomno
0%
LaškoLahomšek
0%
LaškoLahov Graben
0%
CeljeLahovna
0%
Gorenja Vas–Poljane | ŽeleznikiLajše
0%
RadovljicaLancovo
0%
VojnikLandek
0%
PostojnaLandol
0%
Gorenja Vas–Poljane | KamnikLaniše
0%
KamnikLaseno
0%
ŠtoreLaška vas pri Štorah
0%
BohinjLaški Rovt
0%
PodčetrtekLastnič
0%
Gornja RadgonaLastomerci
0%
PreboldLatkova vas
0%
LogatecLavrovec
0%
KranjLavtarski Vrh
0%
Ivančna GoricaLaze nad Krko
0%
BorovnicaLaze pri Borovnici
0%
SevnicaLaze pri Boštanju
0%
DomžaleLaze pri Domžalah
0%
ŠentjurLaze pri Dramljah
0%
LitijaLaze pri Gobniku
0%
KostelLaze pri Kostelu
0%
KočevjeLaze pri Oneku
0%
KočevjeLaze pri Predgradu
0%
LitijaLaze pri Vačah
0%
ŽužemberkLazina
0%
DobjeLažiše
0%
LaškoLaziše
0%
ŠentjernejLedeča vas
0%
ŽiriLedinica
0%
IdrijaLedinske Krnice
0%
IdrijaLedinsko Razpotje
0%
PodvelkaLehen na Pohorju
0%
Šmarje pri JelšahLekmarje
0%
VojnikLemberg pri Novi Cerkvi
0%
Šmarje pri JelšahLemberg pri Šmarju
0%
Gornji GradLenart pri Gornjem Gradu
0%
MozirjeLepa Njiva
0%
BohinjLepence
0%
Ivančna GoricaLeščevje
0%
KozjeLesično
0%
LaškoLeskovca
0%
SevnicaLeskovec v Podborštu
0%
Gorenja Vas–PoljaneLeskovica
0%
Šmartno pri LitijiLeskovica pri Šmartnem
0%
Horjul | VrhnikaLesno Brdo
0%
KranjLetenice
0%
Kanal ob SočiLevpa
0%
RibnicaLevstiki
0%
KrškoLibelj
0%
Šmartno pri LitijiLiberga
0%
KrškoLibna
0%
KobaridLibušnje
0%
Slovenske KonjiceLičenca
0%
MoravčeLimbarska Gora
0%
VranskoLimovce
0%
VojnikLindek
0%
VojnikLipa pri Frankolovem
0%
Kamnik | PostojnaLiplje
0%
RadovljicaLipnica
0%
LaškoLipni Dol
0%
TrebnjeLipnik
0%
Slovenske KonjiceLipoglav
0%
KostelLipovec pri Kostelu
0%
CeljeLipovec pri Škofji vasi
0%
SodražicaLipovšica
0%
Tolmin | TrebnjeLisec
0%
CeljeLjubečna
0%
LitijaLjubež v Lazih
0%
HorjulLjubgojna
0%
PoljčaneLjubično
0%
MozirjeLjubija
0%
TolminLjubinj
0%
VitanjeLjubnica
0%
VidemLjubstava
0%
GrosupljeLobček
0%
PolzelaLočica ob Savinji
0%
VranskoLočica pri Vranskem
0%
Velike LaščeLogarji
0%
TolminLogaršče
0%
Škofja LokaLog nad Škofjo Loko
0%
Zagorje ob SaviLog pri Mlinšah
0%
Dobrova–Polhov GradecLog pri Polhovem Gradcu
0%
RadečeLog pri Vrhovem
0%
TrebnjeLog pri Žužemberku
0%
BohinjLog v Bohinju
0%
TolminLoje
0%
Slovenska BistricaLokanja vas
0%
DobrnaLoka pri Dobrni
0%
Rače-FramLoka pri Framu
0%
SevnicaLoka pri Zidanem Mostu
0%
ŠentjurLoka pri Žusmu
0%
ŠentjurLokarje
0%
Gornja RadgonaLokavci
0%
MozirjeLoke pri Mozirju
0%
ŠentjurLoke pri Planini
0%
Zagorje ob SaviLoke pri Zagorju
0%
KamnikLoke v Tuhinju
0%
DobrnaLokovina
0%
CeljeLokrovec
0%
TrebnjeLokve pri Dobrniču
0%
IdrijaLome
0%
Gorenja Vas–PoljaneLom nad Volčo
0%
KrškoLomno
0%
SevnicaLončarjev Dol
0%
Moravske TopliceLončarovci
0%
ŠentjurLopaca
0%
VelenjeLopatnik pri Velenju
0%
RadečeLoška Gora
0%
ZrečeLoška gora pri Zrečah
0%
PoljčaneLovnik
0%
Gorenja Vas–PoljaneLovsko Brdo
0%
PesnicaLožane
0%
PodlehnikLožina
0%
ŽalecLožnica pri Žalcu
0%
Ivančna GoricaLučarjev Kal
0%
Gorenja Vas–PoljaneLučine
0%
Črna na KoroškemLudranski Vrh
0%
Moravske TopliceLukačevci
0%
TrebnjeLukovek
0%
Log-DragomerLukovica pri Brezovici
0%
Šmartno pri LitijiLupinica
0%
PoljčaneLušečka vas
0%
ŠentjurLutrje
0%
Novo MestoLutrško selo
0%
ApačeLutverci
0%
ŠenčurLuže
0%
TrebnjeMačji Dol
0%
ŽužemberkMačkovec pri Dvoru
0%
ŠkocjanMačkovec pri Škocjanu
0%
MetlikaMačkovec pri Suhorju
0%
LitijaMagolnik
0%
KobaridMagozd
0%
SežanaMahniči
0%
ApačeMahovci
0%
SežanaMajcni
0%
VidemMajski Vrh
0%
RibnicaMakoše
0%
PostojnaMala Brda
0%
LaškoMala Breza
0%
Novo MestoMala Cikava
0%
Ivančna GoricaMala Dobrava
0%
LitijaMala Goba
0%
Ivančna GoricaMala Goričica
0%
OplotnicaMalahorna
0%
SevnicaMala Hubajnica
0%
GrosupljeMala Ilova Gora
0%
Šmartno pri LitijiMala Kostrevnica
0%
ČrnomeljMala Lahinja
0%
LukovicaMala Lašna
0%
VrhnikaMala Ligojna
0%
GrosupljeMala Loka pri Višnji Gori
0%
MislinjaMala Mislinja
0%
Pivka | Šmarje pri JelšahMala Pristava
0%
GrosupljeMala Račna
0%
Litija | ČrnomeljMala sela
0%
TrebnjeMala Ševnica
0%
Velike LaščeMala Slevica
0%
Šmartno pri LitijiMala Štanga
0%
GrosupljeMala Stara vas
0%
Šmarješke TopliceMala Strmica
0%
VidemMala Varnica
0%
GrosupljeMala vas pri Grosupljem
0%
BraslovčeMale Braslovče
0%
Novo MestoMale Brusnice
0%
Ivančna GoricaMale Češnjice
0%
VojnikMale Dole
0%
TrebnjeMale Dole pri Stehanji vasi
0%
Ivančna GoricaMale Dole pri Temenici
0%
LaškoMale Grahovše
0%
Ivančna GoricaMale Kompolje
0%
Ivančna GoricaMale Lese
0%
GrosupljeMale Lipljene
0%
Mirna PečMalenska vas
0%
Gorenja Vas–PoljaneMalenski Vrh
0%
Ivančna GoricaMale Pece
0%
ŠkocjanMale Poljane
0%
Ivančna GoricaMale Rebrce
0%
Rogaška SlatinaMale Rodne
0%
SodražicaMale Vinice
0%
Kostanjevica na KrkiMale Vodenice
0%
Ivančna GoricaMale Vrhe
0%
ŠentjernejMali Ban
0%
Slovenske KonjiceMali Breg
0%
Novo MestoMali Cerovec
0%
BrežiceMali Cirnik
0%
ŠentrupertMali Cirnik pri Šentjanžu
0%
TrebnjeMali Gaber
0%
LukovicaMali Jelnik
0%
Ivančna Gorica | Mirna PečMali Kal
0%
KrškoMali Kamen
0%
GrosupljeMali Konec
0%
KrškoMali Koren
0%
Ivančna GoricaMali Korinj
0%
Zagorje ob SaviMali Kum
0%
LjubljanaMali Lipoglav
0%
ŽužemberkMali Lipovec
0%
Velike LaščeMali Ločnik
0%
Sveti Jurij ob ŠčavniciMali Moravščak
0%
SemičMaline pri Štrekljevcu
0%
ČrnomeljMali Nerajec
0%
OsilnicaMalinišče
0%
BrežiceMali Obrež
0%
Novo MestoMali Orehek
0%
Velike LaščeMali Osolnik
0%
Novo MestoMali Podljuben
0%
KrškoMali Podlog
0%
KamnikMali Rakitovec
0%
Dolenjske TopliceMali Rigelj
0%
Novo MestoMali Slatnik
0%
KrškoMali Trn
0%
TrebnjeMali Videm
0%
LjubljanaMali Vrh pri Prežganju
0%
GrosupljeMali Vrh pri Šmarju
0%
SevnicaMalkovec
0%
Ivančna GoricaMalo Črnelo
0%
Ivančna GoricaMalo Globoko
0%
Ivančna GoricaMalo Hudo
0%
MetlikaMalo Lešče
0%
ŽužemberkMalo Lipje
0%
GrosupljeMalo Mlačevo
0%
KrškoMalo Mraševo
0%
NakloMalo Naklo
0%
PostojnaMalo Ubeljsko
0%
LitijaMamolj
0%
SevnicaMarendol
0%
ŠentjurMarija Dobje
0%
LaškoMarija Gradec
0%
PreboldMarija Reka
0%
LaškoMarijina vas
0%
Ivančna GoricaMarinča vas
0%
VrhnikaMarinčev Grič
0%
Velike LaščeMarinčki
0%
OplotnicaMarkečica
0%
Hrpelje-KozinaMarkovščina
0%
HrastnikMarno
0%
RibnicaMarolče
0%
TrebnjeMartinja vas
0%
Mokronog-TrebelnoMartinja vas pri Mokronogu
0%
ŽeleznikiMartinj Vrh
0%
SemičMašelj
0%
IdrijaMasore
0%
IgMatena
0%
KuzmaMatjaševci
0%
PreboldMatke
0%
KostelMavrc
0%
ČrnomeljMavrlen
0%
Zagorje ob SaviMedija
0%
CeljeMedlog
0%
MajšperkMedvedce
0%
GrosupljeMedvedica
0%
TrebnjeMeglenik
0%
KranjMeja
0%
Ivančna GoricaMekinje nad Stično
0%
RadenciMelanjski Vrh
0%
LjubnoMeliše
0%
Dolenjske TopliceMeniška vas
0%
SežanaMerče
0%
Ivančna GoricaMetnaj
0%
SevnicaMetni Vrh
0%
Ivančna GoricaMevce
0%
GorjeMevkuž
0%
ŽalecMigojnice
0%
MirnaMigolica
0%
MirnaMigolska Gora
0%
BrežiceMihalovec
0%
Šmartno pri LitijiMihelca
0%
Hrpelje-KozinaMihele
0%
ČrnomeljMihelja vas
0%
Novo MestoMihovec
0%
ŠentjernejMihovica
0%
ČrnomeljMiklarji
0%
TaborMiklavž pri Taboru
0%
KrškoMikote
0%
VrhnikaMirke
0%
Mokronog-TrebelnoMirna vas
0%
RadovljicaMišače
0%
Šmartno pri LitijiMišji Dol
0%
DivačaMisliče
0%
VrhnikaMizni Dol
0%
Slovenske KonjiceMlače
0%
KrškoMladje
0%
Moravske TopliceMlajtinci
0%
Gorenja Vas–PoljaneMlaka nad Lušo
0%
KočevjeMlaka pri Kočevju
0%
KočevjeMlaka pri Kočevski Reki
0%
KranjMlaka pri Kranju
0%
Ivančna GoricaMleščevo
0%
Kanal ob SočiMočila
0%
Šmarje pri JelšahMočle
0%
ŠkocjanMočvirje
0%
PoljčaneModraže
0%
TolminModrej
0%
TolminModrejce
0%
KočevjeMokri Potok
0%
LitijaMoravče pri Gabrovki
0%
LitijaMoravška Gora
0%
PuconciMoščanci
0%
MedvodeMoše
0%
Moravče | Zagorje ob SaviMošenik
0%
Škofja LokaMoškrin
0%
RadovljicaMošnje
0%
MakoleMostečno
0%
Moravske TopliceMotvarjevci
0%
SemičMoverna vas
0%
KočevjeMozelj
0%
PreddvorMožjanca
0%
KrškoMrčna sela
0%
ŠentjernejMršeča vas
0%
SevnicaMrtovec
0%
Kočevje | KrškoMrtvice
0%
TrebnjeMrzla Luža
0%
SevnicaMrzla Planina
0%
BrežiceMrzlava vas
0%
IdrijaMrzli Log
0%
Idrija | ŽiriMrzli Vrh
0%
Ivančna Gorica | LaškoMrzlo Polje
0%
TrebnjeMuhabran
0%
Šmartno pri LitijiMulhe
0%
Gorenja Vas–PoljaneMurave
0%
RadenciMurščak
0%
RadenciMurski Vrh
0%
PivkaNadanje selo
0%
LenartNadbišec
0%
Slovenska BistricaNadgrad
0%
ŽetaleNadole
0%
Škofja LokaNa Logu
0%
MajšperkNaraplje
0%
Velike LaščeNaredi
0%
Hrpelje-KozinaNasirec
0%
KomendaNasovče
0%
Ravne na KoroškemNavrški Vrh
0%
MariborNebova
0%
TurniščeNedelica
0%
MoravčeNegastrn
0%
BenediktNegovski Vrh
0%
KranjNemilje
0%
KrškoNemška Gora
0%
KočevjeNemška Loka
0%
BohinjNemški Rovt
0%
Gornji PetrovciNeradnovci
0%
SemičNestoplja vas
0%
PodčetrtekNezbiše
0%
Rogaška SlatinaNimno
0%
BorovnicaNiževec
0%
Rečica ob SavinjiNizka
0%
KranjNjivica
0%
RadečeNjivice
0%
BohinjNomenj
0%
Gornja RadgonaNorički Vrh
0%
RadovljicaNoše
0%
Slovenska BistricaNova Gora nad Slovensko Bistrico
0%
ČrnomeljNova Lipa
0%
Gorenja Vas–PoljaneNova Oselica
0%
KostelNova sela
0%
PivkaNova Sušica
0%
BrežiceNova vas ob Sotli
0%
Slovenske KonjiceNova vas pri Konjicah
0%
RadovljicaNova vas pri Lescah
0%
BrežiceNova vas pri Mokricah
0%
Šmarje pri JelšahNova vas pri Šmarju
0%
KočevjeNove Ložine
0%
KočevjeNovi Lazi
0%
Sveti Andraž v Slovenskih GoricahNovinci
0%
ApačeNovi Vrh
0%
ŽalecNovo Celje
0%
Slovenske KonjiceNovo Tepanje
0%
DomžaleNožice
0%
RogašovciNuskova
0%
TrebnjeObčine
0%
Šmartno pri LitijiObla Gorica
0%
TolminObloke
0%
Ivančna GoricaObolno
0%
BenediktObrat
0%
LaškoObrežje pri Zidanem Mostu
0%
ČrnomeljObrh pri Dragatušu
0%
LukovicaObrše
0%
Gornja RadgonaOčeslavci
0%
RogašovciOcinje
0%
TrebnjeOdrga
0%
Slovenska BistricaOgljenšak
0%
ŠtoreOgorevc
0%
KočevjeOgraja
0%
ČrnomeljOgulin
0%
BorovnicaOhonica
0%
TaborOjstriška vas
0%
ŽeleznikiOjstri Vrh
0%
Laško | TrbovljeOjstro
0%
MetlikaOkljuka
0%
BrežiceOklukova Gora
0%
OplotnicaOkoška Gora
0%
RadenciOkoslavci
0%
KamnikOkrog pri Motniku
0%
LaškoOlešče
0%
KoperOlika
0%
ŠenčurOlševek
0%
SemičOmota
0%
MežicaOnkraj Meže
0%
ŽiriOpale
0%
Velike LaščeOpalkovo
0%
Hrpelje-KozinaOrehek pri Materiji
0%
Gornja RadgonaOrehovci
0%
Gornja RadgonaOrehovski Vrh
0%
BrežiceOrešje na Bizeljskem
0%
SevnicaOrešje nad Sevnico
0%
Mirna PečOrkljevec
0%
TrebnjeOrlaka
0%
BraslovčeOrla vas
0%
SežanaOrlek
0%
Mokronog-TrebelnoOrnuška vas
0%
PolzelaOrova vas
0%
KozjeOrtnice
0%
CeljeOsenca
0%
Renče–VogrskoOševljek
0%
SemičOskoršnica
0%
KostelOskrt
0%
Ivančna GoricaOslica
0%
ŽiriOsojnica
0%
Semič | ŽeleznikiOsojnik
0%
MedvodeOsolnik
0%
ŠkocjanOsrečje
0%
Ivančna GoricaOsredek nad Stično
0%
Dobrova–Polhov GradecOsredek pri Dobrovi
0%
SevnicaOsredek pri Hubajnici
0%
SevnicaOsredek pri Krmelju
0%
KozjeOsredek pri Podsredi
0%
KrškoOsredek pri Trški Gori
0%
ZrečeOsredek pri Zrečah
0%
Dol pri LjubljaniOsredke
0%
TrbovljeOstenk
0%
Kostanjevica na KrkiOštrc
0%
ŠentjernejOstrog
0%
Mokronog-TrebelnoOstrožnik
0%
Ilirska BistricaOstrožno Brdo
0%
Slovenske KonjiceOstrožno pri Ločah
0%
ŠentjurOstrožno pri Ponikvi - del
0%
CerknoOtalež
0%
RibnicaOtavice
0%
SevnicaOtavnik
0%
CeljeOtemna
0%
DivačaOtošče
0%
PuconciOtovci
0%
RadovljicaOvsiše
0%
ZrečePadeški Vrh
0%
Laško | Vrhnika | Zagorje ob SaviPadež
0%
KostelPadovo pri Fari
0%
OsilnicaPadovo pri Osilnici
0%
Novo MestoPaha
0%
MislinjaPaka - del
0%
KočevjePaka pri Predgradu
0%
PivkaPalčje
0%
Kanal ob SočiPaljevo
0%
LaškoPaneče
0%
Novo MestoPangrč Grm
0%
KranjPangršica
0%
Gornji PetrovciPanovci
0%
Škofja LokaPapirnica
0%
GrosupljeParadišče
0%
RadenciParičjak
0%
ŠentjurParidol
0%
Šmartno ob PakiPaška vas
0%
VelenjePaški Kozjak
0%
ČrnomeljPaunoviči
0%
ČrnomeljPavičiči
0%
SevnicaPavla vas
0%
BrežicePavlova vas
0%
GrosupljePece
0%
MoravčePeče
0%
PodčetrtekPecelj
0%
Šmarje pri JelšahPečica
0%
Brežice | LitijaPečice
0%
TolminPečine
0%
SevnicaPečje
0%
IdrijaPečnik
0%
ŠtorePečovje
0%
Slovenske KonjicePenoje
0%
CeljePepelno
0%
RadovljicaPeračica
0%
KoperPeraji
0%
KobaridPerati
0%
BrežicePerišče
0%
ŽalecPernovo
0%
Slovenske KonjicePerovec
0%
RibnicaPerovo
0%
ČrnomeljPerudina
0%
Ivančna GoricaPeščenik
0%
PesnicaPesniški Dvor
0%
ZavrčPestike
0%
Novo MestoPetane
0%
TišinaPetanjci
0%
Novo MestoPetelinjek
0%
Slovenske KonjicePetelinjek pri Ločah
0%
LogatecPetkovec
0%
KostelPetrina
0%
ČrnomeljPetrova vas
0%
Ivančna GoricaPetrušnja vas
0%
Škofja LokaPevno
0%
KrškoPijana Gora
0%
ŠkofljicaPijava Gorica
0%
SevnicaPijavice
0%
Šmarje pri JelšahPijovci
0%
KozjePilštanj
0%
KostelPirče
0%
BrežicePiršenbreg
0%
KamnikPirševo
0%
KoperPisari
0%
Dobrova–Polhov GradecPlanina nad Horjulom
0%
ZrečePlanina na Pohorju
0%
JesenicePlanina pod Golico
0%
CerknoPlanina pri Cerknem
0%
KrškoPlanina pri Raki
0%
KrškoPlanina v Podbočju
0%
Trbovlje | ŠentjurPlaninska vas
0%
ŠentjurPlaninski Vrh
0%
MajšperkPlanjsko
0%
Šmarje pri JelšahPlatinovec
0%
JesenicePlavški Rovt
0%
LaškoPlazovje
0%
Novo MestoPlemberk
0%
ŠkofljicaPleše
0%
GrosupljePlešivica pri Žalni
0%
HrastnikPlesko
0%
ŠentjurPletovarje
0%
KungotaPlintovec
0%
ApačePlitvica
0%
Gornja RadgonaPlitvički Vrh
0%
Velike LaščePlosovo
0%
TrebnjePluska
0%
CerknoPlužnje
0%
RadečePočakovo
0%
PesnicaPočenik
0%
KobaridPodbela
0%
KranjPodblica
0%
Ivančna Gorica | SevnicaPodboršt
0%
KomendaPodboršt pri Komendi
0%
Kamnik | VipavaPodbreg
0%
SežanaPodbreže
0%
Ivančna GoricaPodbukovje
0%
LitijaPodbukovje pri Vačah
0%
ŠentjurPodgaj
0%
Dol pri LjubljaniPodgora pri Dolskem
0%
LukovicaPodgora pri Zlatem Polju
0%
MoravčePodgorica pri Pečah
0%
GrosupljePodgorica pri Podtaboru
0%
GrosupljePodgorica pri Šmarju
0%
SevnicaPodgorje ob Sevnični
0%
VojnikPodgorje pod Čerinom
0%
BraslovčePodgorje pri Letušu
0%
BrežicePodgorje pri Pišecah
0%
BrežicePodgračeno
0%
LjutomerPodgradje
0%
Slovenska BistricaPodgrad na Pohorju
0%
DivačaPodgrad pri Vremah
0%
VipavaPodgrič
0%
Velike LaščePodhojni Hrib
0%
Dolenjske ToplicePodhosta
0%
KungotaPodigrac
0%
BohinjPodjelje
0%
Gorenja Vas–PoljanePodjelovo Brdo
0%
KamnikPodjelše
0%
KočevjePodjetniško naselje Kočevje
0%
JesenicePodkočna
0%
Velike LaščePodkogelj
0%
MežicaPodkraj pri Mežici
0%
VelenjePodkraj pri Velenju
0%
Zagorje ob SaviPodkraj pri Zagorju
0%
CerknoPodlanišče
0%
Krško | Vrhnika | ŽužemberkPodlipa
0%
LjubljanaPodlipoglav
0%
Zagorje ob SaviPodlipovica
0%
TrebnjePodlisec
0%
ŠentjurPodlog pod Bohorjem
0%
ŽalecPodlog v Savinjski dolini
0%
KamnikPodlom
0%
MajšperkPodlože
0%
TolminPodmelec
0%
LukovicaPodmilj
0%
LjubljanaPodmolnik
0%
Slovenske KonjicePodob
0%
Gorenja Vas–PoljanePodobeno
0%
HorjulPodolnica
0%
Rače-FramPodova
0%
ŠentjurPodpeč nad Marofom
0%
Slovenske KonjicePodpeč ob Dravinji
0%
LitijaPodpeč pod Skalo
0%
ŠentjurPodpeč pri Šentvidu
0%
CerknoPodpleče
0%
BrezovicaPodplešivica
0%
ŽeleznikiPodporezen
0%
VipavaPodraga
0%
KranjPodreča
0%
Šmartno pri LitijiPodroje
0%
LitijaPodšentjur
0%
LukovicaPodsmrečje
0%
Velike LaščePodsmreka pri Velikih Laščah
0%
Ivančna GoricaPodsmreka pri Višnji Gori
0%
KočevjePodstene
0%
KostelPodstene pri Kostelu
0%
Ilirska BistricaPodstenje
0%
Ilirska BistricaPodstenjšek
0%
MoravčePodstran
0%
Kostanjevica na KrkiPodstrm
0%
Velike LaščePodstrmec
0%
KamnikPodstudenec
0%
Mokronog-Trebelno | Rogaška SlatinaPodturn
0%
Dolenjske ToplicePodturn pri Dol. Toplicah
0%
Velike LaščePodulaka
0%
KrškoPodulce
0%
LučePodveža
0%
ŠentjurPodvine
0%
BrežicePodvinje
0%
PolzelaPodvin pri Polzeli
0%
LitijaPogonik
0%
SevnicaPoklek nad Blanco
0%
KozjePoklek pri Podsredi
0%
VrhnikaPokojišče
0%
Ivančna GoricaPokojnica
0%
Slovenska BistricaPokoše
0%
ZrečePolajna
0%
Slovenske KonjicePolene
0%
KoperPoletiči
0%
ŠentjernejPolhovica
0%
Cerkno | Gornja RadgonaPolice
0%
PesnicaPolička vas
0%
PesnicaPolički Vrh
0%
LukovicaPoljane nad Blagovico
0%
Mirna PečPoljane pri Mirni Peči
0%
Hrpelje-KozinaPoljane pri Podgradu
0%
Šmartno pri LitijiPoljane pri Primskovem
0%
Ivančna GoricaPoljane pri Stični
0%
SežanaPoljane pri Štjaku
0%
ŽužemberkPoljane pri Žužemberku
0%
PodčetrtekPolje ob Sotli
0%
Bistrica ob SotliPolje pri Bistrici
0%
SevnicaPolje pri Tržišču
0%
Ivančna GoricaPolje pri Višnji Gori
0%
VodicePolje pri Vodicah
0%
GorjePoljšica pri Gorjah
0%
RadovljicaPoljšica pri Podnartu
0%
TolminPoljubinj
0%
Zagorje ob SaviPolšina
0%
LitijaPolšnik
0%
Šmarje pri JelšahPolžanska Gorca
0%
Šmarje pri JelšahPolžanska vas
0%
Velike LaščePolzelo
0%
TaborPondor
0%
ŽalecPongrac
0%
KidričevoPongrce
0%
ŽalecPonikva pri Žalcu
0%
SevnicaPonikve pri Studencu
0%
ŠentjurPonkvica
0%
GrosupljePonova vas
0%
LitijaPonoviče
0%
VidemPopovci
0%
Moravske ToplicePordašinci
0%
KamnikPoreber
0%
TolminPorezen
0%
RadovljicaPosavec
0%
KomendaPoslovna cona Žeje pri Komendi
0%
BrežicePoštena vas
0%
DobrepoljePotiskavec
0%
Nova GoricaPotok pri Dornberku
0%
KomendaPotok pri Komendi
0%
Ivančna GoricaPotok pri Muljavi
0%
LitijaPotok pri Vačah
0%
KamnikPotok v Črni
0%
Zagorje ob SaviPotoška vas
0%
Novo MestoPotov Vrh
0%
LaškoPovčeno
0%
KranjPovlje
0%
VodicePovodje
0%
KrškoPovršje
0%
Hrpelje-KozinaPovžane
0%
Zagorje ob SaviPožarje
0%
Cerklje na GorenjskemPoženik
0%
Škofja LokaPozirno
0%
PuconciPoznanovci
0%
LaškoPožnica
0%
Velike LaščePoznikovo
0%
TolminPrapetno
0%
TolminPrapetno Brdo
0%
Vransko | ŽužemberkPrapreče
0%
Trbovlje | Zagorje ob SaviPrapreče - del
0%
ŠentjernejPrapreče pri Šentjerneju
0%
StražaPrapreče pri Straži
0%
HrastnikPrapretno pri Hrastniku - del
0%
GrosupljePraproče pri Grosupljem
0%
Ivančna GoricaPraproče pri Temenici
0%
KamnikPraproče v Tuhinju
0%
RadovljicaPraproše
0%
Cerklje na GorenjskemPraprotna Polica
0%
MirnaPraprotnica
0%
LogatecPraprotno Brdo
0%
KranjPraše
0%
ŠenčurPrebačevo
0%
PuconciPredanovci
0%
Šmarje pri JelšahPredenca
0%
IdrijaPredgriže
0%
KoperPredloka
0%
Gorenja Vas–PoljanePredmost
0%
GrosupljePredole
0%
VranskoPrekopa
0%
CeljePrekorje
0%
PodčetrtekPrelasko
0%
Semič | Slovenska BistricaPreloge
0%
Slovenske KonjicePreloge pri Konjicah
0%
Šmarje pri JelšahPreloge pri Šmarju
0%
ČrnomeljPreloka
0%
SežanaPrelože pri Lokvi
0%
VelenjePrelska
0%
KrškoPremagovce
0%
DornavaPrerad
0%
MajšperkPreša
0%
DobjePresečno
0%
LukovicaPreserje pri Lukovici
0%
LukovicaPreserje pri Zlatem Polju
0%
LjutomerPresika
0%
Šmartno pri LitijiPreska nad Kostrevnico
0%
TrebnjePreska pri Dobrniču
0%
Ravne na KoroškemPreški Vrh
0%
KrškoPresladol
0%
SevnicaPrešna Loka
0%
Slovenska BistricaPretrež
0%
MoravčePretrž
0%
LitijaPrevale
0%
LitijaPreveg
0%
LukovicaPrevoje
0%
LukovicaPrevoje pri Šentvidu
0%
ŽužemberkPrevole
0%
KočevjePreža
0%
LitijaPreženjske Njive
0%
LjubljanaPrežganje
0%
VrhnikaPrezid
0%
Slovenske KonjicePrežigal
0%
RadovljicaPrezrenje
0%
Velike LaščePrhajevo
0%
ČrnomeljPribinci
0%
SemičPribišje
0%
DobrepoljePri Cerkvi-Struge
0%
MoravčePrikrnica
0%
Lukovica | Velike LaščePrilesje
0%
Kanal ob SočiPrilesje pri Plavah
0%
BrežicePrilipe
0%
MetlikaPrilozje
0%
Ivančna GoricaPrimča vas
0%
MetlikaPrimostek
0%
KočevjePrimoži
0%
LjubnoPrimož pri Ljubnem
0%
ŠentjurPrimož pri Šentjurju
0%
Šmartno pri LitijiPrimskovo
0%
TrebnjePrimštal
0%
Ivančna GoricaPristava nad Stično
0%
KrškoPristava ob Krki
0%
KrškoPristava pod Rako
0%
PodčetrtekPristava pri Lesičnem
0%
KrškoPristava pri Leskovcu
0%
PodčetrtekPristava pri Mestinju
0%
Dobrova–Polhov GradecPristava pri Polh. Gradcu
0%
ŠentjernejPristava pri Šentjerneju
0%
Ivančna GoricaPristava pri Višnji Gori
0%
Rogaška Slatina | ŠentjernejPristavica
0%
TrebnjePristavica pri Vel. Gabru
0%
Ivančna GoricaPristavlja vas
0%
DobrnaPristova
0%
Rogaška SlatinaPrnek
0%
PuconciProsečka vas
0%
ŠentjurProseniško
0%
ŠtoreProžinska vas
0%
KrškoPrušnja vas
0%
LukovicaPrvine
0%
KamnikPšajnovica
0%
Cerklje na GorenjskemPšenična Polica
0%
KranjPševo
0%
Gornja RadgonaPtujska Cesta
0%
SemičPugled
0%
RibnicaPugled pri Karlovici
0%
Mokronog-TrebelnoPugled pri Mokronogu
0%
KočevjePugled pri Starem Logu
0%
ČrnomeljPurga
0%
Velike LaščePušče
0%
ČrnomeljPusti Gradec
0%
RibnicaPusti Hrib
0%
Ivančna GoricaPusti Javor
0%
Šmarje pri JelšahPustike
0%
NazarjePusto Polje
0%
ŽiriRačeva
0%
BrežiceRačja vas
0%
TrebnjeRačje selo
0%
RadenciRački Vrh
0%
DomžaleRačni Vrh
0%
ZrečeRadana vas
0%
Ivančna GoricaRadanja vas
0%
Radlje ob DraviRadelca
0%
RadenciRadenski Vrh
0%
SevnicaRadež
0%
LitijaRadgonica
0%
Slovenska BistricaRadkovec
0%
SevnicaRadna
0%
Mokronog-TrebelnoRadna vas
0%
LaškoRadoblje
0%
LjutomerRadomerščak
0%
MetlikaRadoši
0%
GradRadovci
0%
Šmarješke TopliceRadovlja
0%
Gornja RadgonaRadvenci
0%
LukovicaRafolče
0%
BrežiceRajec
0%
KočevjeRajndol
0%
Rogaška SlatinaRajnkovec
0%
Novo MestoRajnovšče
0%
KostelRajšele
0%
VojnikRakova Steza
0%
KranjRakovica
0%
BraslovčeRakovlje
0%
Medvode | ŠentjernejRakovnik
0%
Novo MestoRakovnik pri Birčni vasi
0%
ŠentrupertRakovnik pri Šentrupertu
0%
PostojnaRakulik
0%
Rače-FramRanče
0%
TišinaRankovci
0%
SežanaRaša
0%
OplotnicaRaskovec
0%
Rogaška SlatinaRatanska vas
0%
Ilirska BistricaRatečevo Brdo
0%
Novo MestoRatež
0%
ŽužemberkRatje
0%
Moravske TopliceRatkovci
0%
Zagorje ob SaviRavenska vas
0%
MetlikaRavnace
0%
ŠentrupertRavne nad Šentrupertom
0%
CerknoRavne pri Cerknem
0%
Zagorje ob SaviRavne pri Mlinšah
0%
KamnikRavne pri Šmartnem
0%
KrškoRavne pri Zdolah
0%
ŽiriRavne pri Žireh
0%
BohinjRavne v Bohinju
0%
Ivančna Gorica | SodražicaRavni Dol
0%
LogatecRavnik pri Hotedršici
0%
SežanaRavnje
0%
Dobje | KrškoRavno
0%
LjubljanaRavno Brdo
0%
TrebnjeRazbore
0%
Šmartno pri LitijiRazbore-K. o. Ježni Vrh
0%
Zagorje ob SaviRazbor pri Čemšeniku
0%
VojnikRazdelj
0%
VojnikRazgor
0%
VojnikRazgorce
0%
Slovenska BistricaRazgor pri Žabljeku
0%
SežanaRazguri
0%
Dobrova–Polhov GradecRazori
0%
KrškoRaztez
0%
Ivančna Gorica | TrebnjeRdeči Kal
0%
ŽužemberkReber
0%
ŠkofljicaReber pri Škofljici
0%
Lovrenc na PohorjuRecenjak
0%
IdrijaRejcov Grič
0%
LitijaRenke
0%
Ljubljana | TrebnjeRepče
0%
VidemRepišče
0%
TrebnjeReplje
0%
VodiceRepnje
0%
ŠentjurRepno
0%
DobjeRepuš
0%
ZrečeResnik
0%
KrškoReštanj
0%
TrbovljeRetje nad Trbovljami
0%
TrebnjeReva
0%
LaškoRifengozd
0%
ŠentjurRifnik
0%
RibnicaRigelj pri Ortneku
0%
Šmartno pri LitijiRiharjevec
0%
TrebnjeRihpovec
0%
RadenciRihtarovci
0%
Hrpelje-KozinaRitomeče
0%
Sveti Andraž v Slovenskih GoricahRjavci
0%
Rogaška SlatinaRjavica
0%
KobaridRobič
0%
Kanal ob SočiRobidni Breg
0%
Gorenja Vas–PoljaneRobidnica
0%
Zagorje ob SaviRodež
0%
TrebnjeRodine pri Trebnjem
0%
Gornja RadgonaRodmošci
0%
PodlehnikRodni Vrh
0%
SevnicaRogačice
0%
IgRogatec nad Želimljami
0%
KočevjeRogati Hrib
0%
PodčetrtekRoginska Gorca
0%
LenartRogoznica
0%
ŠentjernejRoje
0%
TrebnjeRoje pri Čatežu
0%
Mokronog-TrebelnoRoje pri Trebelnem
0%
Vojnik | Zagorje ob SaviRove
0%
Zagorje ob SaviRovišče
0%
SevnicaRovišče pri Studencu
0%
LogatecRovtarske Žibrše
0%
Škofja LokaRovte v Selški dolini
0%
NazarjeRovt pod Menino
0%
ŠentrupertRoženberk
0%
TrebnjeRoženpelj
0%
Hrpelje-KozinaRožice
0%
Sveti Jurij ob ŠčavniciRožički Vrh
0%
KamnikRožično
0%
ČrnomeljRožič Vrh
0%
SemičRožni Dol
0%
GrosupljeRožnik
0%
Celje | TrebnjeRožni Vrh
0%
KrškoRožno
0%
Zagorje ob SaviRtiče
0%
ČrnomeljRučetna vas
0%
RadečeRudna vas
0%
PodčetrtekRudnica
0%
MoravčeRudnik pri Moravčah
0%
KamnikRudnik pri Radomljah
0%
ŠkocjanRuhna vas
0%
StražaRumanja vas
0%
CeljeRuntole
0%
Kostanjevica na Krki | LitijaRžišče
0%
Zagorje ob SaviRžiše
0%
LjubljanaSadinja vas
0%
ŽužemberkSadinja vas pri Dvoru
0%
KočevjeSadni Hrib
0%
TrebnjeŠahovec
0%
MirnaSajenice
0%
PostojnaSajevče
0%
Kostanjevica na KrkiSajevce
0%
RibnicaSajevec
0%
Nova GoricaSaksid
0%
JuršinciSakušak
0%
PuconciŠalamenci
0%
KočevjeŠalka vas
0%
HorjulSamotorica
0%
VipavaSanabor
0%
KostelSapnik
0%
IgSarsko
0%
MakoleSavinsko
0%
HrastnikŠavna Peč
0%
Šmartno pri LitijiŠčit
0%
ČrnomeljSečje selo
0%
KrškoŠedem
0%
ŠentjurŠedina
0%
PodčetrtekSedlarjevo
0%
PodlehnikSedlašek
0%
LaškoSedraž
0%
ŠkocjanSegonje
0%
ApačeSegovci
0%
TrebnjeSejenice
0%
Velike LaščeSekirišče
0%
TolminSela nad Podmelcem
0%
ŽužemberkSela pri Ajdovcu
0%
Ivančna GoricaSela pri Dobu
0%
Dolenjske TopliceSela pri Dol. Toplicah
0%
ČrnomeljSela pri Dragatušu
0%
ŽužemberkSela pri Hinjah
0%
MetlikaSela pri Jugorju
0%
KamnikSela pri Kamniku
0%
KrškoSela pri Raki
0%
Novo MestoSela pri Ratežu
0%
ŠentjernejSela pri Šentjerneju
0%
GrosupljeSela pri Šmarju
0%
Ivančna GoricaSela pri Sobračah
0%
Novo MestoSela pri Štravberku
0%
TrebnjeSela pri Šumberku
0%
Ivančna GoricaSela pri Višnji Gori
0%
TolminSela pri Volčah
0%
SemičSela pri Vrčicah
0%
Novo MestoSela pri Zajčjem Vrhu
0%
Šmarješke TopliceSela pri Zburah
0%
SevnicaSelce nad Blanco
0%
KrškoSelce pri Leskovcu
0%
MoravčeSelce pri Moravčah
0%
ČrnomeljSelce pri Špeharjih
0%
Ravne na KoroškemSele - del
0%
Slovenska BistricaSele pri Polskavi
0%
Dolenjske Toplice | TolminSelišče
0%
Sveti Jurij ob ŠčavniciSelišči
0%
IgSelnik
0%
LaškoSelo nad Laškim
0%
Dobrova–Polhov GradecSelo nad Polhovim Gradcem
0%
KostelSelo pri Kostelu
0%
MirnaSelo pri Mirni
0%
MoravčeSelo pri Moravčah
0%
LjubljanaSelo pri Pancah
0%
Ivančna GoricaSelo pri Radohovi vasi
0%
Velike LaščeSelo pri Robu
0%
VodiceSelo pri Vodicah
0%
VranskoSelo pri Vranskem
0%
Mirna PečSelo pri Zagorici
0%
Zagorje ob SaviSelo pri Zagorju
0%
Šmartno pri LitijiSelšek
0%
MirnaSelska Gora
0%
Slovenske KonjiceSelski Vrh
0%
Zagorje ob SaviŠemnik
0%
ŽalecŠempeter v Savinj. dolini
0%
DivačaSenadole
0%
SežanaSenadolice
0%
VelenjeŠenbric
0%
MedvodeSeničica
0%
Kanal ob SočiSeniški Breg
0%
Šmarje pri JelšahSenovica
0%
Krško | LaškoSenožete
0%
Zagorje ob SaviŠentgotard
0%
MislinjaŠentilj pod Turjakom
0%
VuzenicaŠentjanž nad Dravčami
0%
ŠtoreŠentjanž nad Štorami
0%
CeljeŠentjungert
0%
Mirna PečŠentjurij na Dolenjskem
0%
Ivančna GoricaŠentjurje
0%
SevnicaŠentjur na Polju
0%
Zagorje ob SaviŠentlambert
0%
Slovenska BistricaŠentovec
0%
LjubljanaŠentpavel
0%
Ivančna GoricaŠentpavel na Dolenjskem
0%
DomžaleŠentpavel pri Domžalah
0%
Šmarje pri JelšahŠentvid pri Grobelnem
0%
LukovicaŠentvid pri Lukovici
0%
ŠentjurŠentvid pri Planini
0%
ŠoštanjŠentvid pri Zavodnju
0%
TolminŠentviška Gora
0%
KrškoSenuše
0%
RogašovciSerdica
0%
MoravčeSerjuče
0%
Šmarje pri JelšahŠerovo
0%
PreboldŠešče pri Preboldu
0%
Rače-FramŠestdobe
0%
MajšperkSestrže
0%
LenartŠetarova
0%
Dobrova–Polhov Gradec | MedvodeSetnica - del
0%
Dobrova–Polhov GradecSetnik
0%
LaškoSevce
0%
Slovenska BistricaSevec
0%
Škofja LokaŠevlje
0%
ŠentjurŠibenik
0%
PivkaŠilentabor
0%
VelenjeSilova
0%
BrežiceSilovec
0%
ČrnomeljSinji Vrh
0%
VodiceŠinkov Turn
0%
SodražicaSinovica
0%
ČrnomeljŠipek
0%
LaškoŠirje
0%
LitijaŠirmanski Hrib
0%
LitijaŠiroka Set
0%
LjutomerSitarovci
0%
MajšperkSitež
0%
Hrpelje-KozinaSkadanščina
0%
Slovenske KonjiceŠkalce
0%
VelenjeŠkalske Cirkovce
0%
Velike LaščeŠkamevec
0%
DobjeŠkarnice
0%
Slovenske KonjiceŠkedenj
0%
MetlikaŠkemljevec
0%
Zagorje ob SaviŠklendrovec
0%
LaškoŠkofce
0%
TrbovljeŠkofja Riža
0%
ZrečeSkomarje
0%
VidemSkorišnjak
0%
Šmartno ob PakiSkorno
0%
ŠoštanjSkorno pri Šoštanju
0%
Sevnica | TrebnjeŠkovec
0%
RibnicaŠkrajnek
0%
MajšperkSkrblje
0%
Ivančna Gorica | MirnaŠkrjanče
0%
Novo MestoŠkrjanče pri Novem mestu
0%
DomžaleŠkrjančevo
0%
ŠentrupertŠkrljevo
0%
Velike LaščeŠkrlovica
0%
SevnicaSkrovnik
0%
Šmarje pri JelšahSladka Gora
0%
LjutomerSlamnjak
0%
CeljeSlance
0%
SevnicaSlančji Vrh
0%
Sveti Jurij ob ŠčavniciSlaptinci
0%
PesnicaSlatenik
0%
DobjeSlatina pri Dobjem
0%
ŠentjurSlatina pri Ponikvi
0%
CeljeSlatina v Rožni dolini
0%
KungotaSlatinski Dol
0%
Sveti Andraž v Slovenskih GoricahSlavšina
0%
KostelSlavski Laz
0%
Mokronog-TrebelnoSlepšek
0%
Kostanjevica na KrkiSlinovce
0%
ŠentjurSlivnica pri Celju
0%
LaškoSlivno
0%
BrežiceSlogonsko
0%
Velike LaščeSloka Gora
0%
ŠentjernejŠmalčja vas
0%
SevnicaŠmarčna
0%
CeljeŠmarjeta pri Celju
0%
VelenjeŠmartinske Cirkovce
0%
NazarjeŠmartno ob Dreti
0%
CeljeŠmartno v Rožni dolini
0%
KobaridSmast
0%
BraslovčeŠmatevž
0%
KrškoSmečice
0%
KrškoSmednik
0%
MozirjeŠmihel nad Mozirjem
0%
PostojnaŠmihel pod Nanosom
0%
ŽužemberkŠmihel pri Žužemberku
0%
CeljeŠmiklavž pri Škofji vasi
0%
LaškoŠmohor
0%
Gorenja Vas–PoljaneSmoldno
0%
Novo MestoSmolenja vas
0%
ŽeleznikiSmoleva
0%
KamnikSmrečje v Črni
0%
ŠkofljicaSmrjene
0%
BrežiceSobenja vas
0%
Ivančna GoricaSobrače
0%
TišinaSodišinci
0%
SemičSodji Vrh
0%
PodčetrtekSodna vas
0%
Slovenske KonjiceSojek
0%
KoperSokoliči
0%
Litija | Zagorje ob SaviSopota
0%
ŠentjurSotensko pod Kalobjem
0%
Šmarje pri JelšahSotensko pri Šmarju
0%
MoravčeSoteska pri Moravčah
0%
VidemSoviče
0%
SemičSovinek
0%
Sveti Jurij ob Ščavnici | Trnovska VasSovjak
0%
Gorenja Vas–PoljaneSovodenj
0%
ŽiriSovra
0%
ČrnomeljŠpeharji
0%
Slovenske KonjiceŠpitalič pri Slov. Konjicah
0%
BenediktSpodnja Bačkova
0%
PreddvorSpodnja Bela
0%
KočevjeSpodnja Bilpa
0%
PoljčaneSpodnja Brežnica
0%
Šmartno pri LitijiSpodnja Jablanica
0%
MoravčeSpodnja Javoršica
0%
IdrijaSpodnja Kanomlja
0%
PodvelkaSpodnja Kapla
0%
Rogaška SlatinaSpodnja Kostrivnica
0%
KrškoSpodnja Libna
0%
RadovljicaSpodnja Lipnica
0%
Slovenska BistricaSpodnja Nova vas
0%
Radlje ob DraviSpodnja Orlica
0%
BrežiceSpodnja Pohanca
0%
Šmarje pri JelšahSpodnja Ponkvica
0%
Slovenske KonjiceSpodnja Pristava
0%
Laško | Rečica ob SavinjiSpodnja Rečica
0%
MedvodeSpodnja Senica
0%
MajšperkSpodnja Sveča
0%
Radlje ob DraviSpodnja Vižinga
0%
ŽeleznikiSpodnje Danje
0%
KrškoSpodnje Dule
0%
GrosupljeSpodnje Duplice
0%
BraslovčeSpodnje Gorče
0%
Slovenske KonjiceSpodnje Grušovje
0%
ŽalecSpodnje Grušovlje
0%
PesnicaSpodnje Hlapje
0%
DomžaleSpodnje Jarše
0%
LitijaSpodnje Jelenje
0%
LukovicaSpodnje Koseze
0%
NazarjeSpodnje Kraše
0%
Slovenske KonjiceSpodnje Laže
0%
GorjeSpodnje Laze
0%
LukovicaSpodnje Loke
0%
Šmarje pri JelšahSpodnje Mestinje
0%
SevnicaSpodnje Mladetiče
0%
Rogaška SlatinaSpodnje Negonje
0%
KamnikSpodnje Palovče
0%
KrškoSpodnje Pijavško
0%
Rečica ob SavinjiSpodnje Pobrežje
0%
PoljčaneSpodnje Poljčane
0%
LukovicaSpodnje Prapreče
0%
Slovenska BistricaSpodnje Prebukovje
0%
Slovenske KonjiceSpodnje Preloge
0%
ŽalecSpodnje Roje
0%
Rogaška SlatinaSpodnje Sečovo
0%
Šmarje pri JelšahSpodnje Selce
0%
ŠentjurSpodnje Slemene
0%
ZrečeSpodnje Stranice
0%
Šmarje pri JelšahSpodnje Tinsko
0%
Sveta Trojica v Slovenskih GoricahSpodnje Verjane
0%
SevnicaSpodnje Vodale
0%
KungotaSpodnje Vrtiče
0%
Rogaška SlatinaSpodnji Gabernik
0%
KidričevoSpodnji Gaj pri Pragerskem
0%
Slovenske KonjiceSpodnji Jernej
0%
RadenciSpodnji Kocjan
0%
VidemSpodnji Leskovec
0%
RadovljicaSpodnji Otok
0%
LukovicaSpodnji Petelinjek
0%
MoravčeSpodnji Prekar
0%
Zagorje ob SaviSpodnji Šemnik
0%
KrškoSpodnji Stari Grad
0%
MoravčeSpodnji Tuštanj
0%
IdrijaSpodnji Vrsnik
0%
RazkrižjeŠprinc
0%
RadenciŠratovci
0%
ŠentiljSrebotje
0%
Novo MestoSrebrniče
0%
Bistrica ob SotliSrebrnik
0%
SemičSredgora
0%
SevnicaSrednik
0%
PreddvorSrednja Bela
0%
RadovljicaSrednja Dobrava
0%
IdrijaSrednja Kanomlja
0%
KranjSrednja vas - Goriče
0%
Gorenja Vas–PoljaneSrednja vas-Poljane
0%
Dobrova–Polhov GradecSrednja vas pri Polh. Grad.
0%
ŠenčurSrednja vas pri Šenčurju
0%
KrškoSrednje Arto
0%
KranjSrednje Bitnje
0%
Gorenja Vas–PoljaneSrednje Brdo
0%
Novo MestoSrednje Grčevje
0%
DomžaleSrednje Jarše
0%
Mokronog-TrebelnoSrednje Laknice
0%
KrškoSrednje Pijavško
0%
Mirna PečSrednji Globodol
0%
ŽužemberkSrednji Lipovec
0%
KostelSrednji Potok
0%
KrškoSremič
0%
KostelSrobotnik ob Kolpi
0%
Velike LaščeSrobotnik pri Vel. Laščah
0%
ŠentjurSrževica
0%
Slovenske KonjiceŠtajerska vas
0%
SevnicaŠtajngrob
0%
KočevjeŠtalcerji
0%
MajšperkStanečka vas
0%
Šmartno pri LitijiŠtangarske Poljane
0%
Škofja LokaStaniše
0%
BrežiceStankovo
0%
PodlehnikStanošina
0%
KobaridStanovišče
0%
PoljčaneStanovsko
0%
ŠkocjanStara Bučka
0%
ŠentiljStara Gora pri Šentilju
0%
Šmartno pri LitijiStara Gora pri Vel.Gabru
0%
ČrnomeljStara Lipa
0%
Škofja LokaStara Loka
0%
Gorenja Vas–PoljaneStara Oselica
0%
PivkaStara Sušica
0%
BrežiceStara vas-Bizeljsko
0%
Slovenske KonjiceStare Slemene
0%
Dolenjske TopliceStare Žage
0%
KočevjeStari Breg
0%
RadečeStari Dvor
0%
KrškoStari Grad v Podbočju
0%
SemičStarihov Vrh
0%
KočevjeStaro Brezje
0%
KidričevoStarošince
0%
Mokronog-TrebelnoŠtatenberk
0%
ŽužemberkStavča vas
0%
Gornja RadgonaStavešinci
0%
Gornja RadgonaStavešinski Vrh
0%
KamnikStebljevek
0%
Cerklje na GorenjskemŠtefanja Gora
0%
TrebnjeŠtefan pri Trebnjem
0%
MoravčeStegne
0%
TrebnjeStehanja vas
0%
KostelStelnik
0%
VitanjeStenica
0%
KoperStepani
0%
Nova GoricaSteske
0%
Škofja LokaStirpnik
0%
Cerklje na GorenjskemStiška vas
0%
SežanaŠtjak
0%
Radlje ob DraviŠt. Janž pri Radljah
0%
GrosupljeŠt. Jurij
0%
Apače | MajšperkStogovci
0%
BrežiceStojanski Vrh
0%
KamnikStolnik
0%
KrškoStolovnik
0%
LaškoStopce
0%
ŠentjurStopče
0%
Velike LaščeStope
0%
MajšperkStoperce
0%
Novo MestoStopiče
0%
Tolmin | VranskoStopnik
0%
Makole | ŠkocjanStopno
0%
Zagorje ob SaviStrahovlje
0%
PodlehnikStrajna
0%
PostojnaStrane
0%
ZrečeStranice
0%
TrebnjeStranje pri Dobrniču
0%
ŠkocjanStranje pri Škocjanu
0%
TrebnjeStranje pri Velikem Gabru
0%
Dobrova–Polhov Gradec | Novo MestoStranska vas
0%
Ivančna GoricaStranska vas ob Višnjici
0%
SemičStranska vas pri Semiču
0%
MakoleStranske Makole
0%
LitijaStranski Vrh
0%
ŠentjurStraška Gorca
0%
Novo MestoŠtravberk
0%
ŠentjurStraža na Gori
0%
VojnikStraža pri Dolu
0%
KrškoStraža pri Krškem
0%
MoravčeStraža pri Moravčah
0%
VojnikStraža pri Novi Cerkvi
0%
OplotnicaStraža pri Oplotnici
0%
KrškoStraža pri Raki
0%
LenartStraže
0%
KidričevoStražgonjca
0%
VojnikStražica
0%
ČrnomeljStražnji Vrh
0%
DornavaStrejaci
0%
SemičŠtrekljevec
0%
Šmarješke TopliceStrelac
0%
LaškoStrensko
0%
ŠentiljŠtrihovec
0%
ŠkocjanŠtrit
0%
Velike LaščeStrletje
0%
DobrnaStrmec nad Dobrno
0%
DestrnikStrmec pri Destrniku
0%
VidemStrmec pri Leskovcu
0%
Rogaška SlatinaStrmec pri Sv. Florijanu
0%
KrškoStrmo Rebro
0%
Šmarje pri JelšahStrtenica
0%
Slovenske KonjiceStrtenik
0%
MakoleStrug
0%
PuconciStrukovci
0%
KostelStružnica
0%
Sevnica | TolminStržišče
0%
Ilirska BistricaStudena Gora
0%
Hrastnik | ŽalecStudence
0%
Medvode | RadovljicaStudenčice
0%
DomžaleStudenec pri Krtini
0%
PoljčaneStudenice
0%
Gorenja Vas–PoljaneStudor
0%
BohinjStudor v Bohinju
0%
Komenda | LitijaSuhadole
0%
KranjSuha pri Predosljah
0%
KočevjeSuhi Potok
0%
Moravske Toplice | PrevaljeSuhi Vrh
0%
PivkaSuhorje
0%
Dolenjske TopliceSuhor pri Dol. Toplicah
0%
LitijaŠumnik
0%
Ivančna GoricaSušica
0%
Kranj | KrškoŠutna
0%
Škofja LokaSv. Andrej
0%
Radlje ob DraviSv. Anton na Pohorju
0%
Škofja LokaSv. Barbara
0%
DravogradSv. Boštjan
0%
ŠentiljSvečane
0%
PodčetrtekSv. Ema
0%
TrbovljeSveta Planina
0%
ŠentjurSvetelka
0%
Škofja LokaSveti Florijan nad Škofjo Loko
0%
KranjSveti Jošt nad Kranjem
0%
DestrnikSvetinci
0%
TrebnjeSvetinja
0%
ŠtoreSvetli Dol
0%
KočevjeSvetli Potok
0%
Rogaška SlatinaSv. Florijan
0%
RibnicaSv. Gregor
0%
ČrnomeljSvibnik
0%
SevnicaSvinjsko
0%
MutaSv. Jernej nad Muto
0%
RogatecSv. Jurij
0%
Škofja LokaSv. Lenart
0%
PreboldSv. Lovrenc
0%
Škofja LokaSv. Ožbolt
0%
Škofja LokaSv. Petra Hrib
0%
MutaSv. Primož nad Muto
0%
VuzenicaSv. Primož na Pohorju
0%
Škofja LokaSv. Tomaž
0%
BenediktSv. Trije Kralji v Slov. gor.
0%
Sveta Trojica v Slovenskih GoricahSv. Trojica v Slov. goricah
0%
Mokronog-TrebelnoSv. Vrh
0%
ŠentjurTajhte
0%
ČrnomeljTalčji Vrh
0%
ČrnomeljTanča Gora
0%
KranjTatinec
0%
MedvodeTehovec
0%
Rogaška SlatinaTekačevo
0%
SevnicaTelče
0%
SevnicaTelčice
0%
Ivančna GoricaTemenica
0%
TolminTemljine
0%
Slovenske KonjiceTepanjski Vrh
0%
Sveti Jurij ob ŠčavniciTerbegovci
0%
VranskoTešova
0%
LitijaTihaboj
0%
Slovenska BistricaTinjska Gora
0%
Zagorje ob SaviTirna
0%
KostelTišenpolj
0%
DobrepoljeTisovec
0%
LitijaTlaka
0%
Grosuplje | RogatecTlake
0%
Gorenja Vas–PoljaneTodraž
0%
Ivančna GoricaTolčane
0%
TolminTolminske Ravne
0%
TolminTolminski Lom
0%
MislinjaTolsti Vrh pri Mislinji
0%
Dravograd | Ravne na KoroškemTolsti Vrh p. R. na K. - del
0%
Velike LaščeTomažini
0%
ŠkocjanTomažja vas
0%
VojnikTomaž nad Vojnikom
0%
IgTomišelj
0%
KočevjeTopla Reber
0%
Mengeš | Rogaška SlatinaTopole
0%
ŽeleznikiTopolje
0%
CankovaTopolovci
0%
KozjeTopolovo
0%
MedvodeTopol pri Medvodah
0%
BraslovčeTopovlje
0%
VodiceTorovo
0%
LaškoTovsto
0%
Cerklje na GorenjskemTrata pri Velesovem
0%
ŠentjurTratna ob Voglajni
0%
ŠentjurTratna pri Grobelnem
0%
SodražicaTravna Gora
0%
Novo MestoTravni Dol
0%
MirnaTrbinc
0%
VrhnikaTrčkov Grič
0%
VidemTrdobojci
0%
TrebnjeTrebanjski Vrh
0%
ŽužemberkTrebča vas
0%
Bistrica ob SotliTrebče
0%
KamnikTrebelno pri Palovčah
0%
CerknoTrebenče
0%
Brežice | Ivančna GoricaTrebež
0%
Gorenja Vas–PoljaneTrebija
0%
Ivančna GoricaTrebnja Gorica
0%
SemičTrebnji Vrh
0%
CeljeTremerje
0%
DravogradTribej
0%
RogatecTrlično
0%
StaršeTrniče
0%
LukovicaTrnjava
0%
LukovicaTrnovče
0%
ŠentjurTrnovec pri Dramljah
0%
Slovenska BistricaTrnovec pri Slovenski Bistrici
0%
LaškoTrnov Hrib
0%
Ivančna GoricaTrnovica
0%
CeljeTrnovlje pri Celju
0%
VojnikTrnovlje pri Socki
0%
KobaridTrnovo ob Soči
0%
KamnikTrobelno
0%
LaškoTrobni Dol
0%
LaškoTrojno
0%
TišinaTropovci
0%
GrosupljeTroščine
0%
BenediktTrotkova
0%
SevnicaTrščina
0%
ŠentjurTrška Gorca
0%
Hrpelje-KozinaTublje pri Hrpeljah
0%
KamnikTučna
0%
LjubljanaTuji Grm
0%
KoperTuljaki
0%
Rogaška SlatinaTuncovec
0%
KamnikTunjiška Mlaka
0%
PreddvorTupaliče
0%
Slovenska BistricaTuriška vas na Pohorju
0%
RadenciTurjanci
0%
RadenciTurjanski Vrh
0%
HrastnikTurje
0%
ŠentjurTurno
0%
DomžaleTurnše
0%
ČrnomeljTušev Dol
0%
LukovicaUčak
0%
ČrnomeljUčakovci
0%
GrosupljeUdje
0%
LaškoUdmat
0%
OplotnicaUgovec
0%
Kanal ob SočiUkanje
0%
HrastnikUnično
0%
ŠentjurUniše
0%
Slovenska BistricaUrh
0%
VodiceUtik
0%
SežanaUtovlje
0%
Velike LaščeUzmani
0%
PesnicaVajgen
0%
Ivančna GoricaValična vas
0%
Škofja LokaValterski Vrh
0%
TišinaVanča vas
0%
PuconciVaneča
0%
VidemVareja
0%
MakoleVaroš
0%
Rečica ob SavinjiVarpolje
0%
Cerklje na GorenjskemVašca
0%
DivačaVatovlje
0%
TrebnjeVavpča vas pri Dobrniču
0%
StražaVavta vas
0%
RogašovciVečeslavci
0%
DobjeVečje Brdo
0%
TrebnjeVejar
0%
ŠentjurVejice
0%
PostojnaVelika Brda
0%
Ivančna GoricaVelika Dobrava
0%
LitijaVelika Goba
0%
SevnicaVelika Hubajnica
0%
GrosupljeVelika Ilova Gora
0%
Šmartno pri LitijiVelika Kostrevnica
0%
ČrnomeljVelika Lahinja
0%
KamnikVelika Lašna
0%
VrhnikaVelika Ligojna
0%
LitijaVelika Preska
0%
PivkaVelika Pristava
0%
GrosupljeVelika Račna
0%
VojnikVelika Raven
0%
ČrnomeljVelika sela
0%
TrebnjeVelika Ševnica
0%
Šmartno pri LitijiVelika Štanga
0%
GrosupljeVelika Stara vas
0%
Mokronog-TrebelnoVelika Strmica
0%
VidemVelika Varnica
0%
KrškoVelika vas pri Krškem
0%
Novo MestoVelike Brusnice
0%
Ivančna GoricaVelike Češnjice
0%
TrebnjeVelike Dole
0%
Ivančna GoricaVelike Dole pri Temenici
0%
LaškoVelike Gorelce
0%
LaškoVelike Grahovše
0%
Ivančna GoricaVelike Kompolje
0%
Ivančna GoricaVelike Lese
0%
GrosupljeVelike Lipljene
0%
Hrpelje-KozinaVelike Loče
0%
BrežiceVelike Malence
0%
Ivančna GoricaVelike Pece
0%
Ivančna GoricaVelike Rebrce
0%
Rogaška SlatinaVelike Rodne
0%
Kostanjevica na KrkiVelike Vodenice
0%
Ivančna GoricaVelike Vrhe
0%
ŠentjernejVeliki Ban
0%
Selnica ob DraviVeliki Boč
0%
Novo MestoVeliki Cerovec
0%
SevnicaVeliki Cirnik
0%
LukovicaVeliki Jelnik
0%
Ivančna Gorica | Mirna PečVeliki Kal
0%
KrškoVeliki Kamen
0%
KrškoVeliki Koren
0%
Ivančna GoricaVeliki Korinj
0%
LjubljanaVeliki Lipoglav
0%
ŽužemberkVeliki Lipovec
0%
Velike LaščeVeliki Ločnik
0%
ČrnomeljVeliki Nerajec
0%
BrežiceVeliki Obrež
0%
Novo MestoVeliki Orehek
0%
Velike LaščeVeliki Osolnik
0%
Novo MestoVeliki Podljuben
0%
KrškoVeliki Podlog
0%
KamnikVeliki Rakitovec
0%
Dolenjske TopliceVeliki Rigelj
0%
Novo MestoVeliki Slatnik
0%
KrškoVeliki Trn
0%
TrebnjeVeliki Videm
0%
LitijaVeliki Vrh pri Litiji
0%
GrosupljeVeliki Vrh pri Šmarju
0%
Ivančna GoricaVeliko Črnelo
0%
Ivančna GoricaVeliko Globoko
0%
ŽužemberkVeliko Lipje
0%
GrosupljeVeliko Mlačevo
0%
KrškoVeliko Mraševo
0%
SežanaVeliko Polje
0%
LaškoVeliko Širje
0%
PostojnaVeliko Ubeljsko
0%
KrškoVeniše
0%
PodčetrtekVerače
0%
Dolenjske TopliceVerdun pri Uršnih selih
0%
MedvodeVerje
0%
LitijaVernek
0%
VojnikVerpete
0%
VodiceVesca
0%
ŠentrupertVesela Gora
0%
Slovenske KonjiceVešenik
0%
Škofja LokaVešter
0%
ŠentjurVezovje
0%
LjutomerVidanovci
0%
LukovicaVidem pri Lukovici
0%
Ivančna GoricaVidem pri Temenici
0%
Slovenska BistricaVidež
0%
GradVidonci
0%
PodčetrtekVidovica
0%
Zagorje ob SaviVidrga
0%
KrškoVihre
0%
KostelVimolj
0%
KočevjeVimolj pri Predgradu
0%
Maribor | Slovenska BistricaVinarje
0%
Škofja LokaVincarje
0%
Vojnik | Zagorje ob SaviVine
0%
Rogaška SlatinaVinec
0%
Gorenja Vas–PoljaneVinharje
0%
Šmarješke TopliceVinica pri Šmarjeti
0%
Novo MestoVinja vas
0%
MoravčeVinje pri Moravčah
0%
SemičVinji Vrh pri Semiču
0%
ŽužemberkVinkov Vrh
0%
DobrnaVinska Gorica
0%
Šmarje pri JelšahVinski Vrh pri Šmarju
0%
Šmartno pri LitijiVintarjevec
0%
RibnicaVintarji
0%
DestrnikVintarovci
0%
Škofja LokaVirlog
0%
Škofja LokaVirmaše
0%
KamnikVir pri Nevljah
0%
Ivančna GoricaVir pri Stični
0%
PodčetrtekVirštanj
0%
ŽužemberkVisejec
0%
GorjeVišelnica
0%
Cerklje na GorenjskemViševca
0%
VojnikVišnja vas
0%
Šmartno pri LitijiVišnji Grm
0%
Škofja LokaVisoko pri Poljanah
0%
VitanjeVitanjsko Skomarje
0%
BrežiceVitna vas
0%
VojnikVizore
0%
LjubljanaVnajnarje
0%
Šmarje pri JelšahVodenovo
0%
KamnikVodice nad Kamnikom
0%
LitijaVodice pri Gabrovki
0%
ŠentjurVodice pri Kalobju
0%
ŠentjurVodice pri Slivnici
0%
LaškoVodiško
0%
ŠentjurVodruž
0%
ŠentjurVoduce
0%
ŠentjurVodule
0%
ŠentjurVoglajna
0%
LjutomerVogričevci
0%
ČrnomeljVojna vas
0%
Gorenja Vas–PoljaneVolaka
0%
TolminVolarje
0%
LjubljanaVolavlje
0%
Gorenja Vas–PoljaneVolča
0%
TolminVolčanski Ruti
0%
Trebnje | Šmartno pri LitijiVolčja Jama
0%
MirnaVolčje Njive
0%
ŠentjernejVolčkova vas
0%
NazarjeVolog
0%
VranskoVologa
0%
KrškoVolovnik
0%
PodčetrtekVonarje
0%
Cerklje na GorenjskemVopovlje
0%
LukovicaVošce
0%
RadovljicaVošče
0%
LitijaVovše
0%
KamnikVranja Peč
0%
SevnicaVranje
0%
LukovicaVranke
0%
ŠentjernejVratno
0%
GrosupljeVrbičje
0%
KrškoVrbina
0%
IgVrbljene
0%
RadovljicaVrbnje
0%
ŠentjurVrbno
0%
ŠentjernejVrbovce
0%
SemičVrčice
0%
DivačaVremski Britof
0%
KozjeVrenska Gorca
0%
Trbovlje | Zagorje ob SaviVrhe - del
0%
SevnicaVrhek
0%
Slovenska BistricaVrhloga
0%
LukovicaVrh nad Krašnjo
0%
LaškoVrh nad Laškim
0%
ŠkofljicaVrh nad Želimljami
0%
Slovenska BistricaVrhole pri Laporju
0%
Slovenska BistricaVrhole pri Slov. Konjicah
0%
MariborVrhov Dol
0%
Mirna PečVrhovo pri Mirni Peči
0%
TrebnjeVrhovo pri Šentlovrencu
0%
ŽužemberkVrhovo pri Žužemberku
0%
BrežiceVrhovska vas
0%
Mirna PečVrhpeč
0%
KamnikVrhpolje pri Kamniku
0%
MoravčeVrhpolje pri Moravčah
0%
Ivančna GoricaVrhpolje pri Šentvidu
0%
SevnicaVrh pri Boštanju
0%
Dol pri LjubljaniVrh pri Dolskem
0%
KostelVrh pri Fari
0%
ŽužemberkVrh pri Hinjah
0%
ŽužemberkVrh pri Križu
0%
Novo MestoVrh pri Ljubnu
0%
Zagorje ob SaviVrh pri Mlinšah
0%
Novo MestoVrh pri Pahi
0%
RibnicaVrh pri Poljanah
0%
KrškoVrh pri Površju
0%
ŠentjernejVrh pri Šentjerneju
0%
Ivančna GoricaVrh pri Sobračah
0%
Mokronog-TrebelnoVrh pri Trebelnem
0%
Ivančna GoricaVrh pri Višnji Gori
0%
LogatecVrh Sv. Treh Kraljev
0%
TrebnjeVrhtrebnje
0%
KrškoVrhulje
0%
Šmarje pri JelšahVršna vas
0%
KungotaVršnik
0%
TrebnjeVrtače
0%
ČrnomeljVukovci
0%
PesnicaVukovski Vrh
0%
Podvelka | Selnica ob DraviVurmat - del
0%
LukovicaV Zideh
0%
Zagorje ob SaviZabava
0%
Gorenja Vas–PoljaneŽabja vas
0%
KrškoŽabjek v Podbočju
0%
ZrečeZabork
0%
Dol pri LjubljaniZaboršt pri Dolu
0%
Ivančna GoricaZaboršt pri Šentvidu
0%
MirnaZabrdje
0%
ŽeleznikiZabrdo
0%
ŽeleznikiZabrekve
0%
Zagorje ob SaviZabreznik
0%
ŽiriZabrežnik
0%
ŽalecZabukovica
0%
Kranj | Vojnik | ŠentrupertZabukovje
0%
SevnicaZabukovje nad Sevnico
0%
KrškoZabukovje pri Raki
0%
CeljeZačret
0%
TolminZadlaz-Čadrg
0%
TolminZadlaz-Žabče
0%
IdrijaZadlog
0%
RibnicaZadniki
0%
Gorenja Vas–PoljaneZadobje
0%
RibnicaZadolje
0%
KrškoŽadovinek
0%
Šmarje pri JelšahZadrže
0%
ŽužemberkZafara
0%
Bistrica ob SotliZagaj
0%
Rogaška SlatinaZagaj pod Bočem
0%
ŠentjurZagaj pri Ponikvi
0%
Gornja RadgonaZagajski Vrh
0%
JuršinciZagorci
0%
KamnikZagorica nad Kamnikom
0%
TrebnjeZagorica pri Čatežu
0%
TrebnjeZagorica pri Dobrniču
0%
Dol pri LjubljaniZagorica pri Dolskem
0%
DomžaleZagorica pri Rovah
0%
TrebnjeZagorica pri Velikem Gabru
0%
GrosupljeZagradec pri Grosupljem
0%
LjubljanaZagradišče
0%
Novo MestoZagrad pri Otočcu
0%
Šmartno pri LitijiZagrič
0%
RogatecŽahenberc
0%
VranskoZahomce
0%
Kamnik | VranskoZajasovnik - del
0%
KočevjeZajčje Polje
0%
ČrnomeljZajčji Vrh
0%
Novo MestoZajčji Vrh pri Stopičah
0%
Dol pri LjubljaniZajelše
0%
Ilirska BistricaZajelšje
0%
Braslovče | PodlehnikZakl
0%
HorjulZaklanec
0%
Gorenja Vas–PoljaneZakobiljek
0%
CerknoZakojca
0%
Ilirska BistricaZalči
0%
ŽužemberkZalisec
0%
DomžaleZalog pod Sv. Trojico
0%
ŠentjurZalog pod Uršulo
0%
Cerklje na GorenjskemZalog pri Cerkljah
0%
MoravčeZalog pri Kresnicah
0%
MoravčeZalog pri Moravčah
0%
ŽalecZalog pri Šempetru
0%
ŠkocjanZalog pri Škocjanu
0%
ŠkofljicaZalog pri Škofljici
0%
ŠentrupertZaloka
0%
Nova GoricaZalošče
0%
RadovljicaZaloše
0%
ŽalecZaloška Gorica
0%
Šmarješke TopliceŽaloviče
0%
ŠentjernejZameško
0%
LogatecZaplana - del
0%
VranskoZaplanina
0%
LitijaZapodje
0%
VodiceZapoge
0%
Gorenja Vas–PoljaneZapreval
0%
ČrnomeljZapudje
0%
RibnicaZapuže pri Ribnici
0%
Ilirska BistricaZarečje
0%
BrežiceZasap
0%
OrmožZasavci
0%
ČrnomeljZastava
0%
Šmarje pri JelšahZastranje
0%
NazarjeZavodice
0%
ŠoštanjZavodnje
0%
RadečeZavrate
0%
Idrija | SevnicaZavratec
0%
DivačaZavrhek
0%
DobrnaZavrh nad Dobrno
0%
MedvodeZavrh pod Šmarno goro
0%
VrhnikaZavrh pri Borovnici
0%
KamnikZavrh pri Črnivcu
0%
ŽalecZavrh pri Galiciji
0%
LukovicaZavrh pri Trojanah
0%
DobjeZavrše pri Dobjem
0%
Šmarje pri JelšahZavrše pri Grobelnem
0%
TrbovljeZavršje
0%
Šmartno pri LitijiZavrstnik
0%
Ivančna GoricaZavrtače
0%
Slovenske KonjiceZbelovo
0%
Slovenske KonjiceZbelovska Gora
0%
Gornja RadgonaZbigovci
0%
KočevjeZdihovo
0%
Novo MestoŽdinja vas
0%
KamnikZduša
0%
RadečeŽebnik
0%
KozjeZeče pri Bučah
0%
ŠentjurŽegar
0%
BrežiceŽejno
0%
VojnikŽelče
0%
Ravne na KoroškemZelen Breg
0%
GrosupljeŽeleznica
0%
Trebnje | ŽalecŽelezno
0%
KočevjeŽeljne
0%
DomžaleŽelodnik
0%
Sveti Jurij ob ŠčavniciŽenik
0%
KrškoŽenje
0%
PuconciZenkovci
0%
CeljeŽepina
0%
ApačeŽepovci
0%
ŠentjernejŽerjavin
0%
ŠenčurŽerjavka
0%
LitijaZglavnica
0%
Velike LaščeZgonče
0%
Sveta AnaZgornja Bačkova
0%
PreddvorZgornja Bela
0%
Slovenska BistricaZgornja Brežnica
0%
Šmartno pri LitijiZgornja Jablanica
0%
MoravčeZgornja Javoršica
0%
LitijaZgornja Jevnica
0%
PodvelkaZgornja Kapla
0%
Rogaška SlatinaZgornja Kostrivnica
0%
RadovljicaZgornja Lipnica
0%
Slovenska BistricaZgornja Nova vas
0%
Ribnica na PohorjuZgornja Orlica
0%
BrežiceZgornja Pohanca
0%
Slovenske Konjice | VidemZgornja Pristava
0%
LaškoZgornja Rečica
0%
Sveta AnaZgornja Ročica
0%
MedvodeZgornja Senica
0%
MajšperkZgornja Sveča
0%
ŽeleznikiZgornje Danje
0%
GrosupljeZgornje Duplice
0%
BraslovčeZgornje Gorče
0%
ŠentiljZgornje Gradišče
0%
OplotnicaZgornje Grušovje
0%
ŽalecZgornje Grušovlje
0%
PesnicaZgornje Hlapje
0%
DomžaleZgornje Jarše
0%
MoravčeZgornje Koseze
0%
Slovenske KonjiceZgornje Laže
0%
GorjeZgornje Laze
0%
LukovicaZgornje Loke
0%
SevnicaZgornje Mladetiče
0%
Rogaška SlatinaZgornje Negonje
0%
KamnikZgornje Palovče
0%
Rečica ob SavinjiZgornje Pobrežje
0%
PoljčaneZgornje Poljčane
0%
LukovicaZgornje Prapreče
0%
Slovenska BistricaZgornje Prebukovje
0%
ŽalecZgornje Roje
0%
Rogaška SlatinaZgornje Sečovo
0%
ŠentjurZgornje Selce
0%
ŠentjurZgornje Slemene
0%
Šmarje pri JelšahZgornje Tinsko
0%
Sveta Trojica v Slovenskih GoricahZgornje Verjane
0%
SevnicaZgornje Vodale
0%
KungotaZgornje Vrtiče
0%
ŠentiljZgornji Dražen Vrh
0%
Rogaška SlatinaZgornji Gabernik
0%
Ribnica na PohorjuZgornji Janževski Vrh
0%
RadenciZgornji Kocjan
0%
Radlje ob DraviZgornji Kozji Vrh
0%
Ribnica na PohorjuZgornji Lehen na Pohorju
0%
VidemZgornji Leskovec
0%
LitijaZgornji Log
0%
KamnikZgornji Motnik
0%
BrežiceZgornji Obrež
0%
RadovljicaZgornji Otok
0%
LukovicaZgornji Petelinjek
0%
MoravčeZgornji Prekar
0%
Zagorje ob SaviZgornji Prhovec
0%
Maribor | Selnica ob DraviZgornji Slemen - del
0%
MoravčeZgornji Tuštanj
0%
ApačeŽiberci
0%
Šmarje pri JelšahZibika
0%
Šmarje pri JelšahZibiška vas
0%
LogatecŽibrše
0%
LaškoŽigon
0%
SevnicaŽigrski Vrh
0%
Novo MestoŽihovo selo
0%
DuplekŽikarce
0%
ČrnomeljZilje
0%
LukovicaŽirovše
0%
ŽiriŽirovski Vrh
0%
Gorenja Vas–PoljaneŽirovski Vrh Sv. Antona
0%
Gorenja Vas–PoljaneŽirovski Vrh Sv. Urbana
0%
NazarjeŽlabor
0%
ZrečeZlakova
0%
VojnikZlateče
0%
ŠentjurZlateče pri Šentjurju
0%
LukovicaZlatenek
0%
RibnicaZlati Rep
0%
LukovicaZlato Polje
0%
MedvodeŽlebe
0%
ŠkocjanZloganje
0%
OplotnicaZlogona Gora
0%
OplotnicaZlogona vas
0%
Ivančna GoricaZnojile pri Krki
0%
SevnicaZnojile pri Studencu
0%
ČrnomeljZorenci
0%
RadenciŽrnova
0%
KamnikŽubejevo
0%
TrebnjeŽubina
0%
RibnicaŽukovo
0%
KamnikŽupanje Njive
0%
BrežiceŽupeča vas
0%
BrežiceŽupelevec
0%
SevnicaŽurkov Dol
0%
ŠentjernejŽvabovo
0%
Zagorje ob SaviŽvarulje
0%
CeljeZvodno
0%

Score Distribution

Percentile by Number Answered

Percent of People with Each Score

Your Score History

You have not taken this quiz